Cars of Top Drives - Statistics

General Stats
  • This quiz has been taken 13 times
  • The average score is 393 of 6002
Answer Stats
Manufacturer Car % Correct
Mazda 2
100%
Rover 200
100%
Mazda 3
100%
Renault 4
100%
Audi 50
100%
Fiat 500 (1957)
100%
Fiat 500 (2017)
100%
Fiat 500 (2020)
100%
Renault 5 (1972)
100%
Renault 5 (1984)
100%
DS | Mazda | Renault 6
100%
Porsche Cayman (2005)
100%
Porsche Cayman (2009)
100%
Porsche Cayman (2012)
100%
Renault Clio (1990)
100%
Renault Clio (1998)
100%
Renault Clio (2005)
100%
Renault Clio (2016)
100%
Honda e
100%
Volkswagen eT!
100%
Alfa Romeo | Citroën | McLaren | Mercedes-AMG GT
100%
Opel GT (1968)
100%
Ford GT (2005)
100%
Opel GT (2007)
100%
Opel GT (2016)
100%
Ford GT (2017)
100%
Subaru Impreza (1992)
100%
Subaru Impreza (2000)
100%
Subaru Impreza (2002)
100%
Ultima RS
100%
Saturn Sky
100%
Renault 18
75%
Caterham 21
75%
Renault 30
75%
Chrysler 300C (1957)
75%
Chrysler 300C (2013)
75%
Mercedes-Benz 600
75%
Audi 80 (B1)
75%
Porsche 911
75%
Koenigsegg Agera
75%
Vauxhall Astra
75%
Volkswagen Beetle (1970)
75%
Suzuki C2
75%
Citroën C3
75%
Chevrolet Camaro
75%
Bugatti Chiron
75%
Lincoln Continental (1956)
75%
Bentley Continental (1984)
75%
Bentley Continental (1989)
75%
Lincoln Continental (1996)
75%
Lincoln Continental (2018)
75%
Aston Martin DB10
75%
Aston Martin DB11
75%
Aston Martin DB4
75%
Aston Martin DB5
75%
Aston Martin DB6
75%
Aston Martin DB7
75%
Aston Martin DB9
75%
Lancia Delta
75%
Lotus Elise
75%
Lotus Esprit (1976)
75%
Lotus Esprit (1988)
75%
Jaguar E-Type
75%
McLaren F1
75%
Ford Fiesta (1976)
75%
Ford Fiesta (1983)
75%
Ford Fiesta (1993)
75%
Ford Fiesta (1997)
75%
Ford Fiesta (2007)
75%
Ford Fiesta ST (2016)
75%
Ford Fiesta ST (2018)
75%
Ford Fiesta ST (2022)
75%
Ford Focus (2004)
75%
Ford Focus (2006)
75%
Ford Focus (2015)
75%
Ford Focus ST (2012)
75%
Ford Focus ST (2019)
75%
Ford Focus ST (2022)
75%
Mitsubishi | Pontiac GTO
75%
Mercedes-AMG GT R
75%
Nissan GT-R
75%
Ultima GTR
75%
Nissan GT-R (R35) (2007)
75%
Nissan GT-R (R35) (2012)
75%
BMW M1
75%
BMW M2
75%
BMW M3 (1986)
75%
BMW M3 (1993)
75%
BMW M3 (2008)
75%
BMW M4
75%
BMW M5 (1985)
75%
BMW M5 (1994)
75%
BMW M5 (1998)
75%
BMW M5 (2004)
75%
BMW M5 (2016)
75%
BMW M5 (2018)
75%
BMW M5 (G90)
75%
BMW M6 (2006)
75%
BMW M6 (2016)
75%
Renault Sport Mégane
75%
Renault Mégane (2002)
75%
Renault Mégane (2008)
75%
Apollo N
75%
Audi RS 4 (B7)
75%
Audi S6
75%
Audi S6 (C6)
75%
Audi S6 (C7)
75%
Mercedes-Benz SLS AMG
75%
Volkswagen up!
75%
Subaru WRX
75%
Subaru WRX (VAG)
75%
BMW X1 (2010)
75%
BMW X1 (2017)
75%
BMW X2
75%
BMW X3
75%
BMW X4
75%
BMW X5
75%
BMW X6
75%
Renault Zo
75%
Nissan Z (RZ34)
75%
Land Rover 110
50%
Renault 12
50%
Renault 14
50%
Peugeot 2008
50%
Chrysler 200 S
50%
Peugeot 208
50%
Austin-Healey 3000
50%
Chrysler 300S (2015)
50%
Chrysler 300S (2018)
50%
Alfa Romeo 33
50%
Rover 400
50%
Alfa Romeo 4C
50%
BMW 507
50%
Peugeot 508
50%
BMW 520i
50%
Matra 530
50%
Alfa Romeo 75
50%
BMW 750i
50%
Rover 800
50%
Alfa Romeo | Land Rover 90
50%
Porsche 911 GT2 (2001)
50%
Porsche 911 GT2 (2007)
50%
Porsche 911 GT2 (996.2)
50%
Porsche 911 GT2 RS (2011)
50%
Porsche 911 GT2 RS (2018)
50%
Porsche 911 GT3 (1999)
50%
Porsche 911 GT3 (2006)
50%
Porsche 911 GT3 (2013)
50%
Porsche 911 GT3 (992)
50%
Porsche 911 GT3 RS (2004)
50%
Porsche 911 GT3 RS (2006)
50%
Porsche 911 GT3 RS (2015)
50%
Porsche 911 GT3 RS (2018)
50%
Porsche 928
50%
Porsche 959
50%
Porsche 968
50%
Alpine A110
50%
Audi A4 (B6)
50%
Lamborghini Aventador S
50%
Lamborghini Aventador SV
50%
Lamborghini Aventador SVJ
50%
Volkswagen Beetle (2011)
50%
Citroën Berlingo (2004)
50%
Citroën Berlingo (2020)
50%
Porsche Boxster (1996)
50%
Porsche Boxster (2005)
50%
Porsche Boxster (2015)
50%
Subaru Brat
50%
Mercedes-AMG C 63
50%
Citroën C8
50%
Volkswagen CC
50%
Dodge Challenger SRT8
50%
Dodge Charger SRT-8
50%
Dodge Charger SRT8
50%
Honda Civic
50%
Mini Clubman
50%
Mini Cooper (2006)
50%
Mini Cooper (2016)
50%
Cadillac CTS (2005)
50%
Cadillac CTS (2008)
50%
Aston Martin DBS
50%
Aston Martin DBX
50%
Land Rover Defender 90
50%
Bugatti Divo
50%
Citroën DS 4
50%
Lotus Elan
50%
Lotus Elise S
50%
Buick Encore (2013)
50%
Buick Encore (2020)
50%
Ford Escort
50%
Ford F-150 (2007)
50%
Ford F-150 (2021)
50%
Ford F-150 Raptor
50%
Pontiac Firebird
50%
Bentley Flying Spur (2018)
50%
Bentley Flying Spur (2020)
50%
Ford Focus RS (2002)
50%
Ford Focus RS (2009)
50%
Ford Focus RS (2016)
50%
Subaru Forester (1998)
50%
Subaru Forester (2002)
50%
Subaru Forester (2008)
50%
Subaru Forester (2016)
50%
Subaru Forester (SJ)
50%
Smart Forfour
50%
Smart Fortwo
50%
Pontiac G6
50%
Lamborghini Gallardo
50%
Lamborghini Gallardo Superleggera
50%
Buick GNX
50%
Volkswagen Golf (1974)
50%
Volkswagen Golf (1983)
50%
Volkswagen Golf (1991)
50%
Volkswagen Golf (1997)
50%
Volkswagen Golf (2003)
50%
Volkswagen Golf (2017)
50%
Volkswagen Golf GTI (1982)
50%
Volkswagen Golf GTI (1985)
50%
Volkswagen Golf GTI (1991)
50%
Volkswagen Golf GTI (1997)
50%
Volkswagen Golf GTI (2004)
50%
Volkswagen Golf GTI (2009)
50%
Volkswagen Golf GTI (2013)
50%
Volkswagen Golf GTI (2020)
50%
Volkswagen Golf R (2012)
50%
Volkswagen Golf R (2015)
50%
Volkswagen Golf R (2021)
50%
Shelby GT350
50%
Mercedes-AMG GT4
50%
Shelby GT500 (2011)
50%
Shelby GT500 (2013)
50%
Nissan GT-R Nismo
50%
Mercedes-AMG GT S
50%
Farboud GTS
50%
Hummer H3
50%
Hummer H3T (2004)
50%
Hummer H3T (2009)
50%
Lamborghini Huracán Performante
50%
Lamborghini Huracán Spyder
50%
BMW i3
50%
Infiniti I30 (A32)
50%
Hyundai i30 N
50%
Volkswagen ID.
50%
Volkswagen ID. Buzz
50%
Chevrolet Impala (1959)
50%
Chevrolet Impala (1977)
50%
Chevrolet Impala (2006)
50%
Chevrolet Impala (2016)
50%
Peugeot iOn
50%
Saturn Ion
50%
Volkswagen Jetta (1980)
50%
Volkswagen Jetta (2004)
50%
Volkswagen Jetta (2008)
50%
Volkswagen Jetta (2011)
50%
Volkswagen Jetta (2019)
50%
Ford Kuga
50%
Aston Martin Lagonda
50%
Renault Laguna (1994)
50%
Renault Laguna (2001)
50%
Renault Laguna (2007)
50%
Bugatti La Voiture Noire
50%
Nissan Leaf
50%
Nissan Leaf (ZE1)
50%
Subaru Legacy (1990)
50%
Subaru Legacy (1993)
50%
Subaru Legacy (1998)
50%
Subaru Legacy (2003)
50%
Subaru Legacy (2009)
50%
Subaru Legacy (2016)
50%
Subaru Legacy (BW)
50%
Arash LM
50%
Chevrolet Malibu (1998)
50%
Chevrolet Malibu (2008)
50%
Chevrolet Malibu (2014)
50%
Chevrolet Malibu (2019)
50%
Ford Mustang GT (1988)
50%
Ford Mustang GT (1996)
50%
Ford Mustang GT (2005)
50%
Ford Mustang GT (2016)
50%
Honda NSX (1990)
50%
Acura NSX (1991)
50%
Acura NSX (2002)
50%
Honda NSX (2016)
50%
Koenigsegg One:1
50%
Mini One (2002)
50%
Mini One (2012)
50%
Mini One (2016)
50%
Volkswagen Polo (1976)
50%
Volkswagen Polo (1984)
50%
Volkswagen Polo (1994)
50%
Volkswagen Polo (2003)
50%
Volkswagen Polo (2009)
50%
Volkswagen Polo (2018)
50%
Audi Q3
50%
Audi Q3 (8U)
50%
Infiniti Q50
50%
Infiniti Q70
50%
Audi quattro (1980)
50%
Audi quattro (1983)
50%
Subaru R1
50%
Koenigsegg Regera
50%
Audi RS 5 (B8)
50%
Audi RS 5 (B9)
50%
Audi RS 7 (C8)
50%
Audi | Bentley | Saleen S1
50%
Bentley S2
50%
Audi | Bentley S3
50%
Audi S3 (8L)
50%
Audi S4
50%
Audi S4 (1998)
50%
Audi S4 (2004)
50%
Audi S4 (B7)
50%
Audi S4 (B9)
50%
Audi S5 (B8.5)
50%
Audi S5 (F5)
50%
Donkervoort | Saleen S7
50%
Audi S7 (C8)
50%
Audi | Donkervoort S8
50%
Audi S8 (D2)
50%
Audi S8 (D4)
50%
Audi S8 (D5)
50%
Nissan Skyline GT-R (R32)
50%
Nissan Skyline GT-R (R33)
50%
Nissan Skyline GT-R (R34)
50%
Mercedes-Benz SLR McLaren
50%
Range Rover Sport (2004)
50%
Range Rover Sport (2018)
50%
Maserati | Ultima Spyder
50%
Cadillac SRX (2006)
50%
Cadillac SRX (2010)
50%
Chevrolet SS (2003)
50%
Chevrolet SS (2014)
50%
Lancia Stratos
50%
Suzuki Swift (2016)
50%
Suzuki Swift (2024)
50%
Suzuki Swift (RS)
50%
Suzuki Swift (SF)
50%
Volkswagen Tiguan (2011)
50%
Volkswagen Tiguan (2017)
50%
GMC Typhoon
50%
Volkswagen up! GTI
50%
Lamborghini Urus
50%
Lamborghini Urus S
50%
Aston Martin Vanquish
50%
Aston Martin Vantage (1993)
50%
Aston Martin Vantage (2019)
50%
Range Rover Velar
50%
BMW XM (G09)
50%
Renault Zoe
50%
Ford 021C
25%
Peugeot 1007
25%
McLaren 12C
25%
Alfa Romeo 147
25%
Alfa Romeo 147 GTA
25%
Alfa Romeo 155
25%
Alfa Romeo 156 GTA
25%
Alfa Romeo 159
25%
Renault 16
25%
BMW 1800
25%
Nissan 180SX (S13)
25%
Citroën 19_19
25%
Nissan 200SX
25%
Nissan 200SX (S14)
25%
Peugeot 206 GTi
25%
Peugeot 207 GTi
25%
Peugeot 208 GTi
25%
Datsun 240Z
25%
Nissan 260Z
25%
Nissan 280Z
25%
Peugeot 3008
25%
Chrysler 300M
25%
Mercedes-Benz 300 SL
25%
Nissan 300ZX (Z31)
25%
Nissan 300ZX (Z32)
25%
Peugeot 306 S16
25%
Peugeot 308
25%
BMW 316
25%
BMW 320d
25%
BMW 330i
25%
BMW 340i
25%
Lamborghini 350 GT
25%
Lamborghini 350 GTS
25%
Nissan 350Z
25%
Nissan 370Z
25%
Nissan 370Z Nismo (2009)
25%
Nissan 370Z Nismo (2015)
25%
Bristol 406
25%
Bristol 410
25%
Maserati 430
25%
BMW 440i
25%
Renault 4cv
25%
Maserati 5000 GT
25%
Fiat 500X
25%
BMW 520d
25%
BMW 530i
25%
BMW 530i (G60)
25%
BMW 545i
25%
BMW 550i
25%
Porsche 550 Spyder
25%
Renault 5 GTL
25%
Fiat 600e
25%
Mazda 6 2.0
25%
Mazda 6 2.3
25%
Rover 623
25%
Porsche 718 Boxster
25%
Porsche 718 Cayman
25%
BMW 730d (2005)
25%
BMW 730d (2008)
25%
BMW 730i
25%
BMW 760i
25%
Volvo 850 R
25%
Porsche 911 Carrera (1994)
25%
Porsche 911 Carrera (2004)
25%
Porsche 911 Carrera (2016)
25%
Porsche 911 Carrera 4 (1989)
25%
Porsche 911 Carrera 4 (2000)
25%
Porsche 911 GT3 Touring (992)
25%
Porsche 911 GTS (992)
25%
Porsche 911 R
25%
Porsche 911 Turbo (1990)
25%
Porsche 911 Turbo (1995)
25%
Porsche 911 Turbo (2001)
25%
Porsche 911 Turbo (2006)
25%
Porsche 911 Turbo (2013)
25%
Porsche 911 Turbo S
25%
Porsche 912
25%
Porsche 914
25%
Porsche 918 Spyder
25%
Porsche 924
25%
Porsche 944
25%
Alpine A110 Cup
25%
Alpine A110 R
25%
Alpine A110 Rally
25%
Alpine A210
25%
Alpine A220
25%
Mercedes-AMG A 45
25%
Fiat Abarth 595
25%
AC Aceca V8
25%
AC Ace V8
25%
Cadillac Aera
25%
Morgan Aero 8 GT3
25%
Morgan Aero 8 GTN
25%
Morgan Aero 8 race car
25%
Koenigsegg Agera Final
25%
Koenigsegg Agera R
25%
Koenigsegg Agera RS
25%
Cadillac Allanté (1989)
25%
Cadillac Allanté (1993)
25%
Austin Allegro
25%
Suzuki Alto
25%
Suzuki Alto (HA36)
25%
Volvo Amazon
25%
Gumpert Apollo
25%
Gumpert Apollo Enraged
25%
Gumpert Apollo R
25%
Gumpert Apollo S
25%
Volkswagen Arteon
25%
Vauxhall Astra 1.2
25%
Vauxhall Astra 1.4i (1991)
25%
Vauxhall Astra 1.4i (1998)
25%
Vauxhall Astra 1.6
25%
Mazdaspeed Atenza
25%
Ariel Atom 1
25%
Ariel Atom 3
25%
Ariel Atom 4
25%
Ariel Atom 4R
25%
Oldsmobile Aurora
25%
Zenvo Aurora Agil
25%
Zenvo Aurora Tur
25%
Chevrolet Avalanche
25%
Autozam AZ-1
25%
Pontiac Aztek
25%
Bentley Bacalar
25%
Automobili Pininfarina Battista
25%
Automobili Pininfarina Battista Anniversario
25%
Bentley Batur
25%
Chevrolet | Rezvani Beast
25%
Rezvani Beast Alpha
25%
Rezvani Beast Alpha X
25%
Rezvani Beast X
25%
Honda Beat
25%
Bentley Belonging Bentayga
25%
Bentley Bentayga W12
25%
De Tomaso Biguà
25%
Porsche Boxster S
25%
Oldsmobile Bravada (1991)
25%
Oldsmobile Bravada (1996)
25%
Ford Bronco
25%
Ford Bronco R
25%
Subaru BRZ
25%
Brabham BT62 R
25%
Brabham BT62 Ultimate Track
25%
Ruf BTR
25%
Volkswagen BUDD-E
25%
Mitsuoka Buddy
25%
Chrysler by Chrysler (CH)
25%
Chrysler by Chrysler (CJ)
25%
Volvo C30 Polestar Performance
25%
Citroën C3 Aircross
25%
Citroën C5 Aircross
25%
Mercedes-Benz C 63 AMG
25%
Spyker C8 Preliator
25%
Spyker C8 Preliator Spyder
25%
Volkswagen Caddy California
25%
Chevrolet Camaro Z/28 (1970)
25%
Chevrolet Camaro Z/28 (1977)
25%
Chevrolet Camaro Z/28 (1993)
25%
Chevrolet Camaro Z/28 (2015)
25%
Chevrolet Camaro ZL1
25%
Porsche Carrera GT
25%
Porsche Cayenne GTS
25%
Porsche Cayman GT4
25%
Koenigsegg CCX
25%
Koenigsegg CCXR
25%
Bugatti Centodieci
25%
Buick Centurion (1956)
25%
Buick Centurion (1971)
25%
Dodge Challenger SRT Demon
25%
Dodge Charger Daytona (1969)
25%
Dodge Charger Daytona (2017)
25%
Honda Civic Type R (1999)
25%
Honda Civic Type R (2003)
25%
Honda Civic Type R (2006)
25%
Honda Civic Type R (2016)
25%
Honda Civic Type R (FD2)
25%
Honda Civic Type R (FK8)
25%
Honda Civic Type R (FL5)
25%
Renault Sport Clio V6 (2001)
25%
Renault Sport Clio V6 (2003)
25%
Mini Clubman John Cooper Works (2013)
25%
Mini Clubman John Cooper Works (2016)
25%
Volkswagen Concept One
25%
Rimac Concept_One
25%
Volkswagen Concept R
25%
Suzuki Concept-S
25%
Rimac Concept_S
25%
Bentley Continental 24
25%
Bentley Continental GT (2003)
25%
Bentley Continental GT (2006)
25%
Bentley Continental GT (2012)
25%
Bentley Continental GTC (2006)
25%
Bentley Continental GTC (2009)
25%
Bentley Continental GTC (2012)
25%
Bentley Continental GTC (2014)
25%
Bentley Continental GTC S
25%
Bentley Continental GTC Speed (2009)
25%
Bentley Continental GTC Speed (2022)
25%
Bentley Continental GT Pikes Peak
25%
Bentley Continental GT S
25%
Mini Cooper C
25%
Mini Cooper Convertible (2009)
25%
Mini Cooper Convertible (2016)
25%
Mini Cooper S (1965)
25%
Mini Cooper S (2002)
25%
Mini Cooper S (2006)
25%
Mini Cooper S (2016)
25%
Mini Cooper S (2021)
25%
Mini Cooper S (2024)
25%
Mini Cooper S Convertible (2004)
25%
Mini Cooper S Convertible (2011)
25%
Vauxhall Corsa VXR
25%
Ford Cortina
25%
Chevrolet Corvette (1953)
25%
Chevrolet Corvette (2009)
25%
Chevrolet Corvette ZR-1
25%
Mercury Cougar
25%
Mini Countryman John Cooper Works
25%
Smart Crossblade
25%
Honda CR-V
25%
Bufori CS Prototype
25%
Bufori CS Prototype Pace Car
25%
Ruf CTR 2
25%
Ruf CTR3
25%
Cadillac CTS-V (2004)
25%
Cadillac CTS-V (2016)
25%
Citroën CX
25%
Mazda CX-3
25%
Jaguar C-X75 (2010)
25%
Jaguar C-X75 (2013)
25%
Donkervoort D8 Audi (AGU)
25%
Donkervoort D8 GT
25%
Donkervoort D8 GTO
25%
Donkervoort D8 GTO-RS
25%
Aston Martin DB12
25%
Aston Martin DBS Superleggera
25%
Aston Martin DBX707
25%
De Tomaso Deauville (1971)
25%
De Tomaso Deauville (2011)
25%
Land Rover Defender 110
25%
Mazda Demio Turbo2
25%
Dodge Demon Roadster
25%
Renault DeZir
25%
Land Rover Discovery
25%
Mitsuoka Dore
25%
Citroën DS 5
25%
Cadillac DTS
25%
Jaguar D-Type
25%
Dodge Durango GT
25%
Ford Edge
25%
Ford Edge ST
25%
Bentley Eight
25%
Hyundai Elantra N
25%
Cadillac El Camino
25%
Chevrolet El Camino (1963)
25%
Chevrolet El Camino (1973)
25%
Chevrolet El Camino (1981)
25%
Buick Electra (1961)
25%
Buick Electra (1971)
25%
Buick Electra (1985)
25%
Buick Electra (2020)
25%
Lotus Eletre 600
25%
Lotus Elise Sprint
25%
Lotus Elise Sprint 220
25%
McLaren Elva
25%
Lotus Emeya 600
25%
Lotus Emeya 900
25%
Buick Envision (2011)
25%
Buick Envision (2016)
25%
Buick Envision (2021)
25%
Cadillac Escala
25%
Cadillac Escalade (1999)
25%
Cadillac Escalade (2002)
25%
Cadillac Escalade (2011)
25%
Cadillac Escalade (2023)
25%
Lotus Esprit Turbo (1981)
25%
Lotus Esprit Turbo (1988)
25%
Audi e-tron
25%
Volkswagen e-up!
25%
Lotus Evija
25%
Cadillac Evoq
25%
Lotus Evora GT
25%
Lotus Evora GX
25%
Lotus Evora S
25%
Ford Evos (2011)
25%
Ford Evos (2021)
25%
Peugeot Exalt
25%
Nissan EXA (N12)
25%
Lotus Excel
25%
Lotus Exige S
25%
Ford EXP
25%
Ford Explorer (1991)
25%
Ford Explorer (2020)
25%
Mitsubishi e-Yi
25%
Ford F-150 Lightning
25%
Ford F-150 Raptor R
25%
McLaren F1 LM
25%
Škoda Fabia vRS
25%
W Motors Fenyr SuperSport
25%
Ford Focus ST remapped
25%
AC Frua Convertible
25%
AC Frua Coupé
25%
Infiniti FX35
25%
Infiniti FX45 (S50)
25%
Infiniti G35
25%
Infiniti G37
25%
Ginetta G40 Junior
25%
Ginetta G40R
25%
Ginetta G55 GT4
25%
Ginetta G60
25%
Lamborghini Gallardo Spyder
25%
Bufori Geneva
25%
Bufori Geneva 6.4
25%
Maserati Ghibli
25%
Maserati Ghibli Cup
25%
Alfa Romeo Giulia Quadrifoglio
25%
Alfa Romeo Giulietta
25%
Volkswagen Golf GTD (2009)
25%
Volkswagen Golf GTD (2013)
25%
Volkswagen Golf GTD (2020)
25%
Volkswagen Golf GTE (2015)
25%
Volkswagen Golf GTE (2021)
25%
Maserati GranCabrio MC
25%
Buick Grand National (1986)
25%
Buick Grand National (1987)
25%
Giocattolo Group B
25%
Shelby GT350R
25%
Ford GT40 race car (1965)
25%
Ford GT40 race car (1968)
25%
Ford GT40 race car (1969)
25%
Hummer H1
25%
Dodge | Hudson Hornet
25%
Pagani Huayra
25%
Pagani Huayra Tricolore
25%
Lamborghini Huracán EVO
25%
Lamborghini Huracán EVO Spyder
25%
Lamborghini Huracán Performante Spyder
25%
Lamborghini Huracán Sterrato
25%
Lamborghini Huracán STO
25%
Hyundai i20 N
25%
Hyundai i20 WRC (2014)
25%
Hyundai i20 WRC (2020)
25%
Hyundai i30 Fastback N
25%
Volkswagen ID. 2all Concept
25%
Volkswagen ID. Vizzion
25%
Pagani Imola
25%
Chevrolet Impala SS (1964)
25%
Chevrolet Impala SS (1996)
25%
Chevrolet Impala SS (2004)
25%
Chevrolet Impala SS (2007)
25%
Chevrolet Impala SS 427
25%
Chrysler Imperial (1964)
25%
Chrysler Imperial (1972)
25%
Chrysler Imperial (1990)
25%
Chrysler Imperial (2006)
25%
Subaru Impreza WRX
25%
Subaru Impreza WRX (GC8D)
25%
Subaru Impreza WRX (GC8F)
25%
Subaru Impreza WRX (GC8G)
25%
Subaru Impreza WRX (GDB)
25%
Subaru Impreza WRX (GDD)
25%
Subaru Impreza WRX (GDF)
25%
Subaru Impreza WRX (GDG)
25%
Subaru Impreza WRX STI (2004)
25%
Subaru Impreza WRX STI (2010)
25%
Subaru Impreza WRX STI (GD)
25%
Subaru Impreza WRX STI (GR)
25%
Honda Integra Type R (1995)
25%
Acura Integra Type R (1998)
25%
Acura Integra Type R (2001)
25%
Honda Integra Type R (2002)
25%
Apollo Intensa Emozione
25%
Hyundai Ioniq 5 N
25%
Hyundai Ioniq Concept 'Seven'
25%
Ford Iosis
25%
Ford Iosis Max
25%
Jaguar I-PACE
25%
Lamborghini Islero
25%
Lamborghini Islero S
25%
Honda Jazz (2001)
25%
Honda Jazz (2016)
25%
Koenigsegg Jesko Absolut
25%
Koenigsegg Jesko Attack
25%
Volkswagen Jetta Bonneville Racer
25%
Volkswagen Jetta GLI (2004)
25%
Volkswagen Jetta GLI (2007)
25%
Volkswagen Jetta GLI (2016)
25%
Volkswagen Jetta GLI (2022)
25%
Volkswagen Jetta GTI
25%
Suzuki Jimny (1998)
25%
Suzuki JImny (2007)
25%
Suzuki Jimny (2019)
25%
Mini John Cooper Works (2009)
25%
Mini John Cooper Works (2016)
25%
Mini John Cooper Works (2021)
25%
Mini John Cooper Works Challenge (2008)
25%
Mini John Cooper Works Challenge (2016)
25%
Ford Ka
25%
Citroën Karin
25%
Maserati Khamsin
25%
Nissan Kicks (P15)
25%
Mitsubishi L200 (1993)
25%
Mitsubishi L200 (2006)
25%
Mitsubishi L200 (2016)
25%
Mitsubishi L200 (2020)
25%
Renault Laguna Concept Car
25%
Renault Laguna Coupe
25%
Nissan Leaf Nismo (ZE1)
25%
Buick LeSabre (1959)
25%
Buick LeSabre (1962)
25%
Buick LeSabre (1965)
25%
Buick LeSabre (2000)
25%
Mitsuoka Le-Seyde
25%
Chrysler LHS (1994)
25%
Chrysler LHS (2001)
25%
Chrysler LHX
25%
Škoda L&K 130
25%
Lamborghini LM002
25%
Ford LTD
25%
Volkswagen Lupo GTI
25%
W Motors Lykan HyperSport
25%
BMW M135i
25%
BMW M1/C
25%
Citroën | Infiniti M35
25%
BMW M3 CS
25%
BMW M3 CS (G80)
25%
BMW M3 CSL
25%
BMW M4 Competition Coupe
25%
Dodge M80
25%
BMW M8 Competition Coupé
25%
Porsche Macan GTS (2015)
25%
Porsche Macan GTS (2021)
25%
De Tomaso Mangusta (1967)
25%
De Tomaso Mangusta (1999)
25%
Bizzarrini Manta
25%
Nissan March (K12)
25%
Jaguar Mark 1
25%
Jaguar Mark 2
25%
Lincoln Mark IV
25%
Bentley | Lincoln Mark VI
25%
Ford Maverick
25%
Austin Maxi
25%
Dodge MAXXcab
25%
Renault Sport Mégane R26.R
25%
Renault Sport Mégane Ultime
25%
MG MGA
25%
MG MGB
25%
MG MGB GT
25%
Nissan Micra (1991)
25%
Nissan Micra (2004)
25%
Nissan Micra (2011)
25%
Nissan Micra (2016)
25%
Nissan Micra (K10)
25%
Suzuki Mighty Boy (SS40)
25%
Porsche Mission R
25%
Lamborghini Miura S
25%
Lamborghini Miura SV
25%
Lamborghini Miura SVJ
25%
Bufori MKI
25%
Vauxhall Monaro
25%
Vauxhall Monaro VXR
25%
Ford Mondeo
25%
Ford Mondeo Estate (2004)
25%
Ford Mondeo Estate (2016)
25%
BAC Mono
25%
Mazda Mono-Posto
25%
Nissan Murano (2003)
25%
Nissan Murano (2008)
25%
Dodge Neon
25%
Dodge Neon R/T Coupe
25%
Rimac Nevera
25%
Volkswagen New Beetle
25%
Mitsuoka New Le-Seyde
25%
Lancia New Stratos
25%
Nissan Note (2006)
25%
Nissan Note (2013)
25%
Honda NSX-T
25%
Škoda Octavia vRS
25%
Peugeot Onyx
25%
Mitsuoka Orochi
25%
Mitsuoka Orochi Final Edition
25%
Mitsuoka Orochi Gold Premium
25%
Mitsuoka Orochi Kabuto
25%
Mitsuoka Orochi Nude Top
25%
Subaru Outback
25%
Peugeot Oxia
25%
McLaren P1
25%
Ford P100
25%
Volvo P1800
25%
Volvo P1800E
25%
Volvo P1800S
25%
Peugeot P4
25%
Volkswagen Passat (1975)
25%
Volkswagen Passat (1983)
25%
Volkswagen Passat (1988)
25%
Volkswagen Passat (1993)
25%
Volkswagen Passat (2006)
25%
Volkswagen Passat (2018)
25%
Morgan Plus 4 (1962)
25%
Morgan Plus 4 (1985)
25%
Morgan Plus 4 (2014)
25%
Morgan Plus 8 (1968)
25%
Morgan Plus 8 (1983)
25%
Morgan Plus 8 (2012)
25%
Morgan Plus Six
25%
Volkswagen Polo GTI (1999)
25%
Volkswagen Polo GTI (2006)
25%
Volkswagen Polo GTI (2010)
25%
Volkswagen Polo GTI (2014)
25%
Volkswagen Polo GTI (2018)
25%
Volkswagen Polo GTI (2021)
25%
Ford Puma ST
25%
Fiat Punto
25%
Infiniti Q30
25%
Infiniti Q45 (F50)
25%
Peugeot Quasar
25%
Maserati Quattroporte (1974)
25%
Maserati Quattroporte (1994)
25%
Maserati Quattroporte (2018)
25%
Infiniti QX4 (R50)
25%
Infiniti QX50
25%
Infiniti QX55
25%
Infiniti QX70
25%
Audi R18
25%
Subaru R2
25%
Audi R8 GT
25%
Audi R8 RWD
25%
Audi R8 RWD Spyder
25%
Maserati Racing
25%
Dodge Ram SRT-10
25%
Ford Ranger (2006)
25%
Ford Ranger (2010)
25%
Ford Ranger (2012)
25%
Ford Ranger (2016)
25%
Ford Ranger (2022)
25%
Ford Ranger Raptor
25%
Aston Martin Rapide
25%
Aston Martin Rapide S
25%
Mitsuoka Ray (1996)
25%
Mitsuoka Ray (2000)
25%
Mitsuoka Ray (2002)
25%
Nissan Rogue (T33)
25%
Audi RS Q3
25%
Acura RSX
25%
Mercedes-AMG S 65
25%
TVR Sagaris
25%
Saturn SC
25%
Renault Scenic (2003)
25%
Renault Scenic (2016)
25%
Volkswagen Scirocco
25%
Volkswagen Scirocco R
25%
Maserati Sebring
25%
Chrysler Sebring (1995)
25%
Chrysler Sebring (2001)
25%
Chrysler Sebring (2007)
25%
Vauxhall Senator
25%
McLaren Senna
25%
Nissan Sentra SE-R (B13)
25%
Lotus Seven
25%
Caterham Seven 270
25%
Caterham Seven 270R
25%
Maserati Shamal
25%
GMC Sierra 1500 Elevation
25%
Chevrolet Silverado (1999)
25%
Chevrolet Silverado (2016)
25%
Nissan Silvia (1965)
25%
Nissan Silvia (1975)
25%
Buick Skylark (1965)
25%
Buick Skylark (1968)
25%
Saturn Sky Red Line
25%
Mercedes-Benz SLS AMG GT
25%
Mercedes-AMG SLS GT3
25%
Suzuki Solio Bandit Hybrid
25%
Suzuki Solio Hybrid
25%
Hyundai Sonata PHEV
25%
Hyundai Sonata V6 (1990)
25%
Hyundai Sonata V6 (2005)
25%
Bentley Speed 8
25%
McLaren Speedtail
25%
Alfa Romeo | Renault Sport Spider
25%
Alfa Romeo Spider (S1)
25%
Alfa Romeo Spider (S3)
25%
Alfa Romeo Spider (S4)
25%
Alfa Romeo Spider Veloce (S2)
25%
Audi Sport quattro
25%
Ultima Sports
25%
Range Rover Sport SVR (2016)
25%
Range Rover Sport SVR (2018)
25%
Austin-Healey Sprite
25%
Zenvo ST1
25%
Cadillac STS
25%
Nissan Sunny (B12)
25%
Plymouth Superbird
25%
Caterham Superlight R500
25%
Morgan Supersport
25%
GMC Syclone
25%
Bentley T1
25%
TVR T350
25%
Chevrolet Tahoe (1995)
25%
Chevrolet Tahoe (2021)
25%
Mazda Taiki
25%
TVR Tamora
25%
Chrysler TC by Maserati
25%
Ford Thunderbird
25%
TVR Tina
25%
Volkswagen Touareg
25%
Ford Tourneo Courier
25%
Volkswagen Transporter (1996)
25%
Volkswagen Transporter (2004)
25%
Volkswagen Transporter (2016)
25%
Volkswagen T-Roc
25%
Chevrolet Tru 140S
25%
Zenvo TSR
25%
Zenvo TSR-GT
25%
Zenvo TSR-S
25%
Acura TSX (2004)
25%
Acura TSX (2009)
25%
TVR Tuscan
25%
TVR Tuscan race car
25%
TVR Typhon
25%
Alfa Romeo TZ3 Stradale
25%
Lamborghini Urus Performante
25%
Bufori V6i
25%
Bufori V6i Cannonball Race Car
25%
Volvo V70 D5
25%
Volvo V70 R
25%
Volvo V70 R AWD
25%
Volvo V70 T5 (1997)
25%
Volvo V70 T5 (2001)
25%
Volvo V70 T5 (2012)
25%
Aston Martin V8
25%
Aston Martin Valhalla
25%
Aston Martin Valiant
25%
Chrysler Valiant Wayfarer
25%
Aston Martin Valkyrie
25%
Aston Martin Vanquish S
25%
Aston Martin Vantage GT3 (2019)
25%
Aston Martin Vantage GT3 (2024)
25%
Renault Vel Satis
25%
Bugatti Veyron 16.4
25%
Bugatti Veyron 16.4 Grand Sport
25%
Bugatti Veyron 16.4 Super Sport
25%
Mitsuoka Viewt (1994)
25%
Mitsuoka Viewt (2008)
25%
Mitsuoka Viewt (2016)
25%
Dodge Viper SRT-10 (2003)
25%
Dodge Viper SRT-10 (2006)
25%
Dodge Viper SRT-10 (2008)
25%
Aston Martin Virage (1989)
25%
Aston Martin Virage (2011)
25%
Aston Martin Virage Volante (1992)
25%
Aston Martin Virage Volante (2011)
25%
Eagle Vision
25%
Alfa Romeo Vola
25%
Subaru WRX STI
25%
Fiat X1/9
25%
Fiat X1/9 Dallara
25%
BMW X5 M
25%
BMW X6 M
25%
Jaguar XF S
25%
Jaguar XF S SportBrake
25%
Jaguar XJ12 (1972)
25%
Jaguar XJ12 (1974)
25%
Jaguar XJ12 (1980)
25%
Jaguar XJ6 (1974)
25%
Jaguar XJ6 (1986)
25%
Jaguar XJR (1994)
25%
Jaguar XJR (1998)
25%
Jaguar XJR (2003)
25%
Jaguar XJR (2016)
25%
Jaguar XKR
25%
Lancia Ypsilon (2017)
25%
Lancia Ypsilon (2024)
25%
GMC Yukon
25%
Nissan Z Nismo (RZ34)
25%
Pagani Zonda Cinque
25%
Pagani Zonda F
25%
Pagani Zonda R
25%
Pagani Zonda Tricolore
25%
Lancia 037 Rally
0%
Škoda 1000 MB
0%
Abarth 1000 Monoposto record car
0%
Abarth 1000 TC Berlina Corsa
0%
Audi 100 2.8 quattro (C4)
0%
Peugeot 1007 RC Concept
0%
Audi 100 Avant 2.8 (C4)
0%
Audi 100 Avant (C2)
0%
Audi 100 Avant quattro (C3)
0%
Audi 100 GL 5E Saloon (C2)
0%
Audi 100 S4 (C4)
0%
Audi 100 S4 Plus (C4)
0%
Audi 100 Saloon LS (C1)
0%
Austin-Healey 100 Six
0%
Peugeot 106 Electrique
0%
Peugeot 106 GTi
0%
Peugeot 106 Rallye (S1)
0%
Peugeot 106 Rallye (S2)
0%
Peugeot 108
0%
Austin 1100
0%
Radical 1100 Clubsport
0%
Škoda 1100 OHC
0%
Škoda 110 R Coupe
0%
BMW 116d
0%
Renault 11 Turbo
0%
Renault 11 Turbo Group A
0%
BMW 120d xDrive
0%
BMW 123d
0%
BMW 123ti
0%
Fiat 124 Abarth Rally
0%
Abarth 124 GT
0%
Abarth | Fiat 124 Spider
0%
Abarth 124 Spider Rally
0%
Fiat 124 Sport Spider
0%
Fiat 126p
0%
Fiat 127
0%
Mini 1275 GT
0%
Fiat 127 Sport
0%
Fiat 128
0%
McLaren 12C GT3
0%
McLaren 12C Spider
0%
Renault 12 Gordini
0%
BMW 130i (2005)
0%
BMW 130i (2007)
0%
Škoda 130 LR
0%
Škoda 130 RS
0%
Fiat 131 Mirafiori
0%
BMW 135i Convertible
0%
Volvo 142
0%
Volvo 144
0%
Volvo 145
0%
Alfa Romeo 145 1.7 16v
0%
Alfa Romeo 145 Cloverleaf
0%
Volvo 145 Express
0%
Alfa Romeo 146 ti
0%
Alfa Romeo 147 GTA Cup
0%
Alfa Romeo 147 Q2
0%
Mini 1499 GT
0%
Ram 1500 Backcountry X
0%
Abarth 1500 Biposto
0%
Ram 1500 Classic Warlock
0%
Dodge 1500 GT 90
0%
Ram 1500 Rebel
0%
Ram 1500 Rebel OTG
0%
Ram 1500 Revolution
0%
Ram 1500 TRX
0%
Ram 1500 TRX Gold Shot
0%
Ram 1500 Warlock
0%
Alfa Romeo 155 GTA Stradale
0%
Alfa Romeo 155 GTA Superturismo
0%
Alfa Romeo 155 Ti-Z
0%
Alfa Romeo 155 TS Super Touring
0%
Alfa Romeo 155 V6 TI DTM
0%
Alfa Romeo 156 2.4 JTD
0%
Alfa Romeo 156 Crosswagon Q4
0%
Alfa Romeo 156 GTA Sportwagon
0%
Alfa Romeo 156 GTA Super 2000
0%
Alfa Romeo 159 3.2 V6 Q4
0%
Alfa Romeo 159 Alfetta
0%
Alfa Romeo 159 Police Car
0%
Alfa Romeo 159 Sportswagon 3.2 V6 Q4
0%
Renault 15 TS
0%
Abarth 1600 Coupé
0%
TVR 1600M
0%
Alfa Romeo 164 2.0 12V V6 Turbo
0%
Alfa Romeo 164 ProCar
0%
Alfa Romeo 164 Proteo
0%
Alfa Romeo 164 Q4
0%
Alfa Romeo 164 Super
0%
Alfa Romeo 166
0%
Alfa Romeo 1750 GTAm
0%
Alfa Romeo 1750 GTV
0%
Alfa Romeo 177
0%
Renault 17 Coupe
0%
Renault 17 Gordini
0%
Volvo 1800ES
0%
BMW 1800 TISA
0%
Nissan 180SX Type X (S13)
0%
Renault 18 Turbo
0%
Mercedes-Benz 190 E 2.0
0%
Mercedes-Benz 190 E 2.5-16
0%
Mercedes-Benz 190 E Evo II
0%
Renault 19 16S
0%
BMW 1 Series M Coupe
0%
BMW 2000 CS
0%
Alfa Romeo 2000 GTV
0%
Lancia 2000 HF Coupe
0%
Alfa Romeo 2000 Sportiva
0%
BMW 2002 Tii
0%
BMW 2002 turbo
0%
Peugeot 2008 Concept
0%
Peugeot 2008 DKR
0%
Peugeot 2008 GT PureTech 155
0%
Chrysler 200C EV
0%
Chrysler 200 Convertible
0%
Audi 200 quattro (C3)
0%
Škoda 200 RS
0%
Nissan 200SX SE-R (B14)
0%
Peugeot 203
0%
Peugeot 204 Coupe
0%
Peugeot 205 CTi 1.6
0%
Peugeot 205 GTi 1.6
0%
Peugeot 205 GTi 1.9
0%
Peugeot 205 Rallye
0%
Peugeot 205 Roland Garros
0%
Peugeot 205 STDT
0%
Peugeot 205 T16
0%
Peugeot 205 T16 Evo 2
0%
Peugeot 205 T16 Paris Dakar
0%
Peugeot 205 T16 Pikes Peak
0%
Peugeot 205 XS
0%
Peugeot 206 CC
0%
Peugeot 206 Escapade
0%
Peugeot 206 Grand Tourisme
0%
Peugeot 206 RC
0%
Peugeot 206 SW Concept
0%
Peugeot 206 WRC
0%
Peugeot 207 RC
0%
Peugeot 207 RCup
0%
Peugeot 207 S2000
0%
Peugeot 207 Spider Concept
0%
Peugeot 207 Sport XS
0%
Peugeot 207 SW Outdoor
0%
Peugeot 207 SW RC
0%
Peugeot 208 GTi by Peugeot Sport
0%
Peugeot 208 GT Premium
0%
Peugeot 208 HYbrid FE Concept
0%
Peugeot 208 R2
0%
Peugeot 208 Rally 4
0%
Peugeot 208 T16 Pikes Peak
0%
Peugeot 208 T16 R5
0%
Peugeot 208 WRX
0%
Peugeot 20Cup
0%
Renault 21 2.0l Turbo Quadra
0%
Mazda 2 1.5 Sport
0%
Rover 216
0%
Renault 21 Savanna
0%
Renault 21 Superproduction
0%
Rover 220 Coupé Turbo
0%
BMW 220d Active Tourer
0%
BMW 220d Gran Coupe
0%
BMW 220d xDrive Gran Tourer
0%
Rover 220 GSi
0%
BMW 220i Coupe (G42)
0%
BMW 220i Gran Coupe
0%
BMW 230i Coupe (G42)
0%
Mercedes-Benz 230 TE Estate
0%
Volvo 240 GLT
0%
Nissan 240SX (S13)
0%
Nissan 240Z Rally Car
0%
Volvo 242 GT
0%
Volvo 244 GLT
0%
Ram 2500 Power Wagon
0%
Ram 2500 Rebel
0%
Maserati 250F
0%
Mazda 254i
0%
Renault 25 V6 Turbo
0%
Renault 25 V6 Turbo Baccara
0%
Alfa Romeo 2600 Sprint
0%
Alfa Romeo 2600 SZ
0%
Volvo 262C Solaire
0%
Volvo 264 GL
0%
Volvo 264 TE
0%
BMW 2800 CS
0%
Mercedes-Benz 280 GE
0%
TVR 280i
0%
Mercedes-Benz 280 SL
0%
Nissan 280ZX
0%
Nissan 280ZX Turbo
0%
Citroën 2CV6
0%
Citroën 2CV Sahara 4x4
0%
Lotus 2-Eleven GT4 Supersport
0%
Lotus 2-Eleven S'charged
0%
Mazda 2 Evil Track
0%
Mazda 2 Rally
0%
Alfa Romeo 2uettottanta
0%
Mitsubishi 3000GT VR-4 (1993)
0%
Mitsubishi 3000GT VR-4 (1999)
0%
TVR 3000M
0%
AC 3000ME
0%
TVR 3000S
0%
Peugeot 3008 1.6 HDi
0%
Peugeot 3008 1.6 Hybrid 225
0%
Peugeot 3008 1.6 Hybrid4 300
0%
Peugeot 3008 DKR Maxi
0%
Peugeot 3008 GT PureTech 180
0%
Mercedes-Benz 300 CE-24
0%
Mercedes-Benz 300 CE-24 Cabriolet
0%
Chrysler 300C Final Edition
0%
Chrysler 300C Hemi
0%
Chrysler 300C SRT-8 Touring
0%
Chrysler 300C Touring Hemi
0%
Chrysler 300 Glacier Edition
0%
Chrysler 300H
0%
Chrysler 300 Hurst
0%
Chrysler 300 Motown Edition
0%
Chrysler 300M Special Edition
0%
Mercedes-Benz 300 SLR
0%
Chrysler 300 SRT-8
0%
Chrysler 300 SRT8
0%
Chrysler 300 Touring
0%
Nissan 300ZX Turbo (Z31)
0%
Nissan 300ZX Twin Turbo (Z32)
0%
Peugeot 301
0%
Peugeot 305
0%
Peugeot 305 GTX
0%
Peugeot 305 Rallye V6 Prototype
0%
Peugeot 306 Cabriolet
0%
Peugeot 306 Estate 2.0 HDi
0%
Peugeot 306 GTi-6
0%
Peugeot 306 HDi Concept
0%
Peugeot 306 Maxi
0%
Peugeot 306 Rallye
0%
Peugeot 306 XSi
0%
Peugeot 307
0%
Peugeot 307 Cameleo
0%
Peugeot 307 GT Feline
0%
Peugeot 307 WRC
0%
Peugeot 308 1.6 Hybrid 225
0%
Peugeot 308 GT
0%
Peugeot 308 GTi
0%
Peugeot 308 Racing Cup
0%
Peugeot 308 R Concept
0%
Peugeot 308 RCZ Concept
0%
Peugeot 308 R HYbrid
0%
Peugeot 308 SW 1.2 PureTech 130
0%
Peugeot 308 SW 1.6 Hybrid 225
0%
Peugeot 308 TCR
0%
Peugeot 309 GTi
0%
Peugeot 309 GTi 16
0%
Acura 3.0CL
0%
BMW 3.0 CS (E9)
0%
BMW 3.0 CSL (E9)
0%
BMW 3.0 CSL Group 2
0%
BMW 3200 CS
0%
Maserati 3200 GT Assetto Corsa
0%
BMW 320d Super Touring (E36)
0%
BMW 320d Touring (2010)
0%
BMW 320d Touring (2019)
0%
BMW 320d xDrive Saloon
0%
BMW 320i ETCC (E46)
0%
BMW 320i Group 5 (E21)
0%
BMW 320i Touring
0%
BMW 320Si
0%
BMW 320Si Super Touring (E90)
0%
Mazda 3 2.2d
0%
Mazda 323 4WD Turbo Group A
0%
Mazda 323 GT-R
0%
Mazda 323 GT Turbo AWD
0%
BMW 323i
0%
Mazda 323 MPS
0%
BMW 325i Convertible (1982)
0%
BMW 325i Convertible (2009)
0%
BMW 325iX
0%
Mazda 3 2.5 Turbo AWD
0%
BMW 325xi
0%
BMW 328i
0%
BMW 328i Gran Turismo
0%
BMW 328 Mille Miglia Touring Coupé
0%
BMW 329 Roadster
0%
Acura 3.2 CL Type-S
0%
Acura 3.2TL
0%
BMW 330d (2003)
0%
BMW 330d (2005)
0%
BMW 330d Touring
0%
BMW 330d xDrive Saloon
0%
BMW 330d xDrive Touring
0%
BMW 330e
0%
BMW 330e Touring
0%
BMW 330e xDrive Saloon
0%
BMW 330i Saloon
0%
BMW 330i Touring
0%
BMW 330xd Touring
0%
Alfa Romeo 33 1.7 Cloverleaf Veloce
0%
Alfa Romeo 33/2 Coupe Speciale
0%
BMW 333i
0%
BMW 335d
0%
BMW 335d xDrive Touring
0%
BMW 335i
0%
Alfa Romeo 33 Stradale
0%
Ruf 3400S
0%
Volvo 340 1.7
0%
BMW 340 Kombi
0%
Lotus 340R
0%
Volvo 343 R-Sport
0%
Volvo 345 2.0
0%
Maserati 3500 GT
0%
Ram 3500 Limited
0%
Lamborghini 350 GTV
0%
TVR 350i
0%
Nissan 350Z Roadster
0%
Porsche 356 (1948)
0%
Porsche 356 (1955)
0%
Porsche 356 B Convertible 1600
0%
Porsche 356 Speedster
0%
Renault 3.5l V6 Espace
0%
Subaru 360
0%
Volvo 360 GLT
0%
Volvo 360 GLT Saloon
0%
Nissan 370Z Roadster
0%
Ruf 3800S
0%
DS 3 BlueHDi 120
0%
DS 3 Cabrio
0%
Lotus 3-Eleven
0%
Lotus 3-Eleven 430
0%
Mazda 3 e-Skyactiv-X hatchback
0%
Mazda 3 e-Skyactiv-X Saloon
0%
Bentley 3-Litre
0%
Mazda 3 MPS (2007)
0%
Mazda 3 MPS (2013)
0%
DS 3 Performance
0%
Mazda 3 Sport
0%
Mazda 3 TCR
0%
Morgan 3-Wheeler
0%
Morgan 3-Wheeler P101
0%
Peugeot 4002 Concept
0%
Peugeot 4007 2.4 16V
0%
Peugeot 4008 1.8 HDi 150
0%
Lamborghini 400 GT
0%
TVR 400SE
0%
Peugeot 402 Andreau
0%
Peugeot 402 Darl'mat Special Sport
0%
Bristol 403
0%
Peugeot 404
0%
Peugeot 404 Coupe
0%
Peugeot 404 Diesel Record Car
0%
Peugeot 404 Rally
0%
Peugeot 405
0%
Peugeot 405 Mi16
0%
Peugeot 405 T16
0%
Peugeot 405 T16 Dakar
0%
Peugeot 405 T16 Pikes Peak
0%
Peugeot 406 Coupe
0%
Peugeot 406 Coupe Silhouette
0%
Peugeot 406 Toscana
0%
Peugeot 406 V6 Saloon
0%
Peugeot 407 2.0 HDi
0%
Peugeot 407 Coupe
0%
Peugeot 407 Elixir
0%
Peugeot 407 Macarena
0%
Peugeot 407 Prologue
0%
Peugeot 407 Silhouette
0%
Peugeot 407 SW 3.0 V6
0%
Peugeot 408 1.2 PureTech 130
0%
Peugeot 408 1.2 THP
0%
Peugeot 408 1.6 Hybrid 225
0%
Bristol 411 Series 6
0%
Bristol 412 Series 2
0%
BMW 420i Gran Coupe (G26)
0%
BMW 420i xDrive Coupé
0%
TVR 420 SEAC
0%
TVR 420 Sports Saloon
0%
Škoda 422
0%
BMW 430i Convertible
0%
BMW 430i Coupe
0%
BMW 430i Gran Coupe (G26)
0%
BMW 435i Gran Coupé
0%
Volvo 440 GLT
0%
Volvo 440 Si
0%
Volvo 440 Turbo
0%
Morgan 4/4 1600
0%
Morgan 4/4 1.6-litre
0%
Oldsmobile 442
0%
Morgan 4/4 80th Anniversary Edition
0%
Range Rover 4.4 V8
0%
TVR 450SE
0%
TVR 450 SEAC
0%
Chevrolet 454 SS
0%
Volvo 460 GLT
0%
Volvo 460 Turbo
0%
Range Rover 4.6 HSE
0%
Volvo 480 Cabrio
0%
Volvo 480 ES
0%
Volvo 480 GT
0%
Volvo 480 Turbo
0%
Alfa Romeo 4C Concept
0%
Alfa Romeo 4C Spider
0%
Renault 4ever Trophy E-Tech
0%
Peugeot 5008
0%
Peugeot 5008 1.6 Puretech 180
0%
Peugeot 5008 2.0 HDi
0%
Fiat 500 Abarth Scorpion
0%
Abarth 500C Esseesse
0%
Fiat 500C Hybrid
0%
Fiat 500 Coupe
0%
Fiat 500e Convertible
0%
Fiat 500e Gelateria Edition
0%
Abarth 500e Scorpionissima
0%
Abarth 500e Scorpionissima Convertible
0%
Abarth 500 Esseesse
0%
Fiat 500 Hybrid
0%
Fiat 500L
0%
Fiat 500L Custom
0%
Abarth 500 R3T
0%
Mercedes-Benz 500 SL (1980)
0%
Mercedes-Benz 500 SL (1990)
0%
Mercedes-Benz 500 SLC
0%
Fiat 500X Dolcevita
0%
Fiat 500X Hybrid
0%
Fiat 500X Sport
0%
Peugeot 504 Cabriolet Phase I
0%
Peugeot 504 Cabriolet Phase II V6
0%
Peugeot 504 Coupe
0%
Peugeot 505 Break
0%
Peugeot 505 GTD Turbo
0%
Peugeot 505 GTi
0%
Peugeot 505 Turbo Injection
0%
Peugeot 505 Turbo Injection PTS Kit
0%
Peugeot 505 V6
0%
Peugeot 508 1.6 THP
0%
Peugeot 508 Fastback 1.6 225 Hybrid
0%
Peugeot 508 Fastback PureTech 130
0%
Peugeot 508L
0%
Peugeot 508 Peugeot Sport Engineered
0%
Peugeot 508 RXH
0%
Peugeot 508 Sport Engineered Concept
0%
Peugeot 508 SW 1.6 225 Hybrid
0%
Peugeot 508 SW 2.0 HDi
0%
Peugeot 508 SW Peugeot Sport Engineered
0%
Range Rover 5.0 V8
0%
Range Rover 5.0 V8 Supercharged
0%
BMW 520d Touring (2012)
0%
BMW 520d Touring (2017)
0%
BMW 520d xDrive
0%
BMW 520d xDrive (G60)
0%
BMW 520d xDrive Touring
0%
BMW 520d xDrive Touring (G61)
0%
BMW 523d xDrive (G60)
0%
BMW 523i
0%
BMW 524td
0%
BMW 525
0%
BMW 525i
0%
BMW 525iX
0%
BMW 525tds Touring
0%
BMW 528i (1981)
0%
BMW 528i (1997)
0%
Bizzarrini 5300 GT Corsa Revival
0%
Bizzarrini 5300 GT Strada
0%
BMW 530d (200)
0%
BMW 530d (2004)
0%
BMW 530d xDrive Saloon
0%
BMW 530d xDrive Touring
0%
BMW 530e (G60)
0%
BMW 530e Saloon
0%
BMW 530e Touring (G61)
0%
BMW 530e xDrive Touring
0%
BMW 530e xDrive Touring (G61)
0%
BMW 530i xDrive (G60)
0%
BMW 530 MLE
0%
BMW 535d Touring
0%
BMW 535i
0%
McLaren 540C
0%
BMW 540i (1993)
0%
BMW 540i (1996)
0%
BMW 545e xDrive Saloon
0%
BMW 550e xDrive (G60)
0%
Mercedes-Benz 560 SEC
0%
McLaren 570GT
0%
McLaren 570S Coupe
0%
McLaren 570S Spider
0%
Abarth 595 Pista
0%
Abarth 595 Turismo
0%
Renault 5 Alpine Turbo
0%
Peugeot 5 by Peugeot Concept
0%
Renault 5 Diamant
0%
Renault 5 E-Tech 110kW
0%
Renault 5 GT Turbo
0%
Renault 5 TL
0%
Renault 5 Turbo
0%
Renault 5 Turbo Tour de Corse
0%
Pontiac 6000 STE AWD
0%
Abarth 600e Scorpionissima
0%
Fiat 600 Hybrid
0%
McLaren 600LT Coupe
0%
McLaren 600LT Spider
0%
Bristol 603S
0%
Peugeot 604 GTi
0%
Peugeot 604 Presidential Limousine
0%
Peugeot 604 Ti
0%
Peugeot 605
0%
Peugeot 607
0%
Peugeot 607 Paladine Concept
0%
Peugeot 607 Pescarolo
0%
Mazda 626 2.0
0%
Mazda 626 MPS
0%
BMW 635CSi
0%
BMW 635d
0%
Mazda 6 3.7 V6
0%
BMW 640d (2011)
0%
BMW 640d (2016)
0%
BMW 640i xDrive Gran Coupe
0%
BMW 640i xDrive Gran Turismo
0%
BMW 645ci
0%
BMW 650i Convertible (2005)
0%
BMW 650i Convertible (2012)
0%
McLaren 650S Coupe
0%
McLaren 650S GT3
0%
McLaren 675LT
0%
Abarth 695 Biposto
0%
Abarth 695 Biposto R
0%
Abarth 695 Biposto Record
0%
Abarth 695 Esseesse
0%
Abarth 695 Tributo 131 Rally
0%
Abarth 695 Tributo Ferrari
0%
Abarth 695 Tributo Maserati
0%
Alfa Romeo 6C 2500 Villa d'Este
0%
Mazda 6 Estate 2.2d
0%
Mazda 6 Estate 2.5
0%
Mazda 6 Grand Touring 2.5 Turbo
0%
Mazda 6 MPS
0%
Mazda 6 MPS Concept
0%
Mazda 6 SkyActiv-D race car
0%
BMW 700 RS
0%
Mazda 717C
0%
Porsche 718 Boxster GTS 4.0 (982)
0%
Porsche 718 Boxster S
0%
Porsche 718 Cayman GT4 RS
0%
Porsche 718 Cayman GTS 4.0 (982)
0%
Porsche 718 Cayman S 2.5 (982)
0%
Porsche 718 RSK
0%
McLaren 720S Coupe
0%
McLaren 720S GT3
0%
McLaren 720S Spider
0%
BMW 725d (G11)
0%
BMW 725Ld (G12)
0%
BMW 728i
0%
BMW 730d xDrive
0%
Volvo 740 2.4 Estate
0%
BMW 740d (1999)
0%
BMW 740d (2016)
0%
BMW 740d xDrive (G70)
0%
Volvo 740 GL Saloon
0%
BMW 740i (1992)
0%
BMW 740i (1994)
0%
BMW 740Ld xDrive
0%
Volvo 740 Turbo
0%
BMW 745i (E65)
0%
BMW 745i SA (E23)
0%
BMW 745Le xDrive
0%
BMW 750d xDrive
0%
BMW 750e xDrive (G70)
0%
BMW 750iL
0%
BMW 750i xDrive
0%
BMW 750Li
0%
Abarth 750 record car
0%
Abarth 750 Zagato
0%
Alfa Romeo 75 1.8 Turbo Evoluzione
0%
Alfa Romeo 75 6V 3.0 America
0%
Mazda 757
0%
Audi 75 LS (F103)
0%
Alfa Romeo 75 Turbo Evoluzione IMSA
0%
Volvo 760 2.4D Estate
0%
Volvo 760 2.8 V6 Saloon
0%
BMW 760Li xDrive Shining Shadow Special Edition
0%
McLaren 765LT
0%
Mazda 767B
0%
Volvo 780 Turbo Coupe
0%
Mazda 787B
0%
DS 7 Crossback
0%
DS 7 Crossback E-Tense 4x4 PHEV
0%
Audi 80 1.8 E quattro (B3)
0%
Audi 80 1.8 S (B3)
0%
Audi 80 2.2 quattro (B2)
0%
Audi 80 2.8 quattro (B4)
0%
Peugeot 806 Roland Garros
0%
BMW 840Ci
0%
BMW 840d xDrive Convertible
0%
BMW 840i Gran Coupe
0%
Volvo 850 AWD
0%
BMW 850Ci
0%
BMW 850CSi
0%
Fiat 850 Spider
0%
Volvo 850 T-5R Estate
0%
Volvo 850 T-5R Saloon
0%
Volvo 850 Touring Car
0%
Alfa Romeo 8C Competizione
0%
Alfa Romeo 8C Competizione Concept
0%
Alfa Romeo 8C Spider
0%
Alfa Romeo 8C Spider Concept
0%
Renault 8 Gordini
0%
Renault 8 Gordini R1135 Group 2
0%
Bentley 8 Litre Saloon
0%
Fiat 8V
0%
Fiat 8V Supersonic
0%
Porsche 904 Carrera GTS
0%
Peugeot 905 Spider
0%
Peugeot 907
0%
Peugeot 908B
0%
Peugeot 908 HDi FAP
0%
Peugeot 908 HY
0%
Peugeot 908 HYbrid4
0%
Peugeot 908 RC
0%
Audi 90 quattro 2.2 (B2)
0%
Audi 90 quattro 2.3 20V (B2)
0%
Porsche 911 Carrera 2 3.6 (997.2)
0%
Porsche 911 Carrera 2 Cabriolet 3.6 (997.2)
0%
Porsche 911 Carrera 2 Targa
0%
Porsche 911 Carrera 3.4 (991)
0%
Porsche 911 Carrera 3.6 Cabriolet (993)
0%
Porsche 911 Carrera 4 3.0 (992)
0%
Porsche 911 Carrera 4 3.4 (991)
0%
Porsche 911 Carrera 4 Cabriolet 3.0 (992)
0%
Porsche 911 Carrera 4S 3.6 (993)
0%
Porsche 911 Carrera Cabriolet
0%
Porsche 911 Carrera Cabriolet 3.4 (991)
0%
Porsche 911 Carrera GTS
0%
Porsche 911 Carrera RS 2.7
0%
Porsche 911 Carrera RSR 3.0
0%
Porsche 911 Carrera S (2004)
0%
Porsche 911 Carrera S (2016)
0%
Porsche 911 Carrera S Cabriolet (991.1)
0%
Porsche 911 GT1-98
0%
Porsche 911 GT1-98 Strassenversion
0%
Porsche 911 GT1 Evo
0%
Porsche 911 GT1 Strassenversion
0%
Porsche 911 GT1 Strassenversion (993)
0%
Porsche 911 GT2 RS Clubsport 25
0%
Porsche 911 GT3 3.6 (996.2)
0%
Porsche 911 GT3 3.8 (997.2)
0%
Porsche 911 GT3 Cup (992)
0%
Porsche 911 GT3 RS 4.0
0%
Porsche 911 GT3 RSR (997)
0%
Porsche 911 Patina Paint to Sample
0%
Porsche 911 RS
0%
Porsche 911 RSR-19 (991.2)
0%
Porsche 911 RSR 3.8 (964)
0%
Porsche 911S 2.4 Targa
0%
Porsche 911S 2.7
0%
Porsche 911 Speedster 3.8 (997.2)
0%
Porsche 911 Speedster 4.0 (991.2)
0%
Porsche 911 Speedster (964)
0%
Porsche 911 Targa 4 GTS 3.8 (991)
0%
Porsche 911 Targa 4S (2006)
0%
Porsche 911 Targa 4S (2015)
0%
Porsche 911 Targa 4S (2016)
0%
Porsche 911 Targa 4S 3.0 (992)
0%
Porsche 911 Turbo 3.0
0%
Porsche 911 Turbo M42
0%
Porsche 911 Turbo S 3.6 Flachbau (964)
0%
Porsche 911 Turbo S 3.7 (992)
0%
Porsche 911 Turbo S 3.8 (991.2)
0%
Porsche 911 Turbo S 3.8 (997.2)
0%
Porsche 911 Turbo S 3.8 Cabriolet (991.2)
0%
Porsche 917
0%
Porsche 919 Hybrid Evo
0%
Porsche 924 Carrera GTP
0%
Porsche 924 Carrera GTS
0%
Porsche 924 Carrera GTS Rallye
0%
Porsche 924 Turbo
0%
Porsche 928 S
0%
Mazda 929 3.0 V6
0%
Porsche 935 (991.2)
0%
Porsche 935 JPS (991.2)
0%
Porsche 935 'Moby Dick'
0%
Porsche 935 Momo (991.2)
0%
Porsche 935 Vaillant (991.2)
0%
Porsche 936
0%
Volvo 940 Estate
0%
Volvo 940 Saloon
0%
Porsche 956 C
0%
Porsche 959 Dakar
0%
Volvo 960 2.5 Estate
0%
Volvo 960 3.0
0%
Porsche 962 C
0%
Škoda 966 Supersport
0%
Porsche 968 Cabriolet
0%
Porsche 968 Clubsport
0%
Porsche 968 Turbo RS
0%
Porsche 968 Turbo S
0%
Porsche 989
0%
Renault 9 Turbo
0%
Peugeot 9X8 Hypercar
0%
Dodge A100 Custom Sportsman Wagon
0%
Dodge A100 Pickup
0%
Alpine A106
0%
Alpine A110 1800 Group 4 Works
0%
Alpine A110-50
0%
Alpine A110 First Edition
0%
Alpine A110 GT4
0%
Alpine A110 Légende GT
0%
Alpine A110 Pikes Peak
0%
Alpine A110S
0%
Alpine A110 SportsX
0%
Audi A1 1.4 TFSI (8X)
0%
Audi A1 30 TFSI (GB)
0%
Audi A1 40 TFSI (GB)
0%
Mercedes-Benz A 160
0%
Mercedes-Benz A 180 CDI
0%
Audi A1 Citycarver (GB)
0%
Audi A1 quattro
0%
Mercedes-Benz A 200
0%
Mercedes-Benz A 200 CDI
0%
Audi A2 1.4
0%
Alpine A290
0%
Audi A2 TDI
0%
Alpine A310
0%
Alpine A310 V6 Group 4/B
0%
Audi A3 1.9 T quattro (8L)
0%
Audi A3 40 Sportback TFSI e
0%
Austin A35 Saloon
0%
Austin A35 Van
0%
Audi A3 all street 35 TFSI
0%
Audi A3 Cabriolet (8P)
0%
Audi A3 Cabriolet (8V)
0%
Audi A3 Saloon 1.8 TFSI (8V)
0%
Audi A3 Saloon 2.0 TDI quattro (8V)
0%
Audi A3 Saloon (8V)
0%
Audi A3 Saloon (8Y)
0%
Audi A3 Sportback (8P)
0%
Audi A3 Sportback (8V)
0%
Audi A3 Sportback (8Y)
0%
Audi A3 Sportback e-tron (8V)
0%
Austin A40 Devon Sedan
0%
Audi A4 1.8T (B5)
0%
Audi A4 1.8T quattro (B5)
0%
Audi A4 1.8T quattro Sport (B5)
0%
Audi A4 2.0 TFSI (B7)
0%
Audi A4 2.0 TFSI (B8)
0%
Alpine A424
0%
Alpine A460
0%
Alpine A480
0%
Alpine A4810
0%
Audi A4 allroad 2.0 TFSI quattro (B9)
0%
Audi A4 Avant 1.8T (B5)
0%
Audi A4 Avant 2.0 TFSI (B8)
0%
Audi A4 Avant 2.8 quattro (B5)
0%
Audi A4 Avant 3.0 TDI quattro (B9)
0%
Audi A4 Avant quattro 3.0 (B6)
0%
Audi A4 Avant quattro 3.2 FSI (B7)
0%
Audi A4 Avant quattro 3.2 FSI (B8)
0%
Audi A4 DTM Edition (B7)
0%
Audi A4 quattro 3.0 (B6)
0%
Audi A4 quattro 3.2 FSI (B7)
0%
Audi A4 quattro 3.2 FSI (B8)
0%
Audi A4 Saloon 2.0 TDI quattro (B9)
0%
Audi A5 2.0 TFSI (B8)
0%
Audi A5 Cabriolet 2.0 TFSI (B8)
0%
Audi A5 Cabriolet 45 TFSI quattro
0%
Audi A5 Cabriolet quattro 3.2 FSI (B8)
0%
Audi A5 Coupe 45 TFSI quattro
0%
Audi A5 DTM
0%
Audi A5 quattro 3.2 FSI (B8)
0%
Audi A5 Sportback 50 TDI quattro
0%
Audi A5 Sportback quattro 3.2 FSI (B8)
0%
Alpine A610
0%
Maserati A6 1500
0%
Audi A6 1.8T (C5)
0%
Audi A6 2.0 TFSI (C7)
0%
Audi A6 2.6 quattro (C4)
0%
Audi A6 2.8 (C4)
0%
Audi A6 allroad (4K)/(C8)
0%
Audi A6 allroad quattro
0%
Audi A6 allroad quattro 3.0 TFSI (C7)
0%
Audi A6 allroad quattro 4.2 (C6)
0%
Audi A6 Avant 2.0 TFSI (C7)
0%
Audi A6 Avant 2.5 TDI (C4)
0%
Audi A6 Avant 2.8 quattro (C4)
0%
Audi A6 Avant 3.0 TFSI quattro (C7)
0%
Audi A6 Avant 40 TDI (C8)
0%
Audi A6 Avant quattro 2.7T (C5)
0%
Audi A6 Avant quattro 4.2 (C6)
0%
Maserati A6G 2000
0%
Audi A6 quattro 2.7T (C5)
0%
Audi A6 Saloon 40 TDI (C8)
0%
Audi A6 Saloon 50 TFSI e
0%
Audi A7 quattro 2.8 FSI (C7)
0%
Audi A7 Sportback 55 TFSI e
0%
Audi A7 Sportback 55 TFSI quattro
0%
Audi A8 4.2 V8 quattro (D3)
0%
Audi A8 50 TDI (D5)
0%
Audi A8 55 TFSI (D5)
0%
Audi A8 Coupé
0%
Audi A8 L 4.2 TDI quattro (D3)
0%
Audi A8 L 50 TDI (D5)
0%
Audi A8 L 60 TFSI e quattro
0%
Audi A8 L W12 6.3FSI quattro (D4)
0%
Audi A8 L W12 quattro Security (D3)
0%
Audi A8 quattro 4.2 (D2)
0%
Audi A8 quattro 4.2 FSI (D4)
0%
Audi A8 quattro 6.0 (D3)
0%
Fiat Abarth 131 Mirafiori Evoluzione
0%
Fiat Abarth 131 Rally
0%
Fiat Abarth 850 TC Corsa
0%
Fiat Abarth SE 030
0%
Fiat Abarth X1/9 Prototipo
0%
Volkswagen ABT e-Transporter
0%
GMC Acadia
0%
GMC Acadia Denali
0%
Holden Acadia LTZ-V AWD
0%
Hyundai Accent WRC
0%
Honda Accord 1.8
0%
Honda Accord 3.5l V6
0%
Honda Accord Aerodeck 2.0
0%
Honda Accord Euro-R
0%
Honda Accord Hybrid
0%
Honda Accord Type R
0%
AC Ace 2.6
0%
AC Aceca-Bristol
0%
Mini Aceman SE
0%
Oldsmobile Achieva
0%
Oldsmobile Achieva SCX
0%
Citroën Activa 1
0%
Citroën Activa 2
0%
Vauxhall Adam 1.2
0%
Vauxhall Adam C
0%
Opel Adam R2
0%
Vauxhall Adam Rocks S
0%
Opel Admiral V8
0%
Holden Adventra LX8 (VZ)
0%
Morgan Aero 8 Series 1
0%
Morgan Aero 8 Series 3
0%
Morgan Aero 8 Series 4
0%
Morgan Aero 8 Series 5
0%
Morgan Aero Coupe
0%
Morgan Aero GT
0%
Morgan Aeromax
0%
Caterham Aero Seven Concept
0%
Morgan Aero SuperSports
0%
Chevrolet Aerovette
0%
Arash AF10 Hybrid
0%
Arash AF8
0%
Škoda Afriq
0%
Vauxhall Agila 1.0 ecoFLEX
0%
Vauxhall Agila 1.2i
0%
Vauxhall Agila 1.3 CDTi
0%
Chrysler Airflite
0%
Chrysler Airflow
0%
Ford Airstream
0%
Ginetta Akula
0%
Renault Alaskan
0%
Renault Alaskan Ice Edition
0%
Subaru Alcyone SVX
0%
Oldsmobile Alero GL
0%
Oldsmobile Alero GLS
0%
Alfa Romeo Alfa 6
0%
Alfa Romeo Alfasud
0%
Alfa Romeo Alfasud Sprint
0%
Alfa Romeo Alfasud Sprint Trofeo
0%
Alfa Romeo Alfasud TI Quadrifoglio Verde
0%
Alfa Romeo Alfetta GT Rally Version
0%
Alfa Romeo Alfetta GTV
0%
Mini All4 Racing
0%
Austin Allegro 1.5HL
0%
Audi allroad quattro 4.2 (C5)
0%
Nissan Almera
0%
Nissan Almera GTI
0%
DMC Alpha5 Launch Edition
0%
Renault Alpine A442
0%
Renault Altica
0%
Nissan Altima VC-Turbo (L34)
0%
Suzuki Alto Hustle
0%
Suzuki Alto Lapin Turbo
0%
Suzuki Alto Turbo RS 4WD (HA36)
0%
Suzuki Alto Works
0%
Suzuki Alto Works RS-R (CN)
0%
Suzuki Alto Works RS-R Turbo (CA)
0%
Suzuki Alto Works RS-X (CA)
0%
Suzuki Alto Works RS-X (CN)
0%
Suzuki Alto Works RS-Z (HA11)
0%
Suzuki Alto Works RS/Z (HA12)
0%
Volkswagen Amarok 2.0 BiTDI
0%
Volkswagen Amarok 3.0 TDI
0%
Volkswagen Amarok Beast 2.0
0%
Volkswagen Amarok Power Concept
0%
Austin Ambassador
0%
Citroën Ami
0%
Citroën Ami Buggy
0%
Citroën Ami Police Car
0%
Citroën Ami Super
0%
AMC AMX/3
0%
AMC AMX 390
0%
Vauxhall Antara 2.2CDTi
0%
Buick Apollo 350 V8
0%
Gumpert Apollo Basic
0%
Lancia Aprilia
0%
Lancia Aprilia Sport Zagato
0%
Nissan Aprio
0%
Renault Argos
0%
Dodge Aries
0%
Nissan Ariya 63kWh (FE0)
0%
Nissan Ariya e-4ORCE 87kWh (FE0)
0%
Nissan Ariya Nismo (FE0)
0%
Renault Arkana E-Tech Hybrid 145
0%
Nissan Armada (Y62)
0%
Bentley Arnage
0%
Bentley Arnage Drophead Coupe
0%
Bentley Arnage Final Series
0%
Bentley Arnage R
0%
Bentley Arnage Red Label
0%
Bentley Arnage T
0%
Bristol Arnolt-Bristol
0%
Morgan AR Plus 4
0%
Apollo Arrow
0%
Volkswagen Arteon 1.4 TSI eHybrid
0%
Volkswagen Arteon 1.5 TSI
0%
Volkswagen Arteon 2.0 BiTDI 4MOTION
0%
Volkswagen Arteon R
0%
Volkswagen Arteon R Shooting Brake
0%
Volkswagen Arteon Shooting Brake 1.4 TSI eHybrid
0%
Volkswagen Arteon Shooting Brake 1.5 TSI
0%
Volkswagen Arteon Shooting Brake 2.0 TDI 4MOTION
0%
Volkswagen Arteon Shooting Brake 2.0 TSI
0%
Subaru Ascent
0%
Opel Ascona 400
0%
Hyundai Aslan 3.3
0%
Chrysler Aspen Hybrid
0%
Dodge Aspen R/T
0%
Peugeot Asphalte
0%
Lamborghini Asterion
0%
Vauxhall Astra 1.2 Turbo 130
0%
Vauxhall Astra 1.5 Turbo D
0%
Vauxhall Astra 1.6 CDTi
0%
Vauxhall Astra 1.6i
0%
Vauxhall Astra Coupe 888
0%
Opel Astra GSi
0%
Holden Astra GTC Sport (PJ)
0%
Vauxhall Astra GTE (1983)
0%
Vauxhall Astra GTE (1988)
0%
Opel Astra Hybrid
0%
Holden Astra RS-V (BK)
0%
Holden Astra SRi Turbo (AH)
0%
Holden Astra SRi Turbo (TS)
0%
Opel Astra TCR
0%
Holden Astra TwinTop (AH)
0%
Opel Astra V8 Coupe Touring Car
0%
Vauxhall Astra VXR
0%
Holden Astra VXR (PJ)
0%
Saturn Astra XR
0%
Chevrolet Astro II XP-880
0%
Mitsubishi ASX (2010)
0%
Mitsubishi ASX (2015)
0%
Mazda Atenza Mazdaspeed
0%
Mazdaspeed Atenza Sport Wagon
0%
Škoda Atero
0%
Lamborghini Athon
0%
Chrysler Atlantic
0%
Volkswagen Atlas
0%
Volkswagen Atlas 2.0 TSI Peak Edition
0%
Volkswagen Atlas 3.6 VR6 FSI
0%
Volkswagen Atlas Basecamp
0%
Volkswagen Atlas Cross Sport 2.0 TSI
0%
Volkswagen Atlas Tanoak
0%
Ariel Atom 2 Supercharged
0%
Ariel Atom 3.5 Supercharged
0%
Ariel Atom 3 Supercharged
0%
Ariel Atom V8
0%
Cadillac ATS-V Coupe
0%
Cadillac ATS-V.R
0%
Cadillac ATS-V Sedan
0%
Saturn Aura XR
0%
Lancia Aurelia
0%
Lancia Aurelia B20 GT
0%
Lancia Aurelia B24 Spider
0%
Oldsmobile Aurora 4.0
0%
Renault Austral E-Tech Hybrid
0%
Lamborghini Auténtica
0%
Fiat Autobianchi A112 Abarth
0%
Alfa Romeo Autodelta 156 GTA 3.7 V6
0%
Renault Avantime 3.0 V6
0%
Audi Avant RS2
0%
Dodge Avenger
0%
Dodge Avenger Rally Sedan
0%
Dodge Avenger R/T
0%
Dodge Avenger R/T AWD
0%
Buick Avenir
0%
Lamborghini Aventador Coupé
0%
Lamborghini Aventador J
0%
Lamborghini Aventador LP 700-4 Miura Homage
0%
Lamborghini Aventador Roadster
0%
Lamborghini Aventador S Roadster
0%
Lamborghini Aventador SVJ Roadster
0%
Lamborghini Aventador SV Roadster
0%
Chevrolet Aveo
0%
Chrysler Aviat
0%
Lincoln Aviator
0%
Buick Avista
0%
Citroën Axel 12 TRS
0%
Mazdaspeed Axela MS
0%
Mazda Axela Sport 2.3
0%
Citroën AX Électrique
0%
Citroën AX GTi
0%
Citroën AX Sport
0%
Mazda AZ Offroad
0%
Bentley Azure (1995)
0%
Bentley Azure (2006)
0%
Bentley Azure T
0%
Subaru B9 Tribeca
0%
Volkswagen Baja Race Touareg
0%
Subaru Baja Turbo
0%
Suzuki Baleno (2016)
0%
Suzuki Baleno (2022)
0%
Fiat Barchetta
0%
Holden Barina RS (TM)
0%
Holden Barina SRi (XC)
0%
Plymouth Barracuda 383
0%
Plymouth Barracuda Fastback
0%
Plymouth Barracuda Formula S
0%
Alfa Romeo BAT 11
0%
Hyundai Bayon 1.0T
0%
Peugeot BB1
0%
Mazda BBR MX-5 GT270
0%
Rezvani Beast Alpha X Blackbird
0%
Bristol Beaufighter
0%
Renault Sport Be Bop
0%
Volkswagen Beetle 2.5
0%
Volkswagen Beetle Cabriolet (1970)
0%
Volkswagen Beetle Cabriolet (2012)
0%
Volkswagen Beetle Dune 2.0 TDI
0%
Volkswagen Beetle Dune Cabriolet 1.2 TSI
0%
Volkswagen Beetle LSR
0%
Volkswagen Beetle Rallycross Supercar
0%
Chevrolet Bel Air (1957)
0%
Chevrolet Bel Air (1958)
0%
Chevrolet Bel Air (1961)
0%
Chevrolet Bel Air (2002)
0%
Alfa Romeo Bella
0%
Buick Bengal
0%
Bentley Bentayga Diesel
0%
Bentley Bentayga EWB
0%
Bentley Bentayga Hybrid
0%
Bentley Bentayga Pikes Peak Hill Climb
0%
Bentley Bentayga Pikes Peak Limited Edition
0%
Bentley Bentayga S
0%
Bentley Bentayga Speed
0%
Bentley Bentayga V8
0%
Bentley Bentayga V8 Design Series
0%
Chevrolet Beretta GTZ
0%
Lancia Beta Coupe Volumex
0%
Lancia Beta HPE
0%
Lancia Beta Montecarlo
0%
Maserati Birdcage 75th
0%
Maserati Biturbo S
0%
Buick Blackhawk
0%
Lincoln Blackwood
0%
Chevrolet Blazer (2000)
0%
Chevrolet Blazer (2021)
0%
Chevrolet Blazer RS
0%
Chevrolet Blazer S-10
0%
Chevrolet Blazer ZR2
0%
Bristol Blenheim Series 1
0%
Bristol Blenheim Series 2
0%
Bristol Blenheim Series 3
0%
Bristol Blenheim Speedster
0%
Bentley Blower
0%
Bentley Blower No.1
0%
Nissan Bluebird 2.0SSS Attesa X (U12)
0%
Nissan Bluebird SSS ATTESA Limited (U13)
0%
Nissan Bluebird SSS ATTESA (U14)
0%
Nissan Bluebird SSS-R (U12)
0%
Nissan Bluebird Super Silhouette (910)
0%
Nissan Bluebird Turbo Maxima Legrand (U11)
0%
Bentley Blue Train Speed Six
0%
Ford B-Max
0%
Bufori BMS R1
0%
Bufori BMS R2
0%
Peugeot Bobslid Concept
0%
Buick Bolero
0%
Chevrolet Bolt EUV
0%
Chevrolet Bolt EV
0%
Pontiac Bonneville Special
0%
Pontiac Bonneville SSEi
0%
Maserati Bora
0%
Chevrolet Borrego
0%
Porsche Boxster 2.7 (986)
0%
Porsche Boxster Concept
0%
Porsche Boxster GTS
0%
Porsche Boxster RS60 Spyder (987)
0%
Porsche Boxster S 3.2 (987)
0%
Porsche Boxster Spyder (2009)
0%
Porsche Boxster Spyder (2016)
0%
Smart Brabus Roadster
0%
Fiat Bravo
0%
Fiat Bravo HGT Abarth
0%
Alfa Romeo Brera 2.4 JTDM
0%
Alfa Romeo Brera 3.2 V6 Q4
0%
Alfa Romeo Brera Concept
0%
Alfa Romeo Brera S
0%
Suzuki Brezza
0%
Bristol Britannia
0%
Ford Bronco Concept
0%
Ford Bronco Heritage Edition
0%
Ford Bronco II
0%
Ford Bronco Raptor
0%
Ford Bronco Sport
0%
Ford Bronco V8
0%
Ford Bronco V8 351 Windsor
0%
Bentley Brooklands (1992)
0%
Bentley Brooklands (2008)
0%
AC Brooklands Ace
0%
Cadillac Brougham
0%
Subaru BRZ tS
0%
Mazda BT-50
0%
Mazda BT-50 3.0d
0%
Brabham BT62 Competition
0%
Brabham BT63 GT2
0%
Ruf BTR2
0%
Mitsuoka BUBU 356 Speedster
0%
Mitsuoka BUBU 505-C
0%
Mitsuoka BUBU Classic SSK
0%
Aston Martin Bulldog
0%
Citroën BX 17 D Turbo Break
0%
Citroën BX 4TC
0%
Citroën BX 4TC Group B
0%
Citroën BX Break De Chasse Dyana
0%
Citroën BX GT
0%
Citroën BX GTi 16V
0%
Citroën BX GTi 4x4
0%
Citroën BX Sport
0%
Chrysler by Chrysler 360 (CH)
0%
Mercedes-Benz C11
0%
Mercedes-Benz C111-II
0%
Mercedes-Benz C112
0%
Spyker C12 La Turbie
0%
Spyker C12 Zagato
0%
Citroën C1 VTi 68
0%
Mercedes-Benz C 200 K
0%
Mercedes-Benz C 250d
0%
Citroën C2 Citroën Sport
0%
Citroën C2 Cross
0%
Citroën C2-R2 Max
0%
Citroën C2 VTS
0%
Volvo C303 Paris Dakar
0%
Volvo C30 DRIVe Electric
0%
Volvo C30 T5 R-Design
0%
Mercedes-Benz C320 CDI Estate
0%
Mercedes-Benz C350 CDI 4MATIC Estate
0%
Mercedes-Benz C 350e
0%
Citroën C3L
0%
Citroën C3 Max
0%
Citroën C3 Picasso BlueHDi 100
0%
Citroën C3 Pluriel
0%
Citroën C3 PureTech 110
0%
Citroën C3 WRC
0%
Citroën C3-XR (2014)
0%
Citroën C3-XR (2019)
0%
Citroën C3 XTR
0%
Volvo C40 Recharge
0%
Volvo C40 Recharge Twin
0%
Citroën C4 2.0 16v VTS
0%
Mercedes-Benz C 43 AMG
0%
Mercedes-Benz C43 AMG Estate
0%
Citroën C4 Aircross 4x4
0%
Citroën C4 Cactus 2.0 HDi 16v
0%
Citroën C4 Picasso THP 165
0%
Citroën C4 PureTech 130
0%
Citroën C4 WRC
0%
Citroën C4 WRC HYmotion4
0%
Mercedes-Benz C 55 AMG Estate
0%
Citroën C5 Aircross Plug-in Hybrid
0%
Citroën C5 Aircross PureTech 130
0%
Citroën C5 Airscape
0%
Citroën C5 Crosstourer
0%
Citroën C5 HPi
0%
Citroën C5 Saloon
0%
Citroën C5 Tourer 2.2 HDi
0%
Citroën C5 Tourer 3.0 L V6 HDi
0%
Citroën C5 V6
0%
Citroën C5 X Plug-in Hybrid
0%
Citroën C5 X PureTech 180
0%
Citroën C6 3.0 L V6 HDi
0%
Volvo C70 D5
0%
Volvo C70 T5
0%
Volvo C70 T5 2.3
0%
Spyker C8 Aileron
0%
Spyker C8 Aileron Spyder
0%
Spyker C8 Double 12 S (Stage V)
0%
Spyker C8 Laviolette
0%
Spyker C8 Laviolette LM85
0%
Spyker C8 Spyder SWB
0%
Spyker C8 Spyder T
0%
GMC Caballero Diablo
0%
Audi Cabriolet 2.3
0%
Audi Cabriolet 2.8
0%
Citroën Cactuc Airflow 2L
0%
Citroën Cactus Aventure
0%
Citroën Cactus M
0%
Volkswagen Caddy Cargo 2.0 TDI
0%
Volkswagen Caddy TDI race car
0%
Volkswagen Caddy Topos Sail
0%
Citroën C-Airdream
0%
Citroën C-Airplay
0%
Holden Calais SS V-Series (VE)
0%
Holden Calais V International (VE)
0%
Dodge Caliber R/T AWD
0%
Dodge Caliber SRT4
0%
Opel Calibra 2.0i 16V
0%
Opel Calibra 2.0i 16V DTM
0%
Opel Calibra 2.5i V6
0%
Vauxhall Calibra Turbo
0%
Holden Calibra Turbo 4x4
0%
Opel Calibra V6 4x4 Touring Car
0%
Volkswagen California 2.0 BiTDI
0%
Volkswagen California 2.0 TDI 4MOTION
0%
Volkswagen California 2.0 TSI
0%
Chevrolet Camaro berlinetta
0%
Chevrolet Camaro GT4.R
0%
Chevrolet Camaro IROC-Z (1985)
0%
Chevrolet Camaro IROC-Z (1990)
0%
Chevrolet Camaro LS
0%
Chevrolet Camaro Sport Coupe
0%
Chevrolet Camaro SS (2017)
0%
Chevrolet Camaro SS (2019)
0%
Chevrolet Camaro SS Convertible
0%
Chevrolet Camaro SS Coupe
0%
Chevrolet Camaro SSX
0%
Chevrolet Camaro Z28 SS
0%
Chevrolet Camaro ZL1 1LE
0%
Chevrolet Camaro ZL1 Convertible
0%
Fiat Campagnola (1951)
0%
Fiat Campagnola (1974)
0%
Ultima Can-Am
0%
GMC Canyon SLT
0%
Honda Capa 4WD
0%
Suzuki Cappuccino (EA11R)
0%
Suzuki Cappuccino (EA21R)
0%
Ford Capri 2.8 Injection
0%
Ford Capri 3.0
0%
Ford Capri 3.0 S
0%
Mercury Capri ASC
0%
Ford Capri AWD Extended Range
0%
Chevrolet Caprice
0%
Chevrolet Caprice Classic
0%
Holden Caprice (WK)
0%
Holden Caprice (WN)
0%
Ford Capri Perana
0%
Mercury Capri RS
0%
Ford Capri RS2600
0%
Ford Capri RS3100
0%
Ford Capri 'The King'
0%
Ford Capri Tickford Turbo
0%
Mercury Capri XR2
0%
Chevrolet Captiva (2011)
0%
Chevrolet Captiva (2019)
0%
Chevrolet Captiva LTX
0%
Renault Captur
0%
Renault Captur 1.3 TCe 155
0%
Renault Captur 1.6 E-Tech Plug-in Hybrid 160
0%
Renault Captur Concept
0%
Renault Captur E-Tech Hybrid 145
0%
Suzuki Cara
0%
Alfa Romeo Carabo
0%
Dodge Caravan Turbo
0%
Renault Caravelle 1100 S Coupe
0%
Renault Caravelle Cabriolet
0%
Mitsubishi Carisma GT Evolution V Group A
0%
Lotus Carlton
0%
Vauxhall Carlton GSi3000 24v
0%
Mazda Carol
0%
Suzuki Carry (DA)
0%
Buick | Vauxhall Cascada
0%
Hyundai Casper 1.0 T-GDI
0%
Cadillac Catera
0%
Vauxhall Cavalier 1.6
0%
Vauxhall Cavalier 1600L
0%
Vauxhall Cavalier Calibre
0%
Vauxhall Cavalier SRi
0%
Vauxhall Cavalier Touring Car
0%
Vauxhall Cavalier Turbo
0%
Chevrolet Cavalier Z24
0%
Porsche Cayenne 3.0 (9Y0)
0%
Porsche Cayenne 3.6 (958)
0%
Porsche Cayenne Coupé 3.0 (9Y3)
0%
Porsche Cayenne Diesel 3.0 (958)
0%
Porsche Cayenne S 4.5 (955)
0%
Porsche Cayenne Turbo
0%
Porsche Cayenne Turbo (958.2)
0%
Porsche Cayenne Turbo Coupé 4.0 (9Y3)
0%
Porsche Cayenne Turbo GT
0%
Porsche Cayenne Turbo S 4.8 (958)
0%
Porsche Cayenne Turbo S E-Hybrid 4.0 (9Y0)
0%
Porsche Cayman GT4 Clubsport R-GT 4.0 (982)
0%
Porsche Cayman GTS
0%
Porsche Cayman R 3.4 (987.2)
0%
Porsche Cayman S 3.4 (981)
0%
Citroën C-Buggy
0%
Aston Martin CC100 Speedster
0%
Koenigsegg CC8S
0%
Citroën C-Cactus
0%
Koenigsegg CCGT
0%
Koenigsegg CCR
0%
Citroën C-Crosser 2.2 L HDi
0%
Koenigsegg CCXR Edition
0%
Koenigsegg CCXR Trevita
0%
Nissan Cedric (330)
0%
Nissan Cedric Gran Turismo SV (Y31)
0%
Nissan Cedric Gran Turismo SV (Y32)
0%
Nissan Cedric Gran Turismo Ultima (Y33)
0%
Nissan Cedric (Y30)
0%
Nissan Cedric (Y34)
0%
Nissan Cefiro 3.0 Brougham VIP (A33)
0%
Alpine Celebration Concept
0%
Suzuki Celerio
0%
Citroën C-Elysée (2015)
0%
Citroën C-Elysée (2018)
0%
Citroën C-Elysée Touring Car (2013)
0%
Citroën C-Elysée Touring Car (2016)
0%
Lamborghini Centenario
0%
Lamborghini Centenario Roadster
0%
Buick Centieme
0%
Chrysler Centura (KB)
0%
Buick Century Gran Sport 455 Stage 1
0%
Buick Century Special Coupe
0%
Buick Century T-Type
0%
TVR Cerbera Speed 12
0%
TVR Cerbera Speed Eight
0%
TVR Cerbera Speed Six
0%
Chevrolet CERV I
0%
Chevrolet CERV II
0%
Chevrolet CERV III
0%
Suzuki Cervo (CG72)
0%
Suzuki Cervo Mode SR-Four 4WD
0%
Suzuki Cervo SR (HG11S)
0%
Citroën C Experience
0%
Dodge Challenger 1320
0%
Dodge Challenger 2.6L
0%
Dodge Challenger Concept
0%
Dodge Challenger Drag Race Package
0%
Dodge Challenger GT AWD
0%
Dodge Challenger R/T
0%
Dodge Challenger R/T Scat Pack
0%
Dodge Challenger Shakedown
0%
Dodge Challenger SRT-10 Concept
0%
Dodge Challenger SRT 392
0%
Dodge Challenger SRT Hellcat
0%
Dodge Challenger SRT Hellcat Redeye Widebody
0%
Dodge Challenger SRT Hellcat Redeye Widebody Jailbreak
0%
Dodge Challenger SRT Hellcat Widebody
0%
Dodge Challenger SRT Super Stock
0%
Dodge Challenger T/A
0%
Mini Challenge Safety Car
0%
Dodge Charger Daytona Scat Pack
0%
Dodge Charger Daytona SRT
0%
Dodge Charger GLHS
0%
Dodge Charger GT AWD
0%
Dodge Charger III
0%
Dodge Charger Juiced
0%
Dodge Charger Pursuit
0%
Dodge Charger R/T (1969)
0%
Dodge Charger R/T (2006)
0%
Dodge Charger R/T Concept
0%
Dodge Charger R/T Scat Pack
0%
Dodge Charger Scat Pack Widebody
0%
Dodge Charger SRT Hellcat
0%
Dodge Charger SRT Hellcat Redeye Widebody
0%
Dodge Charger SRT Hellcat Redeye Widebody Jailbreak
0%
Dodge Charger Super Bee
0%
Lamborghini Cheetah
0%
Nissan Cherry 1200X-1R
0%
Nissan Cherry Coupé X-1
0%
Chevrolet Chevelle
0%
Chevrolet Chevelle Laguna LT5
0%
Chevrolet Chevelle Malibu SS
0%
Chevrolet Chevelle Malibu SS Hardtop Coupe
0%
Chevrolet Chevelle Slammer
0%
Chevrolet Chevelle SS 454
0%
Chevrolet Chevette
0%
Vauxhall Chevette HSR
0%
TVR Chimaera 4.3
0%
TVR Chimaera 5.0
0%
Bugatti Chiron Sport
0%
Chrysler Chronos
0%
Suzuki Ciaz
0%
Cadillac Ciel
0%
Buick Cielo
0%
Cadillac Cien
0%
Nissan Cima 450XV (F50)
0%
Cadillac Cimarron
0%
Nissan Cima VIP (Y51)
0%
Fiat Cinquecento Sporting
0%
Dodge Circuit EV
0%
Chrysler Cirrus LXi
0%
Chrysler Citadel
0%
Citroën Citela
0%
Škoda Citigo 1.0 MPI SE L
0%
Škoda Citigo-e iV
0%
Škoda Citijet
0%
Honda City Cabriolet
0%
Honda City Turbo
0%
Honda City Turbo II
0%
Honda CIvic 1500
0%
Honda Civic 1.8 i-VTEC
0%
Honda Civic CRX Si
0%
Honda Civic e:HEV
0%
Honda Civic Hybrid
0%
Honda Civic Si
0%
Honda Civic Tourer 1.6d
0%
Honda Civic Tourer NGTC
0%
Honda Civic Type R Overland
0%
Mercedes-Benz CLA 250 4MATIC
0%
Honda Clarity Electric
0%
Honda Clarity FCV
0%
Renault Clio 1.4 16v
0%
Renault Clio 16s Group A
0%
Renault Sport Clio 172 Cup
0%
Renault Sport Clio 1.8 16v
0%
Renault Sport Clio 182 Trophy
0%
Renault Sport Clio 200
0%
Renault Sport Clio 220 Trophy
0%
Renault Clio Baccara 1.8 Auto
0%
Renault Clio Blue dCi 85
0%
Renault Clio Cup
0%
Renault Sport Clio Cup Car
0%
Renault Clio E-Tech Hybrid 140
0%
Renault Clio E-Tech Hybrid 145
0%
Renault Sport Clio II Cup
0%
Renault Sport Clio R3
0%
Renault Sport Clio R.S.16
0%
Renault Sport Clio RS 197
0%
Renault Clio RSi 1.8
0%
Renault Clio Sport Tourer 1.5 dCi
0%
Renault Clio TCe 100
0%
Renault Clio TCe 130
0%
Renault Sport Clio V6 Trophy
0%
Renault Sport Clio Williams 16V
0%
Renault Sport Clio Williams Maxi Kit Car
0%
Hyundai Clix
0%
Mercedes-Benz CLK 230 K
0%
Mercedes-Benz CLK 63 AMG Black Series
0%
Mercedes-AMG CLK DTM
0%
Mercedes-Benz CLK GTR
0%
Mercedes-Benz CLS 400
0%
Mercedes-Benz CLS 500
0%
Mini Clubman Cooper (2009)
0%
Mini Clubman Cooper (2016)
0%
Mini Clubman Cooper D
0%
Mini Clubman Cooper S
0%
Mini Clubman Cooper S ALL4
0%
Mini Clubman Cooper S Bond Street
0%
Mini Clubvan Cooper D
0%
Ford C-Max
0%
Citroën C-Métisse
0%
Chevrolet Cobalt SS S/C
0%
Chevrolet Cobalt SS Turbo
0%
AC Cobra 140 Charter
0%
AC Cobra 212 S/C
0%
AC Cobra 378 GT
0%
AC Cobra 378 Superblower MkIV
0%
AC Cobra MkI 289
0%
AC Cobra MkIII 427
0%
AC Cobra MkIII 427 S/C
0%
Chevrolet Code 130R
0%
Alfa Romeo Coloni S1 156
0%
Chevrolet Colorado
0%
Chevrolet Colorado LS Crew Cab
0%
Chevrolet Colorado ZR2
0%
Chevrolet Colorado ZR2 Race Truck
0%
Mitsubishi Colt 1.8 GTi
0%
Mitsubishi Colt (2004)
0%
Mitsubishi Colt (2009)
0%
Mitsubishi Colt CZC
0%
Mitsubishi Colt Galant GTO MR
0%
Mitsubishi Colt GTi-16V
0%
Dodge Colt GT Turbo
0%
Mitsubishi Colt Ralliart Version-R
0%
Mitsubishi Colt SR 4X Ralliart
0%
Dodge Colt Vista AWD
0%
Mercury Comet
0%
Mercury Comet Cyclone
0%
Mercury Comet Cyclone GT Pace Car
0%
Holden Commodore Calais-V Tourer (ZB)
0%
Holden Commodore Calais-V (ZB)
0%
Holden Commodore Evoke (VF)
0%
Holden Commodore LT (ZB)
0%
Holden Commodore RS (ZB)
0%
Holden Commodore SS Group A (VL)
0%
Holden Commodore SS-V Redline
0%
Holden Commodore SSZ (VZ)
0%
Holden Commodore SV6 (VF)
0%
Holden Commodore VXR (ZB)
0%
Volvo Concept Coupé
0%
Suzuki Concept Kizashi
0%
Suzuki Concept Kizashi 2
0%
Suzuki Concept Kizashi 3
0%
Lamborghini Concept S Prototype
0%
AMC Concord 304
0%
Chrysler | Dodge Conquest TSi
0%
Lincoln Continental Concept (2002)
0%
Lincoln Continental Concept (2015)
0%
Lincoln Continental Convertible
0%
Bentley Continental Flying Spur
0%
Bentley Continental Flying Spur Speed
0%
Bentley Continental Flying Star
0%
Bentley Continental GT (2019)
0%
Bentley Continental GT3 (2013)
0%
Bentley Continental GT3 (2018)
0%
Bentley Continental GT3 Concept
0%
Bentley Continental GT3-R
0%
Bentley Continental GTC Mulliner V8
0%
Bentley Continental GTC Mulliner W12
0%
Bentley Continental GT Convertible
0%
Bentley Continental GT Convertible Number 1 Edition by Mulliner
0%
Bentley Continental GTC Speed Edition 12
0%
Bentley Continental GTC V8 (2012)
0%
Bentley Continental GTC V8 (2014)
0%
Bentley Continental GTC V8 (2019)
0%
Bentley Continental GT Diamond Series
0%
Bentley Continental GT Le Mans Collection
0%
Bentley Continental GT Mulliner V8
0%
Bentley Continental GT Mulliner W12
0%
Bentley Continental GT Number 9 Edition by Mulliner
0%
Bentley Continental GT Speed (2008)
0%
Bentley Continental GT Speed (2021)
0%
Bentley Continental GT Speed Black Edition
0%
Bentley Continental GT Speed Breitling Jet Team Series
0%
Bentley Continental GT Speed Convertible
0%
Bentley Continental GT Speed Convertible Black Edition
0%
Bentley Continental GT Speed Coupe
0%
Bentley Continental GT Speed Edition 12
0%
Bentley Continental GT V8 (2014)
0%
Bentley Continental GT V8 (2019)
0%
Bentley Continental GT V8 Convertible Galene Edition
0%
Bentley Continental GT V8 S
0%
Bentley Continental GTZ
0%
Bentley Continental R
0%
Bentley Continental Sedanca Coupé
0%
Bentley Continental Supersports (2010)
0%
Bentley Continental Supersports (2017)
0%
Bentley Continental Supersports Convertible
0%
Bentley Continental Supersports Convertible ISR
0%
Bentley Continental T
0%
Mini Convertible John Cooper Works
0%
Mini Cooper 5 door
0%
Mini Cooper Clubman ALL4 Scrambler
0%
Mini Cooper E
0%
Mini Cooper S 5 door
0%
Mini Cooper S Challenge
0%
Mini Cooper S Challenge 210
0%
Mini Cooper S Convertible Sidewalk
0%
Mini Cooper S Countryman ALL4 Powered by X-raid
0%
Mini Cooper SD
0%
Mini Cooper SD Clubman ALL4
0%
Mini Cooper SD Coupe
0%
Mini Cooper SD Roadster
0%
Mini Cooper SE
0%
Mini Cooper SE Electric Convertible
0%
Mini Cooper S Works 210
0%
Mini Cooper S Works 210 Cabriolet
0%
Mini Cooper S Works GP
0%
Chevrolet COPO Camaro (2012)
0%
Chevrolet COPO Camaro (2018)
0%
Dodge Copperhead
0%
Ford Corcel GT (1.3)
0%
Chrysler Cordoba 360
0%
Dodge Coronet Super Bee
0%
Volkswagen Corrado
0%
Volkswagen Corrado 16v G60
0%
Volkswagen Corrado Cabriolet Prototype
0%
Volkswagen Corrado V6
0%
Vauxhall Corsa 1.4
0%
Vauxhall Corsa 1.4Si
0%
Vauxhall Corsa 1.8 SRi
0%
Opel Corsa-e Rally
0%
Opel Corsa Hybrid Concept
0%
Lincoln Corsair AWD
0%
Lincoln Corsair Grand Touring Hybrid
0%
Opel Corsa Super 1600
0%
Vauxhall Corsa VXR Nurburgring Edition
0%
Ford Cortina Crusader
0%
Chevrolet Corvair Corsa Turbo
0%
Chevrolet Corvair Monza
0%
Chevrolet Corvette 396
0%
Chevrolet Corvette AstroVette
0%
Chevrolet Corvette C4
0%
Chevrolet Corvette C5
0%
Chevrolet Corvette C6.R
0%
Chevrolet Corvette C7.R
0%
Chevrolet Corvette C8.R
0%
Chevrolet Corvette Corvair
0%
Chevrolet Corvette Daytona Prototype
0%
Chevrolet Corvette Grand Sport (1996)
0%
Chevrolet Corvette Grand Sport (2017)
0%
Chevrolet Corvette GS-II
0%
Chevrolet Corvette Impala XP-101
0%
Chevrolet Corvette IMSA GTO (C4)
0%
Chevrolet Corvette Indy
0%
Chevrolet Corvette LT-1
0%
Chevrolet Corvette Stingray
0%
Chevrolet Corvette Stingray (C8)
0%
Chevrolet Corvette Stingray Convertible (C7)
0%
Chevrolet Corvette Stingray Convertible (C8)
0%
Chevrolet Corvette Stingray Coupe (C7)
0%
Chevrolet Corvette Stingray III
0%
Chevrolet Corvette Stingray Racer
0%
Chevrolet Corvette Stingray Z51
0%
Chevrolet Corvette Stingray Z51 (C8)
0%
Chevrolet Corvette Z06 (2001)
0%
Chevrolet Corvette Z06 (2006)
0%
Chevrolet Corvette Z06 (2016)
0%
Chevrolet Corvette Z06 (C8)
0%
Chevrolet Corvette Z06 tuned
0%
Chevrolet Corvette Z06X (C6)
0%
Chevrolet Corvette Z06 (Z07 Performance Package) (C8)
0%
Chevrolet Corvette ZR1 (1971)
0%
Chevrolet Corvette ZR1 (2019)
0%
Chevrolet Corvette ZR2
0%
Mazda Cosmo 1800 Coupe
0%
Mazda Cosmo (1967)
0%
Mazda Cosmo (1975)
0%
Mazda Cosmo (1981)
0%
Mazda Cosmo (1990)
0%
Mazda Cosmo 21
0%
Mazda Cosmo Rotary Turbo Saloon
0%
Mazda Cosmo Turbo (HB)
0%
Mercury Cougar Eliminator
0%
Mercury Cougar XR-7 (1968)
0%
Mercury Cougar XR-7 (1993)
0%
Lamborghini Countach 25th Anniversario
0%
Lamborghini Countach 5000 Quattrovalvole
0%
Lamborghini Countach LP 400
0%
Lamborghini Countach LP 400 S
0%
Lamborghini Countach LP 500
0%
Lamborghini Countach LP 500 S
0%
Lamborghini Countach LPI 800-4
0%
Volkswagen Country Buggy
0%
Mini Countryman C
0%
Mini Countryman Cooper D
0%
Mini Countryman Cooper S ALL4
0%
Mini Countryman Cooper S ALL4 Boardwalk
0%
Mini Countryman Cooper SD ALL4 (2012)
0%
Mini Countryman Cooper SD ALL4 (2020)
0%
Mini Countryman Dakar Service Vehicle
0%
Mini Countryman One (2010)
0%
Mini Countryman One (2017)
0%
Mini Countryman PHEV
0%
Mini Countryman SE ALL4
0%
Ford Country Squire
0%
Fiat Coupe 20v Turbo
0%
Renault Coupé Corbusier
0%
Cadillac Coupe DeVille (1949)
0%
Cadillac Coupe DeVille (1992)
0%
Maserati Coupe GranSport
0%
Audi Coupé GT 5E (B2)
0%
Audi Coupé GT 5S (B2)
0%
Citroën C-Quatre VTS
0%
Volkswagen Crafter 2.0 TDI
0%
Volkswagen Crafter 2.0 TDI 4MOTION
0%
Volkswagen Crafter 2.5 TDI
0%
Fiat Croma Turbo i.e.
0%
Chrysler Crossfire Concept
0%
Chrysler Crossfire Coupe
0%
Chrysler Crossfire Roadster
0%
Chrysler Crossfire SRT-6 Coupe
0%
Chrysler Crossfire SRT-6 Roadster
0%
Volkswagen CrossGolf 1.4 TSI
0%
Volkswagen Cross Polo 1.2 TSI
0%
Subaru Crosstrek Limited
0%
Subaru Crosstrek Sport
0%
Ford Crown Victoria
0%
Chevrolet Cruze LS
0%
Chevrolet Cruze LT
0%
Holden Cruze SRI-V
0%
Chevrolet Cruze SW
0%
Chevrolet Cruze Touring Car
0%
Honda CR-V 1.6 i-DTEC
0%
Honda CR-V 2.0 i-MMD Hybrid AWD
0%
Honda CR-V 2.0 i-VTEC
0%
Honda CR-V 2.2 i-DTEC
0%
Honda CR-V e:HEV 2.0
0%
Honda CR-X 1.6i-16
0%
Honda CR-X del Sol Si
0%
Honda CRX VTEC
0%
Honda CR-Z
0%
Honda CR-Z Concept
0%
Caterham CSR
0%
Acura CSX Type-S
0%
Cadillac CT4
0%
Cadillac CT4-V
0%
Cadillac CT4-V Blackwing
0%
Cadillac CT5
0%
Cadillac CT5-V
0%
Cadillac CT5-V Blackwing
0%
Cadillac CT6
0%
Cadillac CT6-V Coupe
0%
Ruf CTR3 Clubsport
0%
Ruf CTR "Yellowbird"
0%
Cadillac CTS Coupe
0%
Cadillac CTS Sport Wagon
0%
Cadillac CTS-V Coupe Race Car
0%
Cadillac CTS-V Sedan
0%
Cadillac CTS-V Sedan Race Car
0%
Cadillac CTS Vsport
0%
Cadillac CTS-V Sport Wagon
0%
Jaguar C-Type
0%
Nissan Cube (1998)
0%
Nissan Cube (2010)
0%
Oldsmobile Cutlass (1968)
0%
Oldsmobile Cutlass (1973)
0%
Oldsmobile Cutlass 442
0%
Oldsmobile Cutlass S Sport Coupe
0%
Oldsmobile Cutlass Supreme International
0%
Citroën CX 2400 GTi Rally
0%
Mazda CX-30 2.5 Turbo AWD
0%
Mazda CX-3 Racing
0%
Mazda CX-4 2.5 AWD
0%
Mazda CX-5
0%
Mazda CX-50 2.5 Turbo AWD
0%
Mazda CX-50 2.5 Turbo Meridian Edition AWD
0%
Mazda CX-5 2.2 AWD
0%
Mazda CX-5 2.5 AWD
0%
Mazda CX-5 Urban
0%
Mazda CX-60 2.5 PHEV AWD
0%
Mazda CX-60 3.3 D MHEV AWD
0%
Mazda CX-7 2.3T AWD
0%
Mazda CX-7 Adrenaline
0%
Mazda CX-8 2.5 Turbo AWD
0%
Mazda CX-9
0%
Mazda CX-90 3.3 Turbo S AWD
0%
Mazda CX-9 3.7 V6 AWD
0%
Citroën CX GTi Turbo
0%
Cadillac Cyclone
0%
Mercury Cyclone Cobra Jet
0%
Mercury Cyclone GT
0%
Aston Martin Cygnet
0%
Citroën C-Zero
0%
Donkervoort D10
0%
Dodge D-100
0%
Spyker D12
0%
Lancia D24 Pininfarina Spider Sport
0%
Lancia D50
0%
Donkervoort D8 270
0%
Donkervoort D8 270 RS
0%
Donkervoort D8 Audi (E-gas) Wide Track
0%
Donkervoort D8 Cosworth
0%
Donkervoort D8 GTO-40
0%
Donkervoort D8 Zetec Sport
0%
De Tomaso Daihatsu Charade De Tomaso Turbo
0%
Ruf Dakara
0%
Dodge Dakota Laramie 4.7L
0%
Dodge Dakota R/T
0%
Alfa Romeo Dardo
0%
Dodge Dart
0%
Dodge Dart GLH Concept
0%
Dodge Dart Global RallyCross
0%
Dodge Dart Swinger 340
0%
Nissan Datsun 720 Bushmaster
0%
Nissan Datsun 810 SSS
0%
Nissan Datsun Bluebird 1300SS Rally Car (410)
0%
Nissan Datsun Bluebird 2000SSS-EX (910)
0%
Nissan Datsun Pickup (D21)
0%
Nissan Datsun Sports 2000
0%
Nissan Datsun Sunny (B10)
0%
Nissan Datsun Sunny (B210)
0%
Nissan Datsun Sunny Excellent Coupe (B110)
0%
Renault Dauphine Gordini
0%
Dodge Daytona IROC R/T
0%
Dodge Daytona Turbo Z
0%
Aston Martin DB12 Volante
0%
Aston Martin DB3S
0%
Aston Martin DB4 GT Zagato
0%
Aston Martin DB7 GT
0%
Aston Martin DB7 Vantage
0%
Aston Martin DB7 Zagato
0%
Aston Martin DB AR1
0%
Aston Martin DBR22
0%
Aston Martin DBS 770 Ultimate
0%
Aston Martin DBS 770 Ultimate Volante
0%
Aston Martin DBS Carbon Black Edition
0%
Aston Martin DBS Superleggera Volante
0%
Aston Martin DBS V12
0%
Mitsubishi Debonair V3000 Royal AMG
0%
Lancia Dedra
0%
Land Rover Defender 110 D350
0%
Land Rover Defender 110 P300e
0%
Land Rover Defender 110 P400e
0%
Land Rover Defender 110 P400 MHEV
0%
Land Rover Defender 110 P425
0%
Land Rover Defender 130 D350
0%
Land Rover Defender 130 V8 P500
0%
Land Rover Defender 90 D250
0%
Land Rover Defender 90 D300
0%
Land Rover Defender 90 Hard Top D200
0%
Land Rover Defender 90 P425
0%
Land Rover Defender 90 V8 P525
0%
Land Rover Defender OCTA Edition One 110 P635
0%
Land Rover Defender Works V8
0%
Chrysler D'Elegance
0%
Mitsubishi Delica D:5 Rally
0%
Oldsmobile Delmont 88
0%
DMC DeLorean
0%
Lancia Delta 1600 GT
0%
Lancia Delta 1600 HF 4WD Group A
0%
Lancia Delta HF 4WD
0%
Lancia Delta HF Integrale 16v
0%
Lancia Delta HF Integrale Evoluzione
0%
Lancia Delta HF Turbo
0%
Lancia Delta Integrale 16v
0%
Lancia Delta Integrale 8v
0%
Lancia Delta Integrale Evoluzione
0%
Lancia Delta Integrale Evoluzione II
0%
Lancia Delta S4 Rally
0%
Lancia Delta S4 Stradale (SE038)
0%
Mazda Demio 1.5
0%
Mazdaspeed Demio A-Spec
0%
Mazda Demio EV
0%
Mazda Demio Mazdaspeed
0%
Mazda Demio Racing
0%
Mazda Demio Sport
0%
GMC Denali XT
0%
Cadillac DeVille
0%
Cadillac DeVille Concours
0%
Cadillac DeVille Touring Sedan
0%
Lamborghini Diablo
0%
Lamborghini Diablo GT
0%
Lamborghini Diablo GT2
0%
Lamborghini Diablo GT-R
0%
Lamborghini Diablo Roadster Prototype
0%
Lamborghini Diablo SE30
0%
Lamborghini Diablo SV
0%
Lamborghini Diablo SV Roadster
0%
Lamborghini Diablo VT
0%
Lamborghini Diablo VT 6.0
0%
Lamborghini Diablo VT 6.0 SE
0%
Lamborghini Diablo VT Roadster (1995)
0%
Lamborghini Diablo VT Roadster (1997)
0%
Lancia Diàlogos
0%
Mitsubishi Diamante 30R-SE 4WD
0%
Fiat Dino Coupe
0%
Fiat Dino Spider
0%
Opel Diplomat A V8 Coupe
0%
Nissan Disaster Support Mobile-Hub Concept
0%
Land Rover Discovery 1
0%
Land Rover Discovery 2
0%
Land Rover Discovery 3
0%
Land Rover Discovery 5
0%
Land Rover Discovery D300 MHEV
0%
Land Rover Discovery P360 MHEV
0%
Land Rover Discovery Si4
0%
Land Rover Discovery Sport
0%
Land Rover Discovery Sport D200 MHEV
0%
Land Rover Discovery Sport P250 AWD
0%
Land Rover Discovery Sport P300e
0%
Land Rover Discovery SVX Concept
0%
Alfa Romeo Disco Volante (8C)
0%
Alfa Romeo Disco Volante (C52)
0%
Alfa Romeo Disco Volante Spyder
0%
Matra Djet 5
0%
Acura DN-X
0%
Fiat Doblo Cargo 1.6 Multijet II
0%
Drako Dragon
0%
Chrysler Drifter
0%
Chrysler Drifter Van (CL)
0%
Holden Drover
0%
Citroën DS23 Pallas Injection
0%
Citroën DS3 Cabrio Racing
0%
Citroën DS3 R3T
0%
Citroën DS 3 Racing
0%
Citroën DS3 WRC
0%
Citroën DS4 1.6 THP 200
0%
Citroën DS4 2.0 HDi
0%
Citroën DS4 Racing
0%
Citroën DS5 1.6 THP 200
0%
Citroën DS5 2.0 HDi
0%
Citroën DS5 LS
0%
Citroën DS5 LS R
0%
Citroën DS Convertible
0%
Citroën DS Numéro 9
0%
Citroën DS Wild Rubis
0%
Fiat Ducato 180 Multijet Power
0%
Dodge Durango Pursuit
0%
Dodge Durango R/T Hemi AWD
0%
Dodge Durango SRT
0%
Dodge Durango SRT Hellcat
0%
Plymouth Duster 340
0%
Citroën Dyane
0%
Oldsmobile Dynamic 76
0%
Hyundai Dynasty 3.5
0%
Zenos E10
0%
Zenos E10R
0%
Zenos E10S
0%
Peugeot e-2008 GT
0%
Peugeot e-208
0%
Mercedes-Benz E220 BlueTEC
0%
Peugeot e-308
0%
Mercedes-Benz E 320
0%
Mercedes-Benz E 320 CDI
0%
Mercedes-Benz E400 4Matic Coupé
0%
Mercedes-Benz E 430
0%
Mercedes-Benz E 500
0%
Mercedes-Benz E 55 AMG
0%
Mercedes-Benz E 63 AMG
0%
Mercedes-AMG E 63 S
0%
AMC Eagle Wagon
0%
Bugatti EB110 GT
0%
Bugatti EB110 Super Sport
0%
Citroën ë-Berlingo Electric
0%
Volkswagen e-Bulli Concept
0%
Citroën e-C4
0%
Citroën e-C4 X
0%
Lotus Eclat
0%
Lotus Eclat Excel
0%
Mitsubishi Eclipse Coupe GTS
0%
Mitsubishi Eclipse Cross
0%
Mitsubishi Eclipse GSR-4
0%
Mitsubishi Eclipse GS Turbo
0%
Mitsubishi Eclipse GT
0%
Mitsubishi Eclipse GT Spyder
0%
Mitsubishi Eclipse Ralliart
0%
Mitsubishi Eclipse Spyder GS-T
0%
Mitsubishi Eclipse Spyder GTS
0%
Lotus Eco Elise
0%
Ford Ecosport
0%
Chrysler ecoVoyager
0%
Volkswagen e-Crafter
0%
Lancia ECV
0%
Ford Edge Sport
0%
Fiat E-Doblo
0%
Fiat E-Ducato
0%
Citroën E-Elysée
0%
Suzuki e EVERY Concept
0%
Mitsubishi e-Evolution
0%
Holden Efijy
0%
Renault Egeus
0%
Lamborghini Egoista
0%
Volkswagen e-Golf
0%
Lotus Elan+2
0%
Lotus Elan Concept
0%
Lotus Elan FHC
0%
Lotus Elan SE
0%
Lotus Elan Sprint
0%
Hyundai Elantra 1.6 GDI Hybrid
0%
Hyundai Elantra 2.0 MPI
0%
Hyundai Elantra N TCR
0%
Hyundai Elantra Sport
0%
Chevrolet El Camino SS 454
0%
Cadillac Eldorado (1953)
0%
Cadillac Eldorado (1979)
0%
Cadillac Eldorado (1991)
0%
Cadillac Eldorado (1995)
0%
Cadillac Eldorado Biarritz
0%
Cadillac Eldorado Brougham
0%
Cadillac EldoRODo
0%
Mini Electric Pacesetter inspired by JCW
0%
Mini Electric Shadow Edition
0%
Peugeot e-Legend
0%
Volkswagen Elektro Golf 1
0%
Škoda Element
0%
Lotus Eletre R
0%
Lotus Elise 111R
0%
Lotus Elise 111S
0%
Lotus Elise 1.6
0%
Lotus Elise Club Racer
0%
Lotus Elise Concept
0%
Lotus Elise Cup 250
0%
Lotus Elise Cup 250 Bathurst Edition
0%
Lotus Elise Cup 260
0%
Lotus Elise S2
0%
Lotus Elise SC
0%
Lotus Elise S Club Racer
0%
Lotus Elise S Cup
0%
Lotus Elise S Cup R
0%
Lotus Elise Sport 135
0%
Lotus Elise Sport 160
0%
Lotus Elise Sport 190
0%
Lotus Elise Sport 220
0%
Lotus Elise Sport 240 Final Edition
0%
Lotus Elite (1957)
0%
Lotus Elite (1980)
0%
Lotus Elite Concept
0%
Cadillac Elmiraj
0%
Cadillac ELR
0%
Citroën E-Méhari
0%
Infiniti Emerg-E
0%
Lotus Emira
0%
Lotus Emira Clark Edition
0%
Lotus Emira GT4
0%
Lotus Emira Turbo
0%
Lotus Emira Turbo SE
0%
Lotus Emotion
0%
Buick Enclave 2.0
0%
Buick Enclave (2008)
0%
Buick Enclave (2018)
0%
Buick Encore GX
0%
Mitsubishi Endeavor Ralliart
0%
Hyundai Enduro CUV
0%
Buick Enspire
0%
Nissan e-NV200
0%
GMC Envoy (1998)
0%
GMC Envoy (2002)
0%
Honda e:Ny1
0%
Škoda Enyaq Coupe iV 80
0%
Škoda Enyaq Coupe iV 80x
0%
Škoda Enyaq Coupe vRS iV
0%
Škoda Enyaq iV 80
0%
Škoda Enyaq iV 80x
0%
Renault EOLAB
0%
Volkswagen Eos 3.6 VR6
0%
Jaguar E-PACE
0%
Holden Epica CDXi
0%
Suzuki Equator
0%
Chevrolet Equinox (2005)
0%
Chevrolet Equinox (2019)
0%
Holden Equinox LTZ-V AWD (EQ)
0%
Vauxhall Equus
0%
Suzuki Ertiga
0%
Suzuki Ertiga (NC)
0%
Rimac E-Runner Concept_One
0%
Cadillac Escalade ESV (2016)
0%
Cadillac Escalade ESV (2021)
0%
Cadillac Escalade EXT (2002)
0%
Cadillac Escalade EXT (2011)
0%
Cadillac Escalade IQ
0%
Cadillac Escalade Sport
0%
Cadillac Escalade-V
0%
Ford Escape
0%
Ford Escort Mexico
0%
Ford Escort Rally Spec (1970)
0%
Ford Escort Rally Spec (1979)
0%
Ford Escort RS1600
0%
Ford Escort RS1700T
0%
Ford Escort RS2000 (1974)
0%
Ford Escort RS2000 (1996)
0%
Ford Escort RS2000 4WD
0%
Ford Escort RS Cosworth
0%
Ford Escort RS Turbo
0%
Ford Escort Twin Cam
0%
Ford Escort XR3i (1982)
0%
Ford Escort XR3i (1987)
0%
Ford Escort XR3i (1992)
0%
Fiat E-Scudo
0%
Suzuki Escudo Pikes Peak
0%
Renault Espace 1.2 E-Tech Hybrid
0%
Renault Espace 1.8 TCe 225
0%
Renault Espace (1984)
0%
Renault Espace (1991)
0%
Renault Espace (1997)
0%
Renault Espace (2002)
0%
Renault Espace (2016)
0%
Renault Espace 2.0 Blue dCi 200
0%
Renault Espace 2.2 Quadra RXE
0%
Renault Espace 3.0 V6
0%
Renault Espace F1
0%
Renault Espace Spider
0%
Lamborghini Espada Serie I
0%
Lamborghini Espada Serie II
0%
Lamborghini Espada Serie III
0%
Lotus Esprit Concept
0%
Lotus Esprit GT3
0%
Lotus Esprit S2
0%
Lotus Esprit S3
0%
Lotus Esprit S4
0%
Lotus Esprit S4S
0%
Lotus Esprit Sport 300
0%
Lotus Esprit Sport 350
0%
Lotus Esprit V8
0%
Lotus Essex Turbo Esprit
0%
Buick Estate Wagon
0%
Lamborghini Estoque
0%
Lotus Eterne Concept
0%
Lotus Etna
0%
Renault Etoile Filante
0%
Ford E-Tourneo Courier Active
0%
Ford E-Transit
0%
Ford E-Transit Courier 100kW
0%
Ford E-Transit Custom 100kW
0%
Ford E-Transit Custom 160kW
0%
Audi e-tron GT quattro
0%
Jaguar E-Type Lightweight Continuation
0%
Jaguar E-Type V12 Series III Roadster
0%
Mazda Eunos Roadster RS-Limited
0%
Lotus Europa 47 Twin Cam
0%
Lotus Europa S
0%
Lotus Europa S1
0%
Lotus Europa S2
0%
Lotus Europa SE
0%
Lotus Europa Special
0%
Morgan EV3
0%
Morgan Eva GT
0%
Lotus Evija Fittipaldi
0%
Lotus Evija X
0%
Ultima Evolution Convertible
0%
Ultima Evolution Coupe
0%
Range Rover Evoque Autobiography Dynamic
0%
Range Rover Evoque Convertible
0%
Range Rover Evoque P300
0%
Range Rover Evoque P300e
0%
Range Rover Evoque SD4
0%
Range Rover Evoque Si4
0%
Lotus Evora 280
0%
Lotus Evora 400
0%
Lotus Evora 414E
0%
Lotus Evora GT4
0%
Lotus Evora GT430
0%
Lotus Evora GT430 Sport
0%
Lotus Evora GT4 Concept
0%
Lotus Evora GTE Road Car
0%
Lotus Evora Police Car
0%
Lotus Evora S Carabineri
0%
Lotus Evora Sport 410
0%
Lotus Evora Sports Racer
0%
Honda EV Plus
0%
Caterham EV Seven
0%
Suzuki eVX Concept
0%
Suzuki eWX EV Concept
0%
Peugeot EX1
0%
Volvo EX30 Single Motor
0%
Volvo EX30 Twin Motor Performance
0%
Infiniti EX35 AWD
0%
Volvo EX90 Twin Motor
0%
Nissan EXA Sportbak (N13)
0%
Nissan EXA Turbo (N12)
0%
Buick Excelle GT 18T
0%
Buick Excelle XT Turbo
0%
Lotus Excel SE
0%
Subaru Exiga Crossover 7
0%
Lotus Exige 240R
0%
Lotus Exige 265E
0%
Lotus Exige 360 Cup
0%
Lotus Exige Cup 260
0%
Lotus Exige Cup 380
0%
Lotus Exige Cup 430
0%
Lotus Exige Cup 430 Final Edition
0%
Lotus Exige GT3
0%
Lotus Exige R-GT
0%
Lotus Exige S1
0%
Lotus Exige S2
0%
Lotus Exige S 240
0%
Lotus Exige S Club Racer
0%
Lotus Exige Scura
0%
Lotus Exige S LF1
0%
Lotus Exige Sport 350
0%
Lotus Exige Sport 390 Final Edition
0%
Lotus Exige Sport 410
0%
Lotus Exige Sport 420 Final Edition
0%
Lotus Exige S Roadster
0%
Lotus Exige Type 79
0%
Lotus Exige V6 Cup
0%
Lotus Exige V6 Cup R
0%
Bentley EXP 100 GT
0%
Bentley EXP 10 Speed 6 Concept
0%
Bentley EXP 12 Speed 6e Concept
0%
Bentley EXP2
0%
Bentley EXP 9 F
0%
Ford Expedition Platinum
0%
Ford Explorer RWD
0%
Ford Explorer RWD Extended Range
0%
Ford Explorer Sport-Trac Adrenalin
0%
Ford Explorer ST
0%
Ford F-100 302ci
0%
Ford F-100 Eluminator
0%
Ford F-150 Lightning Pro SSV
0%
Ford F-150 Police Responder Pickup
0%
Ford F-150 Raptor 37 Performance Package
0%
Ford F-150 SSV
0%
Ford F-150 SVT Raptor
0%
Ford F-150 Tremor FX2
0%
McLaren F1 GT
0%
McLaren F1 GTR Long tail
0%
McLaren F1 GTR Short Tail
0%
Ford F-250 Super Chief
0%
Ginetta F400
0%
Škoda Fabia 1.0 TSI
0%
Škoda Fabia Estate 1.4 TDI
0%
Škoda Fabia Estate 1.9 TDI PD
0%
Škoda Fabia Hatchback 1.0 TSI
0%
Škoda Fabia Hatchback 1.2 TSI
0%
Škoda Fabia Hatchback 2.0
0%
Škoda Fabia Monte Carlo 1.4 TDI
0%
Škoda Fabia R5
0%
Škoda Fabia Rally2 EVO Edition 120
0%
Škoda Fabia RS 2000
0%
Škoda Fabia Scout 1.2 TSI
0%
Škoda Fabia vRS Estate
0%
Škoda Fabia vRS Hatchback
0%
Nissan Fairlady Z432
0%
Nissan Fairlady Z S-tune GT (Z33)
0%
Ford Fairlane (2005)
0%
Ford Fairlane 500 (1964)
0%
Ford Fairlane 500 (1967)
0%
Ford Fairlane Torino GT
0%
Chrysler Falcon
0%
Ford Falcon 'Bathurst' Cobra
0%
Ford Falcon FPV GT-F 351
0%
Ford Falcon Futura Sprint
0%
Ford Falcon GT
0%
Ford Falcon GT Hardtop (XB)
0%
Ford Falcon XR6 Sprint
0%
Ford Falcon XR6 Turbo (2002)
0%
Ford Falcon XR6 Turbo (2012)
0%
Ford Falcon XR8
0%
Ford Falcon XR8 Sprint
0%
Ford Falcon XT 500
0%
Mazdaspeed Familia
0%
Mazda Familia GT-X
0%
Mazda Familia Sport20 Special 4WD
0%
Mazda Familia Sport 4
0%
Mazda Familia Turbo Cabriolet
0%
Škoda Favorit 1.3 E GLX
0%
Škoda Felicia Estate GLXi 1.6
0%
Škoda Felicia Fun
0%
Škoda Felicia Kit Car
0%
Ford FG Falcon V8 Supercar
0%
AC FIA 289
0%
Pontiac Fiero
0%
Pontiac Fiero GT
0%
Ford Fiesta 1.0 (2016)
0%
Ford Fiesta 1.0 (2022)
0%
Ford Fiesta Active 1.0
0%
Ford Fiesta Active 1.5 TDCi
0%
Ford Fiesta RS1800
0%
Ford Fiesta RS turbo
0%
Ford Fiesta ST Performance Edition
0%
Ford Fiesta XR2 (1981)
0%
Ford Fiesta XR2 (1988)
0%
Ford Fiesta XR2i
0%
Ford Fiesta Zetec S
0%
Chrysler Fifth Avenue
0%
Renault Fiftie
0%
Nissan Figaro
0%
Bristol Fighter
0%
Bristol Fighter T
0%
Pontiac Firebird Trans Am
0%
Vauxhall Firenza 2000 SL Coupé
0%
Vauxhall Firenza Baby Bertha
0%
Chevrolet Firenza CanAm
0%
Vauxhall Firenza Old Nail
0%
Oldsmobile Firenza SX
0%
Chrysler Firepower
0%
Lancia Flaminia GT
0%
Lancia Flaminia Sport Zagato
0%
Lancia Flavia 2000 Coupe
0%
Chevrolet Fleetline
0%
Cadillac Fleetwood Eldorado
0%
Ford Flex 3.5L
0%
Renault Fluence
0%
Renault Fluence Concept
0%
Renault Sport Fluence GT Touring Car
0%
Peugeot Flux
0%
Bentley Flying Spur Design Series
0%
Bentley Flying Spur Hybrid
0%
Bentley Flying Spur Mulliner
0%
Bentley Flying Spur S
0%
Bentley Flying Spur Speed
0%
Bentley Flying Spur Speed Edition 12
0%
Bentley Flying Spur V8 S
0%
Bentley Flying Spur W12
0%
Bentley Flying Spur W12 S
0%
Ford Focus 1.0
0%
Ford Focus 1.0 MHEV
0%
Ford Focus 2.0 EcoBlue Estate
0%
Ford Focus Active 1.5 EcoBlue
0%
Ford Focus Active Estate 1.0 EcoBoost
0%
Ford Focus Bioethanol
0%
Ford Focus Coupe-Cabriolet
0%
Ford Focus RS500
0%
Ford Focus ST170
0%
Ford Focus ST Edition
0%
Ford Focus ST Estate Mountune
0%
Ford Focus ST TDCi Estate
0%
Ford Focus ST Track Pack
0%
Suzuki Forenza
0%
Subaru Forester GT Turbo (SF)
0%
Subaru Forester S-Edition (SH)
0%
Subaru Forester STI
0%
Subaru Forester tS 300 (SJ)
0%
Subaru Forester XTI
0%
Subaru Forester XT Turbo (SG)
0%
Fiat Formula 4
0%
Smart Fortwo Cabrio
0%
Smart Fortwo Coupe T
0%
Smart Fortwo EV
0%
Volkswagen Fox
0%
Jaguar F-Pace 3.0D S
0%
Jaguar F-PACE SVR
0%
Ford FPV F6
0%
Ford FPV F6 R-spec Typhoon
0%
Ford FPV F6 Tornado
0%
Ford FPV F6 Typhoon
0%
Ford FPV Force 6
0%
Ford FPV Force 8
0%
Ford FPV GS
0%
Ford FPV GS Ute
0%
Ford FPV GT
0%
Ford FPV GT 40th Anniversary Edition
0%
Ford FPV GT Cobra R-Spec
0%
Ford FPV GT-P
0%
Ford FPV Pursuit
0%
Peugeot Fractal
0%
Land Rover Freelander
0%
Land Rover Freelander 2 TD4
0%
Renault Frendzy
0%
Suzuki Fronte 360
0%
Vauxhall Frontera
0%
Vauxhall Frontera 2.4i
0%
Nissan Frontier Attack (D23)
0%
Nissan Frontier (D41)
0%
Suzuki Fronx
0%
Honda FR-V 2.2 i-CTDi
0%
Ford FTE TS50
0%
Mitsubishi FTO-EV
0%
Mitsubishi FTO GP Version R
0%
Mitsubishi FTO GPX
0%
Jaguar F-Type Coupe
0%
Jaguar F-Type Project 7
0%
Jaguar F-Type Rally Car
0%
Jaguar F-Type R AWD Convertible
0%
Jaguar F-Type R AWD Coupe
0%
Jaguar F-Type SVR Coupe
0%
Renault Fuego Turbo
0%
Fiat Fullback Cross
0%
Lancia Fulvia Coupe 1.6 HF Group 4
0%
Lancia Fulvia Coupe (1965)
0%
Lancia Fulvia Coupe (2003)
0%
Lancia Fulvia Safari Edition
0%
Lancia Fulvia Sport 1600
0%
Škoda Funstar
0%
Mazda Furai
0%
Plymouth Fury
0%
Ford Fusion Sport
0%
Austin FX4 Taxi
0%
Infiniti FX Vettel Edition (S51)
0%
Infiniti G20 (P10)
0%
Infiniti G20t (P11)
0%
Ginetta G26
0%
Ginetta G28
0%
Ginetta G30
0%
Ginetta G31
0%
Ginetta G32 1.9i
0%
Ginetta G33
0%
Infiniti G35 S
0%
Infiniti G37 IPL
0%
Ginetta G40 Cup
0%
Ginetta G40 GT5
0%
Ginetta G4 Series II Coupe
0%
Mercedes-Benz G 500 Cabriolet
0%
Ginetta G50 GT4
0%
Mercedes-Benz G 55 AMG
0%
Ginetta G55 GT3
0%
Ginetta G56 GT4 Supercup
0%
Ginetta G56 GTA
0%
Ginetta G57 P2
0%
Ginetta G58
0%
Mercedes-AMG G 63 (2015)
0%
Mercedes-AMG G 63 (2018)
0%
Mercedes-AMG G 63 6x6
0%
Pontiac G8 GXP
0%
Mitsubishi Galant 2000 Turbo ECI
0%
Mitsubishi Galant 3.8 V6
0%
Mitsubishi Galant AMG
0%
Mitsubishi Galant GTi-16V
0%
Mitsubishi Galant Ralliart
0%
Mitsubishi Galant VR-4 (1989)
0%
Mitsubishi Galant VR-4 (1993)
0%
Mitsubishi Galant VR-4 Type S
0%
Ford Galaxy
0%
Lamborghini Gallardo LP 550-2
0%
Lamborghini Gallardo LP 550-2 Spyder
0%
Lamborghini Gallardo LP 550-2 Tricolore
0%
Lamborghini Gallardo LP 550-2 Valentino Balboni
0%
Lamborghini Gallardo LP 560-4
0%
Lamborghini Gallardo LP 560-4 Spyder
0%
Lamborghini Gallardo LP 570-4 Edizione Tecnica
0%
Lamborghini Gallardo LP 570-4 Spyder Performante
0%
Lamborghini Gallardo LP 570-4 Squadra Corse
0%
Lamborghini Gallardo LP 570-4 Superleggera
0%
Lamborghini Gallardo LP 570-4 Super Trofeo Stradale
0%
Lamborghini Gallardo SE
0%
Mitsuoka Galue
0%
Mitsuoka Galue 204
0%
Mitsuoka Galue Convertible
0%
Mitsuoka Galue-I
0%
Mitsuoka Galue-II
0%
Mitsuoka Galue-III
0%
Koenigsegg Gemera Concept
0%
Koenigsegg Gemera HV8
0%
Hyundai Genesis 3.8 Sedan
0%
Hyundai Genesis 5.0
0%
Hyundai Genesis Coupe 2.0T
0%
Hyundai Genesis Coupe 3.8 (2010)
0%
Hyundai Genesis Coupe 3.8 (2015)
0%
Hyundai Genesis PM580
0%
Hyundai Genesis PM580T
0%
Hyundai Getz 1.6 Sport
0%
Maserati Ghibli Diesel
0%
Maserati Ghibli S Q4
0%
Maserati Ghibli SS
0%
Maserati Ghibli SS Spyder
0%
Alfa Romeo Giulia 2.2 JTDM
0%
Alfa Romeo Giulia GT 1300 Junior
0%
Alfa Romeo Giulia GTAm
0%
Alfa Romeo Giulia GTA Stradale
0%
Alfa Romeo Giulia Nuova Super 1600
0%
Alfa Romeo Giulia Quadrifoglio Carabinieri
0%
Alfa Romeo Giulia TZ
0%
Alfa Romeo Giulia TZ2
0%
Alfa Romeo Giulia Veloce
0%
Alfa Romeo Giulietta Quadrifoglio Verde
0%
Alfa Romeo Giulietta Spider
0%
Alfa Romeo Giulietta Sprint Veloce
0%
Alfa Romeo Giulietta TCR
0%
Alfa Romeo Giulietta Turbo Autodelta
0%
Mercedes-Benz GL 350
0%
Buick GL8
0%
Buick GL8 Century
0%
Buick GL8 II
0%
Buick GL8 III
0%
Mercedes-Benz GLA 220d
0%
Mercedes-Benz GLC 250d
0%
Mercedes-AMG GLE 63 S
0%
Mercedes-AMG GLS 63
0%
Ford GN34
0%
Volkswagen Golf 1.0 eTSI
0%
Volkswagen Golf 1.5 eTSI
0%
Volkswagen Golf 1.8
0%
Volkswagen Golf 1.8T
0%
Volkswagen Golf 1.9 TDI (1992)
0%
Volkswagen Golf 1.9 TDI (1997)
0%
Volkswagen Golf 1.9 TDI (2003)
0%
Volkswagen Golf 2.0 TDI (2008)
0%
Volkswagen Golf 2.0 TDI (2020)
0%
Volkswagen Golf A59
0%
Volkswagen Golf Alltrack 1.8 TSI
0%
Volkswagen Golf Alltrack 2.0 TDI
0%
Volkswagen Golf Alltrack Country Concept
0%
Volkswagen Golf Cabriolet 1.4 TSI
0%
Volkswagen Golf Cabriolet 2.0
0%
Volkswagen Golf Cabriolet GLI
0%
Volkswagen Golf Country
0%
Volkswagen Golf eR1 Concept
0%
Volkswagen Golf Estate 1.0 eTSI
0%
Volkswagen Golf Estate 1.4 TSI
0%
Volkswagen Golf Estate 1.5 eTSI
0%
Volkswagen Golf Estate 2.0 TDI (2009)
0%
Volkswagen Golf Estate 2.0 TDI (2021)
0%
Volkswagen Golf G60 Rallye
0%
Volkswagen Golf GTE Meteora
0%
Volkswagen Golf GTI 16v
0%
Volkswagen Golf GTI 25th Anniversary Edition
0%
Volkswagen Golf GTI Clubsport
0%
Volkswagen Golf GTI Clubsport S
0%
Volkswagen Golf GTI G60
0%
Volkswagen Golf GTI Group A
0%
Volkswagen Golf GTI Performance Edition 1
0%
Volkswagen Golf GTI Rallye G60 Group A
0%
Volkswagen Golf GTI TCR (2018)
0%
Volkswagen Golf GTI TCR (2019)
0%
Volkswagen Golf GTI W12
0%
Volkswagen Golf Harlequin
0%
Volkswagen Golf Pikes Peak
0%
Volkswagen Golf R 20 Years
0%
Volkswagen Golf R32 (2003)
0%
Volkswagen Golf R32 (2005)
0%
Volkswagen Golf R360S
0%
Volkswagen Golf R400
0%
Volkswagen Golf R Cabriolet
0%
Volkswagen Golf R Estate (2015)
0%
Volkswagen Golf R Estate (2021)
0%
Volkswagen Golf Twin Drive
0%
Volkswagen Golf V6 4MOTION
0%
Volkswagen Golf Variant RaVe 270
0%
Volkswagen Golf VR5
0%
Volkswagen Golf VR6
0%
Ford Granada 2.8i S
0%
Ford Granada Scorpio
0%
Maserati GranCabrio Sport
0%
Pontiac Grand Am
0%
Pontiac Grand Am GT
0%
Citroën Grand C4 Picasso BlueHDi 150
0%
Dodge Grand Caravan
0%
Dodge Grand Caravan R/T
0%
Abarth Grande Punto
0%
Abarth Grande Punto S2000
0%
Hyundai Grandeur
0%
Hyundai Grandeur 1.6T-GDi HEV
0%
Hyundai Grandeur 3.0
0%
Hyundai Grandeur 3.3
0%
Hyundai Grandeur 3.5 GDi
0%
Hyundai Grandeur 3.8
0%
Mitsubishi Grandis
0%
Renault Grand Kangoo 1.5 dCi
0%
Renault Grand Kangoo TCe 130
0%
Mercury Grand Marquis
0%
Pontiac Grand Prix 2+2
0%
Pontiac Grand Prix GTP
0%
Pontiac Grand Prix GXP
0%
Suzuki Grand Vitara
0%
Suzuki Grand Vitara Mild Hybrid
0%
GMC Granite
0%
TVR Grantura
0%
Maserati GranTurismo MC Stradale
0%
Maserati GranTurismo Sport
0%
AMC Gremlin
0%
AC Greyhound 2.0
0%
TVR Griffith
0%
TVR Griffith 200
0%
TVR Griffith 400
0%
TVR Griffith 4.3
0%
TVR Griffith 500
0%
Buick GS 400
0%
Citroën GSA 1.3
0%
Citroën GS Birotor
0%
Suzuki GSX-R/4
0%
Alfa Romeo GT 1600 Junior
0%
Mercedes-AMG GT 4-Door Coupé
0%
Shelby GT500KR
0%
Ford GT70
0%
Ford GT90
0%
Alfa Romeo GTA 1300 Junior
0%
Alpine GTA V6 Turbo Le Mans
0%
Alpine GTA V6 Turbo Mille Miles
0%
Opel GTC Concept
0%
Vauxhall GTC VXR
0%
Drako GTE
0%
Volkswagen GTI Roadster Vision Gran Turismo
0%
Pontiac GTO Judge Ram Air IV
0%
Mitsubishi GT-PHEV
0%
Nissan GTP ZX-Turbo
0%
Ultima GTR640
0%
Nissan GT-R Egoist (R35)
0%
Nissan GT-R GT500 (R35)
0%
Nissan GT-R LM Nismo
0%
Nissan GT-R Nismo N-Attack (R35)
0%
Mercedes-AMG GT Roadster
0%
Nissan GT-R Track Edition (R35)
0%
Volkswagen GT up! Concept
0%
Alfa Romeo GTV
0%
Alfa Romeo GTV 3.2 V6
0%
Alfa Romeo GTV Cup
0%
Plymouth GTX
0%
Ford GTX1
0%
De Tomaso Guara (1993)
0%
De Tomaso Guara (1998)
0%
Citroën GZ
0%
Hummer H1 Alpha Wagon
0%
Hummer H1 Hard-Top
0%
Peugeot H2O
0%
BMW H2R
0%
Hummer H2 SUT
0%
Hummer H2 SUV
0%
Hummer H3 Rally
0%
Hummer H3T Alpha
0%
GMC Handi-Van
0%
Suzuki Hayabusa Sport Prototype
0%
Hyundai HCD9 Talus
0%
Holden HDT Aero (VL)
0%
Holden HDT Commodore SS Group A (VK)
0%
Holden HDT Director (VL)
0%
Plymouth HEMI 'Cuda
0%
Chevrolet HHR SS Turbocharged
0%
Mitsuoka Himiko (2008)
0%
Mitsuoka Himiko (2018)
0%
Peugeot Hoggar
0%
Dodge Hornet GT
0%
Volvo Hot Rod Jakob by Caresto
0%
Vauxhall HP Firenza
0%
Honda HR-V 1.6 VTEC 4WD
0%
Honda HR-V 1.8 4WD
0%
Honda HR-V Hybrid
0%
Mazda HR-X
0%
Mazda HR-X2
0%
Acura HSC
0%
Mitsubishi HSR-II
0%
Mitsubishi HSR-IV
0%
Mitsubishi HSR-VI
0%
Holden HSV Avalanche (VZ)
0%
Holden HSV Avalanche XUV (VZ)
0%
Holden HSV Clubsport R8 Dealer Team Spec (VZ)
0%
Holden HSV Clubsport R8 Tourer (VF)
0%
Holden HSV Clubsport R8 (VF)
0%
Holden HSV Clubsport (VS)
0%
Holden HSV Coupe 4 (V2)
0%
Holden HSV Gen-F Grange (WN)
0%
Holden HSV GTO (V2)
0%
Holden HSV GTSR W1
0%
Holden HSV GTS (V2)
0%
Holden HSV GTS (VE)
0%
Holden HSV GTS (VF)
0%
Holden HSV Maloo GTS (VF)
0%
Holden HSV Maloo R8 (VE)
0%
Holden HSV Maloo (VS)
0%
Holden HSV Maloo (VZ)
0%
Holden HSV Manta (VS)
0%
Holden HSV Senator 215i (VS)
0%
Holden HSV Senator Signature (VF)
0%
Holden HSV Senator SV08 (VE)
0%
Holden HSV VXR Turbo (AH)
0%
Holden HSV W427 (VE)
0%
Pagani Huayra BC
0%
Pagani Huayra R
0%
Pagani Huayra Roadster
0%
Pagani Huayra Roadster BC
0%
GMC HUMMER EV Pickup 3X
0%
GMC HUMMER EV SUV 3X
0%
Bentley Hunaudières
0%
Lamborghini Huracán Coupé
0%
Lamborghini Huracán EVO RWD
0%
Lamborghini Huracán EVO RWD Spyder
0%
Lamborghini Huracán LP 580-2
0%
Lamborghini Huracán LP 580-2 Spyder
0%
Lamborghini Huracán Sterrato BOSCO
0%
Lamborghini Huracán Sterrato NEVE
0%
Lamborghini Huracán Sterrato SABBIA
0%
Lamborghini Huracán Sterrato TERRA
0%
Lamborghini Huracán Tecnica
0%
Suzuki Hustler Hybrid X Turbo
0%
Suzuki Hustler J Style II
0%
Suzuki Hustler Turbo
0%
Hummer HX
0%
Peugeot HX1
0%
Bentley Hybrid Concept
0%
Suzuki Hybrid Ertiga
0%
Lancia Hyena
0%
Citroën Hypnos
0%
Hyundai i10 1.0 T-GDI N Line
0%
Hyundai i20 Coupe Rally Car
0%
Hyundai i20 R5
0%
Hyundai i30 1.5 T-GDI
0%
Hyundai i30 Fastback 1.5 T-GDI
0%
Hyundai i30 Fastback N Performance
0%
Hyundai i30 N Fastback Time Attack
0%
Hyundai i30 N Performance
0%
Hyundai i30 N Project C
0%
Hyundai i30 Tourer 1.0 T-GDI
0%
Infiniti I35 (A33)
0%
BMW i3 eDrive35L (G28)
0%
BMW i3 S
0%
BMW i4 eDrive40
0%
BMW i4 M50
0%
BMW i4 M60 xDrive
0%
BMW i5 eDrive40 (G60)
0%
BMW i5 eDrive40 Touring (G61)
0%
BMW i5 M60 xDrive (G60)
0%
BMW i5 M60 xDrive Touring (G61)
0%
BMW i7 eDrive50 (G70)
0%
BMW i7 M70 xDrive
0%
BMW i7 xDrive60 (G70)
0%
BMW i8
0%
Hyundai i800 2.5 CRDi
0%
BMW i8 Roadster
0%
Mazda Ibuki
0%
Volkswagen ID.3 Pro S 77kWh
0%
Volkswagen ID.3 Pure Performance 45kWh
0%
Volkswagen ID.4 GTX
0%
Volkswagen ID.4 Pro 4MOTION 77kWh
0%
Volkswagen ID.4 Pro Performance 77kWh
0%
Volkswagen ID.4 Pure Performance 52kWh
0%
Volkswagen ID.5 GTX
0%
Volkswagen ID.5 Pro Performance 77kWh
0%
Volkswagen ID.6 X
0%
Volkswagen ID.7 GTX
0%
Volkswagen ID.7 Pro 77kWh
0%
Volkswagen ID. Aero
0%
Volkswagen ID. Buggy
0%
Volkswagen ID. Buzz Cargo
0%
Volkswagen ID. Buzz Concept
0%
Volkswagen ID. Buzz GTX
0%
Volkswagen ID. Buzz long-wheelbase
0%
Volkswagen ID. Crozz
0%
Volkswagen ID. GTI Concept
0%
Volkswagen ID. LIFE
0%
Volkswagen I.D. R Pikes Peak
0%
Nissan IDx Freeflow
0%
Nissan IDx Nismo
0%
Volkswagen ID.X Performance
0%
Volkswagen ID. XTREME
0%
Suzuki Ignis
0%
Suzuki Ignis 1.5 4Grip
0%
Suzuki Ignis Sport
0%
Suzuki Ignis Super 1600
0%
Alfa Romeo Iguana
0%
Acura ILX
0%
Cadillac Imaj
0%
Hyundai iMax N Drift Bus
0%
Mitsubishi i-MiEV
0%
Mitsubishi i-MiEV Evolution
0%
Chevrolet Impala LS
0%
Chevrolet Impala Sport Coupe
0%
Chrysler Imperial Frank Sinatra Edition
0%
Subaru Impreza 22B
0%
Subaru Impreza Casa Blanca
0%
Subaru Impreza Cosworth WRX STI CS400 (GR)
0%
Subaru Impreza Gravel Express (GC8C)
0%
Subaru Impreza Group A
0%
Subaru Impreza RB320
0%
Subaru Impreza Turbo 2000 RB5 (GC8F)
0%
Subaru Impreza WRX 300
0%
Subaru Impreza WRX Hatch (GR)
0%
Subaru Impreza WRX P1 (GC8G)
0%
Subaru Impreza WRX Sedan (GE)
0%
Subaru Impreza WRX STI Hatch (GR)
0%
Subaru Impreza WRX STI R205 (GR)
0%
Subaru Impreza WRX STI S202 (GDB)
0%
Subaru Impreza WRX STI S203 (GDE)
0%
Subaru Impreza WRX STI S204 (GDF)
0%
Subaru Impreza WRX STI Version II (GC8C)
0%
Subaru Impreza WRX STI Version III (GC8D)
0%
Subaru Impreza WRX STI Version III Sports Wagon (GC8D)
0%
Subaru Impreza WRX STI Version V (GC8F)
0%
Peugeot Inception
0%
Ford Indigo
0%
Maserati Indy
0%
Renault Initiale Concept
0%
Cadillac Innerspace
0%
De Tomaso Innocenti Mini De Tomaso
0%
Honda Insight
0%
Vauxhall Insignia 2.0 CDTi
0%
Opel Insignia Country Tourer
0%
Vauxhall Insignia Grand Sport
0%
Vauxhall Insignia VXR SuperSport
0%
Vauxhall Insignia VXR Unlimited
0%
Hyundai Inster 49 kWh Long Range
0%
Peugeot Instinct
0%
Acura Integra GS-R (1992)
0%
Acura Integra GS-R (1993)
0%
Acura Integra GS-R (2001)
0%
Acura Integra LS
0%
Honda Integra Type R BTC-T
0%
Ford Interceptor Utility
0%
Nissan Interstar dCi 180
0%
Dodge Intrepid
0%
Dodge Intrepid ES 3.3L V6
0%
Dodge Intrepid ES 3.5L V6
0%
Lamborghini Invencible
0%
Buick Invicta (1959)
0%
Buick Invicta (2008)
0%
Hyundai Ioniq 5 58 kWh
0%
Hyundai Ioniq 5 63kWh
0%
Hyundai Ioniq 5 77 kWh
0%
Hyundai Ioniq 5 77 kWh 4WD
0%
Hyundai Ioniq 5 84kWh
0%
Hyundai Ioniq 5 84kWh AWD
0%
Hyundai Ioniq 5 N eN1 Cup car
0%
Hyundai Ioniq 5 N TA Spec
0%
Hyundai Ioniq 5 XRT
0%
Hyundai Ioniq 6 77 kWh
0%
Hyundai Ioniq 6 77 kWh 4WD
0%
Hyundai Ioniq 9 Long Range RWD
0%
Hyundai Ioniq Electric
0%
Hyundai Ioniq Hybrid
0%
Saturn Ion Red Line
0%
Ford Iosis X
0%
BMW Isetta 250
0%
Alfa Romeo Issima
0%
Hudson Italia
0%
BMW iX1 eDrive20 (U11)
0%
BMW iX1 xDrive30 (U11)
0%
BMW iX2 xDrive30 (U10)
0%
BMW iX3 Premier Edition
0%
BMW iX M60
0%
BMW iX M70 xDrive (i20)
0%
BMW iX xDrive40
0%
BMW iX xDrive45 (i20)
0%
BMW iX xDrive50
0%
BMW iX xDrive60 (i20)
0%
Infiniti J30 (Y32)
0%
Lamborghini Jalpa
0%
Lamborghini Jarama GT
0%
Lamborghini Jarama GTS
0%
Bentley | Chrysler Java
0%
AMC Javelin AMX
0%
Honda Jazz Crosstar e:HEV
0%
Honda Jazz e:HEV
0%
Honda Jazz Hybrid
0%
Mini JCW ALL4 Countryman
0%
Mini JCW Convertible
0%
Mini JCW Coupe
0%
Oldsmobile Jetstar 1
0%
Volkswagen Jetta GLI Performance Concept
0%
Volkswagen Jetta Hybrid Speed Record Car
0%
Volkswagen Jetta VR6
0%
Suzuki Jimny 1000
0%
Suzuki Jimny five-door
0%
Suzuki Jimny Sierra (1995)
0%
Suzuki Jimny Sierra (2019)
0%
Mini John Cooper Works Buggy
0%
Mini John Cooper Works Challenge Edition
0%
Mini John Cooper Works Clubman
0%
Mini John Cooper Works Countryman ALL4
0%
Mini John Cooper Works Coupe Endurance
0%
Mini John Cooper Works GP (2012)
0%
Mini John Cooper Works GP (2020)
0%
Mini John Cooper Works Rally
0%
Mini John Cooper Works Roadster
0%
Mini John Cooper Works WRC
0%
Mazda Jota MX-5 GT
0%
Dodge Journey
0%
Caterham JPE
0%
Nissan Juke (2010)
0%
Nissan Juke (2013)
0%
Nissan Juke (2020)
0%
Nissan Juke Hybrid (F16)
0%
Nissan Juke Nismo
0%
Nissan Juke Nismo RS
0%
Nissan Juke Nismo RS 4WD M-Xtronic
0%
Nissan Juke-R
0%
Nissan Juke-R 2.0 (F15)
0%
Alfa Romeo Junior Z
0%
Subaru Justy
0%
Chevrolet K1500 Blazer
0%
Mitsuoka K-2
0%
Chevrolet K5 Blazer 5.7L
0%
Chevrolet K5 Blazer-E
0%
Mazda Kabura
0%
Ford Ka Concept
0%
Opel Kadett GT/E
0%
Opel Kadett Rallye E 4S
0%
Renault Kadjar
0%
Dodge Kahuna
0%
Mazda Kai
0%
Alfa Romeo Kamal
0%
Škoda Kamiq 1.5 TSI
0%
Renault Kangoo Be Bop
0%
Renault Kangoo Compact Concept
0%
Renault Kangoo E-Tech
0%
Renault Kangoo E-Tech Van
0%
Renault Kangoo Express Maxi 1.5 dCi
0%
Renault Kangoo Sportway 1.6
0%
Renault Kangoo TCe 100
0%
Renault Kangoo Trekka 1.9DCi
0%
Renault Kangoo Van Blue dCi 115
0%
Lancia Kappa 3.0 V6 24v
0%
Maserati Karif
0%
Volkswagen Karmann Ghia
0%
Škoda Karoq 2.0 TDI 4x4
0%
Škoda Karoq 2.0 TSI 4x4
0%
Suzuki Kei Works
0%
Renault Kiger 1.0 Turbo
0%
Chevrolet Kingswood
0%
Suzuki Kizashi 4x4
0%
Suzuki Kizashi Apex Turbo Concept
0%
Škoda Kodiaq 2.0 TDI 4x4
0%
Škoda Kodiaq 2.0 TSI 4x4
0%
Škoda Kodiaq vRS 2.0 BiTDI
0%
Škoda Kodiaq vRS 2.0 TSI
0%
Mazda Koeru
0%
Renault Koleos (2000)
0%
Renault Koleos (2008)
0%
Renault Koleos (2018)
0%
Hyundai Kona 1.0T
0%
Hyundai Kona 1.0 T-GDI
0%
Hyundai Kona 1.6 Hybrid
0%
Hyundai Kona 1.6T
0%
Hyundai Kona 1.6 Turbo (2019)
0%
Hyundai Kona 1.6 Turbo (2021)
0%
Hyundai Kona Electric
0%
Hyundai Kona Electric 48kWh
0%
Hyundai Kona Electric 65kWh
0%
Hyundai Kona N
0%
Ford Kuga 1.5
0%
Ford Kuga 2.5T
0%
Ford Kuga Hybrid (2019)
0%
Ford Kuga Hybrid (2023)
0%
Ford Kuga Plug-in Hybrid
0%
Renault Kwid 0.8 SCe
0%
Renault Kwid 1.0 SCe
0%
Renault Kwid Climber 1.0 SCe
0%
Renault KWID Concept
0%
Renault Kwid E-Tech
0%
Renault Kwid Racer
0%
Maserati Kyalami
0%
Mitsubishi L200 Triton Sport R
0%
Lincoln L2K
0%
Peugeot L500R
0%
BMW L7
0%
Chevrolet Lacetti
0%
Chevrolet Lacetti Touring Car
0%
Chevrolet Lacetti WTCC R+
0%
Buick LaCrosse
0%
Buick Lacrosse 3.6 AWD
0%
Buick LaCrosse Concept
0%
Buick LaCrosse CXS
0%
Buick LaCrosse Super
0%
Aston Martin Lagonda SUV Concept
0%
Aston Martin Lagonda Vignale
0%
Renault Laguna 3.0 V6 (2000)
0%
Renault Laguna 3.0 V6 (2001)
0%
Renault Laguna Sport Tourer 2.0 dCi 180 GT
0%
Renault Sport Laguna Super Touring
0%
Mitsubishi Lancer 1600 GSR Rally Car
0%
Mitsubishi Lancer 2000 Turbo
0%
Mitsubishi Lancer Evo I
0%
Mitsubishi Lancer Evo IV
0%
Mitsubishi Lancer Evo IX MR FQ-360
0%
Mitsubishi Lancer Evolution II Group A
0%
Mitsubishi Lancer Evolution III
0%
Mitsubishi Lancer Evolution IV RS
0%
Mitsubishi Lancer Evolution IX GSR
0%
Mitsubishi Lancer Evolution IX Wagon MR
0%
Mitsubishi Lancer Evolution VII FQ-300
0%
Mitsubishi Lancer Evolution VII GT-A
0%
Mitsubishi Lancer Evolution VIII RS
0%
Mitsubishi Lancer Evolution VII WRC
0%
Mitsubishi Lancer Evolution VI RS
0%
Mitsubishi Lancer Evolution X Final Edition
0%
Mitsubishi Lancer Evolution X FQ-400
0%
Mitsubishi Lancer Evolution X GSR FQ-300
0%
Mitsubishi Lancer Evolution X MR FQ-440
0%
Mitsubishi Lancer Evo VIII 260
0%
Mitsubishi Lancer Evo VIII FQ-400
0%
Mitsubishi Lancer Evo VIII MR FQ-340
0%
Mitsubishi Lancer Evo VI T.M. Edition
0%
Mitsubishi Lancer Evo X FQ-300 SST
0%
Mitsubishi Lancer Evo X FQ-400
0%
Mitsubishi Lancer GS4
0%
Mitsubishi Lancer GSR Evolution II
0%
Mitsubishi Lancer GSR Evolution V
0%
Mitsubishi Lancer Ralliart Wagon
0%
Mitsubishi Lancer RS-2 Evolution VI
0%
Mitsubishi Lancer Sportback
0%
Mitsubishi Lancer Sportback Ralliart
0%
Dodge Lancer Turbo
0%
Mitsubishi Lancer WRC04
0%
Mitsubishi Lancer WRC05
0%
Peugeot Landtrek
0%
Suzuki Landy
0%
Mazda Lantis Super Touring
0%
Mazda Lantis Type R
0%
Lamborghini Lanzador
0%
Mazda Laputa S Turbo
0%
Ford Laser SR2
0%
Chrysler Laser XT
0%
Renault Latitude 3.5 V6
0%
Nissan Laurel (C33)
0%
Nissan Laurel Club S Turbo (C34)
0%
Nissan Laurel Club S Turbo (C35)
0%
Lancia LC1 Spider
0%
Lancia LC2
0%
Nissan Leaf Nismo RC
0%
Chrysler LeBaron GTC
0%
Chrysler LeBaron GTC Turbo Convertible
0%
Chrysler LeBaron GTS Turbo
0%
Chrysler LeBaron Town & Country Convertible
0%
Chrysler LeBaron Town & Country Station Wagon
0%
Hyundai Le Fil Rouge
0%
Subaru Legacy 2.0GT (BP)
0%
Subaru Legacy 2.5GT Touring Wagon (BR)
0%
Subaru Legacy 2.5GT tS Touring Wagon (BR)
0%
Subaru Legacy B4 Blitzen (BE)
0%
Subaru Legacy B4 Blitzen (BH)
0%
Subaru Legacy B4 GT300 (BM)
0%
Subaru Legacy B4 RS30 (BE)
0%
Subaru Legacy B4 RSK (BE)
0%
Subaru Legacy GT-B Touring Wagon (BG)
0%
Subaru Legacy Outback (BG)
0%
Subaru Legacy RS (BC)
0%
Subaru Legacy STI S401 (BE)
0%
Subaru Legacy STI S402 (BL)
0%
Subaru Legacy Touring Wagon 2.0GT Spec B (BP)
0%
Honda Legend 2.7 V6
0%
Acura Legend 3.2 V6
0%
Honda Legend 3.5 V6
0%
Honda Legend 3.7 SH-AWD
0%
Mitsubishi Legnum VR-4
0%
Subaru Leone (1971)
0%
Subaru Leone (1979)
0%
Subaru Leone (1984)
0%
Nissan Leopard Turbo 2000SGX (F30)
0%
Nissan Leopard Type-X (Y32)
0%
Nissan Leopard XR (Y33)
0%
Maserati Levante Diesel
0%
Maserati Levante S
0%
Subaru Levorg
0%
Subaru Levorg STI Sport (VM)
0%
Subaru Levorg (VN)
0%
Suzuki Liana
0%
Mitsuoka Like
0%
Holden Limited Edition Coupe (HX)
0%
Lamborghini LM001
0%
Lamborghini LMA002
0%
De Tomaso Longchamp
0%
De Tomaso Longchamp GTS
0%
Saturn LS100
0%
Oldsmobile LSS
0%
Lincoln LS V8
0%
Volkswagen LT 2.8 TDI
0%
Buick Lucerne
0%
Buick Lucerne Concept
0%
Mazda Luce V6 3000 Royal Classic
0%
Chevrolet Lumina (1995)
0%
Chevrolet Lumina (1998)
0%
Chevrolet Lumina APV
0%
Chevrolet Lumina CSV CR8
0%
Chevrolet Lumina SS Coupe
0%
Chevrolet Lumina Z34
0%
Volkswagen Lupo 1.4 16v FSI
0%
Volkswagen Lupo 1.4 TDI
0%
Saturn LW
0%
Ford Lynx
0%
Cadillac Lyriq AWD
0%
Lotus M100 Elan
0%
BMW M135i xDrive
0%
BMW M140i
0%
BMW M1 Group 5 (E26)
0%
BMW M1 Procar Group 4
0%
BMW M235i xDrive Gran Coupe
0%
BMW M240i
0%
BMW M240i Convertible
0%
BMW M240i xDrive Coupe (G42)
0%
Lotus M250
0%
BMW M2 Competition
0%
BMW M2 Coupe (G87)
0%
BMW M2 CS
0%
BMW M2 CS Racing (F87)
0%
Infiniti M30 Convertible (F31)
0%
BMW M340d xDrive Saloon
0%
BMW M340d xDrive Touring
0%
BMW M340i xDrive Saloon
0%
BMW M340i xDrive Touring
0%
BMW M3 Competition M xDrive Saloon
0%
BMW M3 Competition Saloon
0%
BMW M3 Competition Touring xDrive (G81)
0%
BMW M3 Convertible
0%
BMW M3 CRT
0%
BMW M3 DTM (E92)
0%
BMW M3 Group A (E30)
0%
BMW M3 GT (E36)
0%
BMW M3 GT (E92)
0%
BMW M3 GTR
0%
BMW M3 GTR (E36)
0%
BMW M3 GTR Strassenversion (E36)
0%
BMW M3 GTR Strassenversion (E46)
0%
BMW M3 GTS
0%
AMC M422 Mighty Mite
0%
BMW M440d xDrive Coupe
0%
BMW M440i xDrive Convertible
0%
BMW M440i xDrive Coupe
0%
BMW M440i xDrive Gran Coupe (G26)
0%
Infiniti M45
0%
Infiniti M45 S
0%
BMW M4 Competition M xDrive Convertible (G83)
0%
BMW M4 Competition M xDrive Coupe
0%
BMW M4 Competition M xDrive Coupe (G82)
0%
BMW M4 Coupe (G82)
0%
BMW M4 CSL (G82)
0%
BMW M4 DTM Champion Edition (F82)
0%
BMW M4 DTM (F82)
0%
BMW M4 DTM Turbo (F82)
0%
BMW M4 GT3 (G82)
0%
BMW M4 GT4 EVO (G82)
0%
BMW M4 GTS
0%
Dodge M4S
0%
BMW M5 30 Jahre Edition
0%
BMW M535i
0%
BMW M550d xDrive Saloon
0%
BMW M550d xDrive Touring
0%
BMW M550i xDrive Saloon
0%
Infiniti M56 (Y51)
0%
BMW M5 Competition
0%
BMW M5 CS
0%
BMW M5 Race Car (E34)
0%
BMW M5 Touring (E34)
0%
BMW M5 Touring (E61)
0%
Alpine M64
0%
BMW M6 Convertible
0%
BMW M6 Gran Coupe
0%
BMW M6 GT3 (F13)
0%
BMW M6 GTLM (F13)
0%
BMW M760e xDrive (G70)
0%
BMW M760Li xDrive V12
0%
BMW M850i xDrive
0%
BMW M850i xDrive Convertible
0%
BMW M8 Competition Convertible
0%
BMW M8 Competition Gran Coupe (F93)
0%
BMW M8 GTE
0%
Porsche Macan 2.0
0%
Porsche Macan S Diesel 3.0 (95B)
0%
Porsche Macan Turbo
0%
Porsche Macan Turbo Performance Pack
0%
Ford Mach-E 1400 Prototype
0%
Bufori Madison
0%
MG Maestro Turbo
0%
Mitsubishi Magna Ralliart (TJ)
0%
Mitsubishi Magna VR-X (TL)
0%
Dodge Magnum R/T
0%
Dodge Magnum SRT-8
0%
Chevrolet Mako Shark II
0%
Holden Malibu CDX
0%
Chevrolet Malibu Maxx
0%
Chevrolet Malibu Maxx SS
0%
Vauxhall Maloo R8 LSA
0%
Opel Manta 400
0%
Opel Manta 400 Rally
0%
Opel Manta GSe ElektroMod
0%
Opel Manta GTE
0%
Mercury Marauder
0%
Mercury Marauder Convertible
0%
Mercury Marauder S-55
0%
Nissan March Nismo S (K13)
0%
Nissan March R (K10)
0%
Nissan March Super Silhouette (K10)
0%
Nissan March Turbo (K10)
0%
Morris Marina 1700HL
0%
Morris Marina 1700HL Estate
0%
Jaguar Mark 2 Touring Car
0%
Lincoln Mark II
0%
Lincoln Mark III
0%
Lincoln Mark VIII LSC
0%
Lincoln Mark VII LSC SE
0%
Chevrolet Matiz
0%
Alfa Romeo Matta
0%
Ford Maverick Tremor
0%
Ford Maya
0%
Ford Maya II EM
0%
Mini Mayfair
0%
Maserati MC12 Stradale
0%
Mercury MC2
0%
Mercury MC4
0%
BMW M Coupe
0%
Acura MDX (2012)
0%
Acura MDX (2019)
0%
Chrysler ME Four-Twelve
0%
Renault Sport Mégane 2.0 dCi 175
0%
Renault Sport Mégane 230 F1 Team R26
0%
Renault Sport Mégane 275 Cup-S
0%
Renault Sport Mégane 275 Trophy-R
0%
Renault Sport Mégane 280 Cup
0%
Renault Sport Mégane 300 Trophy
0%
Renault Mégane Coupe 2.0 16V
0%
Renault Mégane E-Tech
0%
Renault Mégane eVision
0%
Renault Mégane GT 220 Sport Tourer
0%
Renault Mégane GT TCe 205
0%
Renault Sport Mégane Maxi
0%
Renault Sport Mégane RS TCR
0%
Renault Mégane Scenic
0%
Renault Mégane Sport Tourer 1.6 E-Tech Hybrid
0%
Renault Mégane Sport Tourer DCi 115
0%
Renault Mégane TCe 140
0%
Renault Sport Mégane Trophy
0%
Renault Sport Mégane Trophy-R
0%
Citroën Mehari 4x4
0%
Maserati Merak SS
0%
Vauxhall Meriva VXR
0%
Mercury Messenger
0%
Mercury Meta One
0%
Geo Metro
0%
MG Metro 6R4 Clubman
0%
Citroën Metropolis
0%
MG Metro Turbo
0%
Maserati Mexico
0%
MG MGB GT V8
0%
MG MGC GT
0%
BMW M Hybrid V8
0%
Mazda Miata M Coupe
0%
Mazda Miata M Speedster
0%
Nissan Micra 350SR (K12)
0%
Nissan Micra Super Turbo (K10)
0%
Mitsuoka Micro Type-F
0%
Nissan MID 4
0%
Nissan MID 4-II
0%
MG Midget
0%
Morgan Midsummer
0%
Mitsubishi MiEV Evolution II
0%
Mitsubishi MiEV Evolution III
0%
Ford Mighty F-350 Tonka
0%
Mercury Milan
0%
Mazda Minagi
0%
Morris Minor 1000
0%
Mitsubishi Mirage
0%
Mitsubishi Mirage 1400 GT Turbo
0%
Mitsubishi Mirage Asti RS
0%
Mitsubishi Mirage Kammtop
0%
Chevrolet Miray
0%
Maserati Mistral
0%
Alfa Romeo Mito
0%
Alfa Romeo MiTo GTA
0%
Alfa Romeo MiTo Quadrifoglio Verde
0%
Lamborghini Miura Concept
0%
Lamborghini Miura P 400
0%
Lamborghini Miura P 400 Jota
0%
Lamborghini Miura P 400 SVR
0%
Lamborghini Miura Roadster
0%
Lotus Mk1 Cortina
0%
Lincoln MKC
0%
Bufori MKII 2+2 Merdeka Edition
0%
Bufori MKIII La Joya
0%
Bufori MKII Series 1
0%
Bufori MKII Series 2
0%
Bufori MKI Offroad Race Car
0%
Lincoln MKS Concept
0%
Lincoln MKT
0%
AC Mk VI GT Big Block
0%
AC Mk VI GTS
0%
AC Mk VI GTSR
0%
Lincoln MKX
0%
Lincoln MKZ Black Label
0%
Lincoln MKZ Concept
0%
Lincoln MKZ Hybrid
0%
Mercedes-AMG ML 63
0%
Hyundai Moab Extreme Off-Roader Santa Fe Sport
0%
Ford Model U
0%
Mini Moke
0%
Vauxhall Mokka 4x4
0%
Opel Mokka Moscow Edition
0%
Dodge Monaco
0%
Holden Monaro CV6 (V2)
0%
Holden Monaro CV8-R (V2)
0%
Holden Monaro CV8 (V2)
0%
Holden Monaro CV8 (VZ)
0%
Holden Monaro GTS 350 (HQ)
0%
Holden Monaro GTS 350 (HT)
0%
Holden Monaro GTS Sedan (HX)
0%
Holden Monaro LS (HJ)
0%
Vauxhall Monaro VXR 500
0%
Ford Mondeo 2.0 TDCI
0%
Ford Mondeo 2.2 TDCi
0%
Ford Mondeo 2.5 T
0%
Ford Mondeo Hybrid
0%
Ford Mondeo ST200
0%
Ford Mondeo ST220
0%
Pontiac Montana
0%
Chevrolet Monte Carlo
0%
Chevrolet Monte Carlo SS (1983)
0%
Chevrolet Monte Carlo SS (2001)
0%
Chevrolet Monte Carlo SS (2006)
0%
Chevrolet Monte Carlo SS 454
0%
Chevrolet Monte Carlo SS Jeff Gordon Edition
0%
Lancia Montecarlo Turbo
0%
Chevrolet Monte Carlo Z34
0%
Mercury Montego
0%
MG Montego Turbo
0%
Alfa Romeo Montreal
0%
Opel Monza GSE
0%
Renault Morphoz
0%
Lotus Motorsport Elise
0%
Mercury Mountaineer
0%
Škoda Mountiaq
0%
Mazda MPV Mazdaspeed Package
0%
Suzuki MR Wagon Sport
0%
Bentley Mulsanne
0%
Bentley Mulsanne Blue Train Limited Edition
0%
Bentley Mulsanne Design Series
0%
Bentley Mulsanne Extended Wheelbase
0%
Bentley Mulsanne Grand Convertible
0%
Bentley Mulsanne Grand Limousine
0%
Bentley Mulsanne Mulliner Driving Specification
0%
Bentley Mulsanne Speed
0%
Bentley Mulsanne Turbo
0%
Bentley Mulsanne W.O. Edition
0%
Fiat Multipla
0%
Fiat Multipla 1.9 JTD
0%
Volkswagen Multivan 1.4 TSI eHybrid
0%
Nissan Murano AWD (Z52)
0%
Nissan Murano CrossCabriolet
0%
Nissan Murano GT-C
0%
Nissan Murano Hybrid (Z52)
0%
Lamborghini Murciélago
0%
Lamborghini Murciélago LP 640
0%
Lamborghini Murciélago LP 640 Roadster
0%
Lamborghini Murciélago LP 650-4 Roadster
0%
Lamborghini Murciélago LP 670-4 SuperVeloce
0%
Lamborghini Murciélago Roadster
0%
Matra Murena
0%
Ford Mustang 289
0%
Ford Mustang BOSS 302
0%
Ford Mustang Boss 302
0%
Ford Mustang Boss 351
0%
Ford Mustang Cobra
0%
Ford Mustang Cobra Jet 1400
0%
Ford Mustang Ecoboost
0%
Ford Mustang FR500GT
0%
Ford Mustang GT4
0%
Ford Mustang GT Convertible
0%
Ford Mustang GT Power & Perf. Pack
0%
Ford Mustang GT-R
0%
Ford Mustang I
0%
Ford Mustang II
0%
Ford Mustang II King Cobra
0%
Ford Mustang M81
0%
Ford Mustang Mach 1 (1969)
0%
Ford Mustang Mach 1 (1971)
0%
Ford Mustang Mach 1 (2004)
0%
Ford Mustang Mach 1 (2021)
0%
Ford Mustang Mach 1 Super Cobra Jet
0%
Ford Mustang Mach 2
0%
Ford Mustang Mach-E
0%
Ford Mustang Mach-E GT
0%
Ford Mustang Mach-E Rally
0%
Ford Mustang SVO
0%
Ford Mustang SVT Cobra R
0%
Mazda MX-30
0%
Mazda MX-30 R-EV
0%
Mazda MX-3 V6
0%
Mazda MX-5 10th Anniversary (NB)
0%
Mazda MX-5 1.5
0%
Mazda MX-5 (1989)
0%
Mazda MX-5 (1998)
0%
Mazda MX-5 2.0
0%
Mazda MX-5 (2005)
0%
Mazda MX-5 (2018)
0%
Mazda MX-5 20th Anniversary (NC)
0%
Mazda MX-5 30th Anniversary (ND)
0%
Mazda MX-5 BBR Turbo
0%
Mazda MX-5 Cup
0%
Mazda MX-5 GT Race Car
0%
Mazda MX-5 Le Mans 24 (NA)
0%
Mazdaspeed MX-5 Miata
0%
Mazda MX-5 MPS
0%
Mazda MX-5 RF
0%
Mazda MX-5 RF 1.5
0%
Mazda MX-5 RF 2.0
0%
Mazda MX-5 Speedster Evolution
0%
Mazda MX-6 2.5 V6
0%
Mazdaspeed MX-6 A Spec
0%
Mazda MX-Crossport
0%
Chrysler Nassau
0%
Lincoln Nautilus
0%
Lincoln Nautilus AWD
0%
Lincoln Nautilus Black Label AWD
0%
Alfa Romeo Navajo
0%
Nissan Navara
0%
Nissan Navara (D22)
0%
Nissan Navara (D40)
0%
Lincoln Navicross
0%
Lincoln Navigator (1999)
0%
Lincoln Navigator (2004)
0%
Lincoln Navigator (2007)
0%
Lincoln Navigator (2018)
0%
Lincoln Navigator Concept
0%
BMW Nazca C2
0%
Dodge Neon ACR
0%
Dodge Neon SRT-4
0%
Renault Nepta
0%
Volkswagen New Beetle 1.8T
0%
Volkswagen New Beetle 2.5
0%
Volkswagen New Beetle Cabriolet
0%
Volkswagen New Beetle RSi
0%
Volkswagen New Beetle RSi Cabrio
0%
Volkswagen New Beetle Turbo S
0%
Chrysler Newport
0%
Chrysler New Yorker (1969)
0%
Chrysler New Yorker (1987)
0%
Chrysler New Yorker (1992)
0%
Hyundai Nexo
0%
Renault Niagara
0%
Oldsmobile Ninety-Eight
0%
Nissan Nismo Z GT500
0%
Dodge Nitro R/T
0%
Volkswagen NMC
0%
Ariel | Chevrolet Nomad
0%
Nissan Note e-Power Nismo (E12)
0%
Mitsuoka Nouera
0%
Vauxhall Nova GTE
0%
Vauxhall Nova Sport
0%
Chevrolet Nova SS 327 Coupe
0%
Chevrolet Nova SS 350 Coupe
0%
Chevrolet Nova Twin-Cam
0%
Nissan NP300 Navara
0%
Honda NSX 3.2
0%
Honda NSX-R
0%
Alfa Romeo Nuvola
0%
Nissan NV Cargo X
0%
Hyundai N Vision 74
0%
Škoda Octavia Estate 1.5 TSI
0%
Škoda Octavia Estate 1.8 T
0%
Škoda Octavia Estate 2.0 TDI
0%
Škoda Octavia Estate 2.0 TDI CR 4x4
0%
Škoda Octavia Hatchback 1.5 TSI
0%
Škoda Octavia Hatchback 1.8T FSI
0%
Škoda Octavia Hatchback 1.9 TDI PD
0%
Škoda Octavia Hatchback 2.0 TDI
0%
Škoda Octavia iV Hatchback 1.4 TSI PHEV
0%
Škoda Octavia iV vRS Estate
0%
Škoda Octavia iV vRS Hatchback
0%
Škoda Octavia Scout 1.8 TSI
0%
Škoda Octavia Scout 2.0 TDI
0%
Škoda Octavia Scout 2.0 TSI
0%
Škoda Octavia Super
0%
Škoda Octavia vRS 245 Estate
0%
Škoda Octavia vRS Bonneville special
0%
Škoda Octavia vRS Estate 2.0 TDI 4x4
0%
Škoda Octavia vRS Estate 2.0 TDI CR
0%
Škoda Octavia vRS Estate 2.0 TDI CR 4x4
0%
Škoda Octavia vRS Hatchback 2.0T FSI
0%
Škoda Octavia vRS Hatchback 2.0 TSI (2013)
0%
Škoda Octavia vRS Hatchback 2.0 TSI (2020)
0%
Škoda Octavia vRS Police Car
0%
Škoda Octavia WRC
0%
Honda Odyssey
0%
Honda Odyssey 2.3
0%
Honda Odyssey 3.5 V6
0%
Citroën Oli
0%
Fiat Oltre
0%
Hyundai OLV
0%
Opel Omega 2.5 DTI Caravan
0%
Vauxhall Omega 3.0 24V Saloon
0%
Opel Omega V8.Com Concept
0%
Renault Ondelios
0%
Aston Martin One-77
0%
Mini One D
0%
Holden One Tonner (VZ)
0%
Opel OPC Extreme
0%
Buick Opel Sports Coupe
0%
Chevrolet Orlando LTZ
0%
Mitsuoka Orochi Concept
0%
Mitsuoka Orochi Zero
0%
Renault Oroch TCe 1.3
0%
Subaru Outback XT (BT)
0%
Mitsubishi Outlander
0%
Mitsubishi Outlander 2.0 Turbo Diesel
0%
Mitsubishi Outlander PHEV (2016)
0%
Mitsubishi Outlander PHEV (2021)
0%
Mitsubishi Outlander PHEV Baja
0%
Saturn Outlook
0%
McLaren P1 GTR
0%
Volvo P220 Amazon Estate
0%
Alfa Romeo P33 Roadster
0%
Range Rover P400e PHEV
0%
Bizzarrini P538 Barchetta
0%
Rover P5 B Coupe
0%
Rover P6
0%
De Tomaso P72
0%
Mini Paceman Cooper S
0%
Mini Paceman Cooper SD
0%
Mini Paceman John Cooper Works
0%
AMC Pacer
0%
Chrysler Pacifica
0%
Chrysler Pacifica Hybrid
0%
Chrysler Pacifica Plug-in Hybrid
0%
Mitsubishi Pajero (1989)
0%
Mitsubishi Pajero (2002)
0%
Mitsubishi Pajero (2007)
0%
Mitsubishi Pajero 3500 V6
0%
Mitsubishi Pajero Dakar
0%
Mitsubishi Pajero Evolution
0%
Mitsubishi Pajero Evolution 2+2
0%
Mitsubishi Pajero Evolution MPR11
0%
Mitsubishi Pajero Evolution MPR13
0%
Mitsubishi Pajero Evolution T2
0%
Mitsubishi Pajero Field Guard
0%
Mitsubishi Pajero Junior
0%
Mitsubishi Pajero Mini
0%
Mitsubishi Pajero Pinin
0%
Mitsubishi Pajero Sport (1999)
0%
Mitsubishi Pajero Sport (2015)
0%
Mitsubishi Pajero Sport AT35 Arctic Trucks
0%
Hyundai Palisade 2.2 CRDi
0%
Hyundai Palisade 3.8 V6
0%
De Tomaso Pampero
0%
Porsche Panamera 2.9 (971.2)
0%
Porsche Panamera 4S E-Hybrid Sport Turismo (971.2)
0%
Porsche Panamera Diesel 3.0 (970)
0%
Porsche Panamera GTS Sport Turismo 4.0 (971)
0%
Porsche Panamera Turbo (2010)
0%
Porsche Panamera Turbo (2017)
0%
Porsche Panamera Turbo S 4.8 (970)
0%
Porsche Panamera Turbo S E-Hybrid Sport Turismo 4.0 (971.2)
0%
Porsche Panamericana
0%
Fiat Panda 100hp
0%
Fiat Panda (1980)
0%
Fiat Panda (2017)
0%
Fiat Panda 4x4 (1983)
0%
Fiat Panda 4x4 (2019)
0%
Fiat Panda Cross 4x4 Mark 3
0%
Fiat Panda Hawaii Edition
0%
Fiat Panda Italia 90
0%
Fiat PanDAKAR
0%
Fiat Panda Sport
0%
Alfa Romeo Pandion
0%
Holden Panel Van Sandman (HZ)
0%
De Tomaso Pantera Group 4
0%
De Tomaso Pantera GT5
0%
De Tomaso Pantera GT5-S
0%
De Tomaso Pantera GTS
0%
De Tomaso Pantera L
0%
De Tomaso Pantera SI
0%
Nissan Pao
0%
Buick Park Avenue (2000)
0%
Buick Park Avenue (2007)
0%
Buick Park Avenue Essence
0%
Buick Park Avenue Ultra (1992)
0%
Buick Park Avenue Ultra (1999)
0%
Volkswagen Passat 1.5 TSI
0%
Volkswagen Passat 1.5 TSI eHybrid
0%
Volkswagen Passat 1.9 TDI
0%
Volkswagen Passat 2.0 TSI 4MOTION
0%
Volkswagen Passat 2.2L
0%
Volkswagen Passat 2.5 TDI V6
0%
Volkswagen Passat 3.2 FSI 4MOTION
0%
Volkswagen Passat Alltrack 2.0 TDI
0%
Volkswagen Passat Alltrack 2.0 TSI (2010)
0%
Volkswagen Passat Alltrack 2.0 TSI (2015)
0%
Volkswagen Passat Estate 2.0 TSI 4MOTION
0%
Volkswagen Passat GT
0%
Volkswagen Passat GTE
0%
Volkswagen Passat GT VR6
0%
Volkswagen Passat R36
0%
Volkswagen Passat R36 Estate
0%
Volkswagen Passat R GT Concept
0%
Volkswagen Passat Saloon 2.0 BiTDI 4MOTION
0%
Volkswagen Passat VR5
0%
Volkswagen Passat VR6
0%
Volkswagen Passat W8
0%
Volkswagen Passat W8 Estate
0%
Hyundai PassoCorto
0%
Nissan Pathfinder (1985)
0%
Nissan Pathfinder (2006)
0%
Nissan Pathfinder (2010)
0%
Nissan Pathfinder (2013)
0%
Nissan Pathfinder (R50)
0%
Nissan Pathfinder Rock Creek (R53)
0%
Nissan Patrol (1986)
0%
Nissan Patrol (1987)
0%
Nissan Patrol (1997)
0%
Nissan Patrol (2000)
0%
Nissan Patrol (4W60)
0%
Nissan Patrol Nismo
0%
Nissan Patrol (type 60)
0%
Nissan Patrol (Y60) Dakar rally car
0%
Vauxhall PA Velox
0%
Nissan PENNZOIL NISMO GT-R
0%
Chrysler Phaeton
0%
Volkswagen Phaeton 6.0 W12
0%
Volkswagen Phaeton V10 TDI
0%
Volkswagen Phaeton V6 TDI
0%
Volkswagen Phaeton W12
0%
Volkswagen Phideon 3.0 V6
0%
Volkswagen Phideon GTE
0%
Holden Piazza Turbo
0%
Mini Pick-up
0%
Suzuki Pikes Peak XL7
0%
Honda Pilot 4WD (2003)
0%
Honda Pilot 4WD (2009)
0%
Honda Pilot 4WD (2016)
0%
Nissan Pixo
0%
Subaru Pleo Nesta
0%
Morgan Plus 4 70th Anniversary Edition
0%
Morgan Plus 4 Plus
0%
Morgan Plus 4 SLR
0%
Morgan Plus 4 Super Sports
0%
Morgan Plus 4 Super Sports Baby Doll VI
0%
Morgan Plus 8 50th Anniversary
0%
Morgan Plus 8 GTR
0%
Morgan Plus 8 GTR (GT2)
0%
Morgan Plus 8 Speedster
0%
Morgan Plus E
0%
Morgan Plus Four (2021)
0%
Morgan Plus Four (2024)
0%
Morgan Plus Four CX-T
0%
Morgan Plus Four race car
0%
Ford Police Interceptor Concept
0%
Ford Police Interceptor Sedan
0%
Volkswagen Polo 1.0 TSI
0%
Volkswagen Polo 1.4 TSI BlueGT
0%
Volkswagen Polo 16v
0%
Volkswagen Polo 1.9 TDI
0%
Volkswagen Polo Cabrio
0%
Volkswagen Polo GT G40
0%
Volkswagen Polo GTI Edition 25
0%
Volkswagen Polo GTI R5
0%
Volkswagen Polo R Cup
0%
Volkswagen Polo R WRC
0%
Hyundai Pony 1200 Pickup
0%
Hyundai Pony 1400
0%
Hyundai Pony Concept
0%
Hyundai Pony Coupe
0%
Hyundai Pony Hatchback
0%
Škoda Popular 1100 OHV
0%
Chrysler Portal
0%
Dodge Powerbox
0%
Honda Prelude
0%
Honda Prelude 2.0l
0%
Honda Prelude 2.0Si 4WS
0%
Honda Prelude Type S
0%
Honda Prelude VTEC
0%
Nissan President Sovereign (G50)
0%
Nissan President Sovereign (H252)
0%
Nissan Primastar dCi 170
0%
Nissan Primera (1999)
0%
Nissan Primera (2004)
0%
Nissan Primera eGT
0%
Nissan Primera eGT Super Touring (P10)
0%
Nissan Primera (P10)
0%
Nissan Primera Super Touring (P11)
0%
Nissan Prince Gloria Super 6
0%
Nissan Prince R380 (A-I)
0%
Nissan Prince Skyline Sports Coupe
0%
Geo Prizm (E100)
0%
Chevrolet Prizm (E110)
0%
Ford Probe GT
0%
Bentley Project 90
0%
Caterham Project V
0%
Ram ProMaster 1500
0%
Ram ProMaster City Cargo
0%
Hyundai Prophecy
0%
Mazdaspeed Protege
0%
Infiniti Prototype 9
0%
Mitsubishi Proudia 370 4WD
0%
Chrysler Prowler
0%
Peugeot Proxima
0%
Chrysler PT Cruiser
0%
Chrysler PT Cruiser GT Convertible
0%
Nissan Pulsar (1978)
0%
Nissan Pulsar (1982)
0%
Nissan Pulsar (1986)
0%
Nissan Pulsar (1995)
0%
Nissan Pulsar (2015)
0%
Nissan Pulsar GTI-R (N14)
0%
Nissan Pulsar Milano X-1 Twin-cam (N13)
0%
Nissan Pulsar Nismo
0%
Nissan Pulsar VZR N1 (N15)
0%
Nissan Pulsar VZ-R N1 Version2 (M35)
0%
Ford Puma 1.0 MHEV
0%
Ford Puma 1.7
0%
Ford Puma Gen-E
0%
Fiat Punto 1.4 GT
0%
Fiat Punto Cabrio
0%
Abarth Punto Evo Esseesse
0%
Abarth Punto Evo Scorpione
0%
Fiat Punto HGT Abarth
0%
Fiat Punto Sporting
0%
Audi Q2 2.0 TDI quattro
0%
Audi Q3 45 Sportback TFSI e
0%
Audi Q3 45 TFSI e
0%
Audi Q3 Sportback (F3)
0%
Audi Q4 45 e-tron
0%
Audi Q4 55 Sportback e-tron quattro
0%
Infiniti Q45t (Y33)
0%
Infiniti Q50 Eau Rouge
0%
Infiniti Q50 Red Sport
0%
Infiniti Q50S
0%
Audi Q5 2.0 TDI
0%
Audi Q5 3.0 TDI (8R)
0%
Audi Q5 40 e-tron
0%
Audi Q5 50 TFSI e
0%
Audi Q5 Sportback 45 TFSI
0%
Infiniti Q60 3.0t
0%
Infiniti Q60 Black S
0%
Infiniti Q60 Red Sport 400 AWD
0%
Infiniti Q60 Sport
0%
Audi Q6 e-tron quattro
0%
Infiniti Q70 Hybrid (Y51)
0%
Audi Q7 3.0 TDI
0%
Audi Q7 V12 TDI
0%
Audi Q8 50 e-tron quattro
0%
Audi Q8 50 TDI
0%
Audi Q8 55 Sportback e-tron
0%
Audi Q8 55 TFSI
0%
Nissan Qashqai (2008)
0%
Nissan Qashqai (2016)
0%
Peugeot Quartz
0%
Audi quattro 20V
0%
Maserati Quattroporte Diesel
0%
Maserati Quattroporte GTS
0%
Maserati Quattroporte Sport GT S
0%
Fiat Qubo
0%
Buick Questor
0%
Infiniti QX30
0%
Infiniti QX56 (JA60)
0%
Infiniti QX60 AWD
0%
Infiniti QX80 AWD (Z62)
0%
Audi R10 TDI
0%
Audi R18 TDI Ultra
0%
Renault R20 Turbo 4x4
0%
Renault R21 Turbo Europa Cup
0%
Nissan R381
0%
Nissan R382
0%
Nissan R383
0%
Nissan R390 GT1 Race Car
0%
Nissan R390 GT1 Road Car
0%
Mercedes-Benz R500
0%
Ruf R56.11
0%
Renault R5 E-Tech Concept
0%
Renault R5 MAXI TURBO
0%
Renault Sport R5 Turbo 3E E-Tech
0%
Mercedes-Benz R 63 AMG
0%
Audi R8 4.2 quattro
0%
Audi R8 5.2 FSI quattro
0%
Nissan R85V
0%
Nissan R87E
0%
Audi R8 GT Spyder
0%
Audi R8 LMS GT3
0%
Audi R8 LMX
0%
Audi R8 RWS
0%
Audi R8 Spyder 4.2 FSI quattro
0%
Audi R8 Spyder V10
0%
Audi R8 V10
0%
Audi R8 V10 Performance RWD
0%
Audi R8 V10 Plus
0%
Audi R8 V10 Plus Spyder
0%
Nissan R92CP
0%
Volkswagen Rabbit GTI
0%
Volkswagen Race Touareg 2
0%
Ford Racing Puma
0%
Renault Racoon
0%
Renault Rafale E-Tech 4x4 Hybrid
0%
Renault Rafale E-Tech Hybrid
0%
Mitsubishi Raider Baja
0%
Buick Rainier
0%
Lancia Rally 037 Stradale
0%
Peugeot Rally 504
0%
GMC Rally STX 350
0%
Dodge Ram 1st Gen
0%
Dodge Ramcharger (1974)
0%
Dodge Ramcharger (1981)
0%
Dodge Ram Li'l Red Express Truck
0%
Ram Rampage R/T
0%
Dodge Ram Van Street Van
0%
Ford Ranchero
0%
Matra Rancho
0%
Ford Ranger 2.0 EcoBlue
0%
Ford Ranger 2.3 TIVCT EcoBoost
0%
Ford Ranger 3.0 EcoBlue
0%
Ford Ranger Rally Raid
0%
Ford Ranger Raptor 2.0 EcoBlue
0%
Ford Ranger Raptor Police Car
0%
Ford Ranger Raptor V6
0%
Ford Ranger Tremor
0%
Ford Ranger Wildtrak (2012)
0%
Ford Ranger Wildtrak (2017)
0%
Aston Martin Rapide Bertone Jet 2+2
0%
Škoda Rapid Saloon 1.2 TSI
0%
Škoda Rapid Spaceback
0%
Dodge Razor
0%
Peugeot RC Diamonds
0%
Peugeot RC HYmotion4
0%
Peugeot RC Spades
0%
Ruf RCT
0%
Peugeot RCZ 1.6 THP 204
0%
Peugeot RCZ Hybrid4 Concept
0%
Peugeot RCZ R
0%
Peugeot RCZ R Bimota
0%
Acura RDX (2007)
0%
Acura RDX (2017)
0%
Acura RDX (2019)
0%
Buick Reatta
0%
Buick Reatta Convertible
0%
AMC Rebel Machine
0%
Ram Rebel TRX
0%
Ford Reflex
0%
Buick Regal
0%
Buick Regal GS (1997)
0%
Buick Regal GS (2012)
0%
Buick Regal GS (2018)
0%
Dodge Regal Lancer Super D-500
0%
Buick Regal LS
0%
Buick Regal TourX
0%
Buick Regal T-Type
0%
Buick Regal Turbo
0%
Saturn Relay
0%
Plymouth Reliant
0%
Lamborghini Reventón
0%
Lamborghini Reventón Roadster
0%
Lamborghini Revuelto
0%
Subaru Rex (1972)
0%
Subaru Rex (1981)
0%
Subaru Rex (1986)
0%
Subaru Rex Combi 4WD Turbo
0%
Ruf RGT
0%
Honda Ridgeline
0%
Peugeot Rifter 4x4 Concept
0%
Fiat Ritmo 130TC Abarth
0%
Buick Riviera (1963)
0%
Buick Riviera (1971)
0%
Buick Riviera (1998)
0%
Buick Riviera Concept (2007)
0%
Buick Riviera Concept (2013)
0%
Buick Riviera Coupe
0%
Buick Riviera Gran Sport
0%
Buick Riviera GS
0%
Buick Riviera T-Type
0%
Ruf RK Coupe
0%
Ruf R Kompressor
0%
Acura RLX Sport Hybrid
0%
Hyundai RN22e
0%
Hyundai RN30
0%
Buick Roadmaster
0%
Buick Roadmaster Sedan
0%
Buick Roadmaster Skylark
0%
Buick Roadmaster Wagon
0%
Plymouth Roadrunner 383
0%
Mazdaspeed Roadster
0%
Morgan Roadster 3.0 V6
0%
Morgan Roadster 3.7 V6
0%
Mazda Roadster NR-A (2001)
0%
Mazda Roadster NR-A (2006)
0%
Mitsuoka Rock Star
0%
Renault Rodeo
0%
Renault Rodeo 6
0%
Maserati Royale
0%
Buick Royaum
0%
Renault Sport R.S. 01
0%
Renault Sport R.S.20
0%
Ford RS200
0%
Ford RS200 Group B Rally Car
0%
Renault R.S. 2027 Vision
0%
Audi RS 3 LMS TCR (8V)
0%
Audi RS 3 Nardo Edition (8V)
0%
Audi RS 3 Saloon (8V)
0%
Audi RS 3 Saloon (8Y)
0%
Audi RS 3 Sportback
0%
Audi RS 3 Sportback (8P)
0%
Audi RS 3 Sportback (8V)
0%
Audi RS 3 Sportback performance edition (8Y)
0%
Audi RS 4 Avant (2000)
0%
Audi RS 4 Avant (2006)
0%
Audi RS 4 Avant (B8)
0%
Audi RS 4 Avant (B9)
0%
Audi RS 4 Avant Competition (B9)
0%
Audi RS 4 Avant Competition Plus (B9)
0%
Audi RS 5 Cabriolet
0%
Audi RS 5 Coupe Competition (F5)
0%
Audi RS 5 Sportback (B9)
0%
Audi RS 5 Sportback Competition (F5)
0%
Audi RS 6 Avant
0%
Audi RS 6 Avant (C5)
0%
Audi RS 6 Avant (C6)
0%
Audi RS 6 Avant (C8)
0%
Audi RS 6 Avant GT
0%
Audi RS 6 Avant Performance (C7)
0%
Audi RS 6 Avant performance (C8)
0%
Audi RS 6 Plus
0%
Audi RS 7 Sportback
0%
Audi RS 7 Sportback performance
0%
Audi RS e-tron GT
0%
Renault R-Space
0%
Audi RS Q3 Sportback (F3)
0%
Audi RS Q8
0%
Porsche RS Spyder
0%
Caterham RST-V8 Levante
0%
Acura RSX Type S
0%
Ruf Rt 12 S
0%
Mazda RT24-P
0%
Ruf Rt 35
0%
Ruf RtR
0%
Ruf R Turbo
0%
Bentley R Type
0%
Bentley R Type Continental
0%
Mitsubishi RVR
0%
Mazda RX-01
0%
Mazda RX-3
0%
Mazda RX-3 GSII
0%
Mazda RX-500
0%
Mazda RX-7 (1978)
0%
Mazda RX-7 (1985)
0%
Mazda RX-7 (1992)
0%
Mazda RX-7 Convertible
0%
Mazda RX-7 Evo Group B
0%
Mazda RX-7 R Bathurst R (FD)
0%
Mazda RX-7 Spirit R
0%
Mazda RX-7 Turbo (1983)
0%
Mazda RX-7 Turbo (1985)
0%
Mazda RX-7 Turbo II (FC)
0%
Mazda RX-7 Type RS
0%
Mazda RX-7 Type RZ
0%
Mazda RX-8
0%
Mazda RX-8 Hydrogen RE
0%
Mazda RX-8 NR-A
0%
Mazda RX-8 PZ
0%
Mazda RX-8 Spirit R
0%
Radical RXC 600R
0%
Radical RXC GT
0%
Radical RXC Spyder
0%
Radical RXC Turbo
0%
Radical RXC V6
0%
Radical RXC V8
0%
Mazda RX-Vision
0%
Mazda RX-Vision GT3
0%
Mitsuoka Ryoga
0%
Mitsuoka Ryugi
0%
Alfa Romeo RZ
0%
Chevrolet S-10 Xtreme
0%
GMC S-15 Jimmy
0%
Audi S1 EKS RX quattro (8X)
0%
Honda S2000
0%
Honda S2000 Type S
0%
Mercedes-Benz S 280
0%
Audi S2 Avant (B4)
0%
Audi S2 Coupé
0%
Mercedes-Benz S 350 CDI 4MATIC
0%
TVR S3C
0%
Audi S3 Cabriolet (8V)
0%
Bentley S3 Continental
0%
Audi S3 Saloon (8Y)
0%
Audi S3 Sportback (8V)
0%
Mercedes-Benz S 400h L
0%
Volvo S40 T4
0%
Volvo S40 T5 AWD
0%
Audi S4 Avant (B5)
0%
Audi S4 Avant (B7)
0%
Audi S4 Avant (B8)
0%
Audi S4 Avant TDI (B9)
0%
Audi S4 Cabriolet (B6)
0%
Audi S4 Cabriolet (B7)
0%
Mercedes-Benz S 55 AMG
0%
Audi S5 Cabriolet (B8)
0%
Audi S5 Cabriolet (F5)
0%
Audi S5 Coupé
0%
Audi S5 Coupe TDI (B9.5)
0%
Audi S5 Sportback (B8)
0%
Audi S5 Sportback (F5)
0%
Audi S5 Sportback TDI (B9.5)
0%
Saleen S5S Raptor
0%
Volvo S60 Cross Country T5 AWD
0%
Volvo S60 R AWD
0%
Volvo S60 T5
0%
Volvo S60 T6
0%
Volvo S60 T6 AWD (2014)
0%
Volvo S60 T6 AWD (2019)
0%
Volvo S60 T8 AWD
0%
Mercedes-Benz S 63 AMG
0%
Mercedes-AMG S 63 Cabriolet
0%
Mercedes-Benz S 65 AMG
0%
Audi S6 Avant
0%
Audi S6 Avant (C4)
0%
Audi S6 Avant (C5)
0%
Audi S6 Avant (C7)
0%
Audi S6 Avant Plus (C4)
0%
Audi S6 Avant TDI (C8)
0%
Audi S6 Plus (C4)
0%
Audi S6 TDI (C8)
0%
Volvo S70 R
0%
Volvo S70 T5
0%
Fiat S76
0%
Audi S7 Sportback (C7)
0%
Saleen S7 Twin Turbo
0%
Honda S800
0%
Volvo S80 3.2 AWD
0%
Volvo S80 D5
0%
Volvo S80 T6
0%
Volvo S80 V8
0%
Donkervoort S8A
0%
Donkervoort S8AT
0%
Audi S8 Plus
0%
Volvo S90 T5
0%
Volvo S90 T6 AWD
0%
Volvo S90 T8 AWD
0%
GMC Safari (1985)
0%
GMC Safari (1996)
0%
Renault Safrane Biturbo
0%
Renault Safrane Long Cours
0%
Hyundai Santa Cruz
0%
Hyundai Santa Cruz 2.5 Turbo T-GDI
0%
Hyundai Santa Fe 1.6 T-GDI Hybrid
0%
Hyundai Santa Fe 1.6 T-GDI PHEV
0%
Hyundai Santa Fe 1.6T Hybrid 4WD
0%
Hyundai Santa Fe 1.6T Plug-in Hybrid 4WD
0%
Hyundai Santa Fe 2.5 T-GDI
0%
Hyundai Santa Fe AWD V6 (2003)
0%
Hyundai Santa Fe AWD V6 (2009)
0%
Hyundai Santa Fe Sport 2.0T
0%
Hyundai Santa Fe XRT 2.5T Turbo AWD
0%
Mazda SASSOU
0%
Nissan Saurus Jr
0%
GMC Savana
0%
Citroën Saxo Super 1600
0%
Citroën Saxo VTR
0%
Citroën Saxo VTS 16V
0%
Suzuki SC100
0%
Škoda Scala 1.5 TSI
0%
Škoda Scala 1.6 TDI
0%
Plymouth Scamp
0%
Nissan S-Cargo
0%
Renault Scenic Conquest 1.9 dCi
0%
Renault Scenic E-Tech
0%
Renault Scenic RX4
0%
Renault Scenic Vision
0%
Renault Scenic XMOD 1.6 dCi 130
0%
Buick Sceptre
0%
Scuderia Cameron Glickenhaus SCG003S
0%
Alfa Romeo Scighera
0%
Volkswagen Scirocco 1.4 TSI
0%
Volkswagen Scirocco 2.0 TDI
0%
Volkswagen Scirocco Bi-Motor
0%
Volkswagen Scirocco GT24
0%
Volkswagen Scirocco GTI (1981)
0%
Volkswagen Scirocco GTI (1986)
0%
Volkswagen Scirocco Rallycross
0%
Volkswagen Scirocco Storm
0%
Bentley S Continental
0%
Ford Scorpio 24-valve
0%
Hyundai Scoupe 1.5i Turbo
0%
Ruf SCR
0%
Ruf SCR 4.2
0%
Suzuki S-Cross
0%
Suzuki S-Cross Hybrid
0%
Fiat Scudo 2.0 Multijet III
0%
Rover SD1
0%
Chrysler Sebring Convertible
0%
Mazda Secret Hideout
0%
Cadillac Sedan de Ville
0%
Chevrolet Seeker RS
0%
Fiat Seicento Rally Spec
0%
Fiat Seicento Sporting Abarth
0%
Opel Senator 3.0i 24V
0%
McLaren Senna GTR
0%
Nissan Sentra Nismo (B17)
0%
Nissan Sentra SE-R Spec V (B15)
0%
Nissan Sentra SE-R Spec V (B16)
0%
Nissan Sentra SR (B17)
0%
Nissan Sentra SR (B18)
0%
Nissan Serena Nismo (C27)
0%
Land Rover Series 1
0%
Lamborghini Sesto Elemento
0%
Caterham Seven 160
0%
Caterham Seven 170R
0%
Caterham Seven 275R
0%
Caterham Seven 310R
0%
Caterham Seven 360
0%
Caterham Seven 360R
0%
Caterham Seven 420
0%
Caterham Seven 420 Cup
0%
Caterham Seven 485 CSR
0%
Caterham Seven 485 CSR Final Edition
0%
Caterham Seven 485 Final Edition
0%
Caterham Seven 620R
0%
Caterham Seven 620S
0%
Austin Seven Countryman
0%
Caterham Seven CSR 200
0%
Caterham Seven CSR Twenty
0%
Caterham Seven Donington Edition
0%
Caterham Seven evo Edition
0%
Caterham Seven Prisoner
0%
Lotus Seven S3
0%
Caterham Seven Superlight R500
0%
Lotus Seven Twin-Cam SS
0%
Cadillac Seville
0%
Cadillac Seville STS
0%
Dodge Shadow ES
0%
Volkswagen Sharan (2008)
0%
Volkswagen Sharan (2015)
0%
Volkswagen Sharan 2.8 VR6
0%
Mazda Shinari
0%
Mitsubishi Shogun Black Edition
0%
Mitsubishi Shogun SG4
0%
Lamborghini Sián FKP 37
0%
Lamborghini Sián Roadster
0%
Dodge Sidewinder
0%
GMC Sierra 1500 All Terrain AT4
0%
GMC Sierra 1500 SLT
0%
GMC Sierra 2500 HD AT4
0%
GMC Sierra 2500 HD Denali
0%
GMC Sierra 2500 HD SLT
0%
GMC Sierra 3500
0%
GMC Sierra 3500 HD Denali Ultimate
0%
GMC Sierra All Terrain X
0%
GMC Sierra Classic
0%
GMC Sierra Denali 2500 HD
0%
GMC Sierra Hybrid
0%
Ford Sierra RS500
0%
Ford Sierra RS Cosworth
0%
Ford Sierra RS Cosworth 4x4
0%
Ford Sierra XR4i
0%
Buick Signia
0%
Vauxhall Signum
0%
Opel Signum 2 Concept
0%
Lamborghini | Oldsmobile Silhouette
0%
Chevrolet Silverado 1500 Duramax
0%
Chevrolet Silverado 1500 LT Trailboss
0%
Chevrolet Silverado 1500 ZR2
0%
Chevrolet Silverado 2500 HD
0%
Chevrolet Silverado 3500 HD
0%
Chevrolet Silverado SS
0%
Buick Silver Arrow
0%
Nissan Silvia 200SX Group A (S12)
0%
Nissan Silvia 240RS
0%
Nissan Silvia Convertible (S13)
0%
Nissan Silvia Grand Prix (S12)
0%
Nissan Silvia GT300 (S14a)
0%
Nissan Silvia J's (S13)
0%
Nissan Silvia K's (S13)
0%
Nissan Silvia K's (S14)
0%
Nissan Silvia K's (S14a)
0%
Nissan Silvia Nismo 270R (S14)
0%
Nissan Silvia Q's (S13)
0%
Nissan Silvia RS-X (S12)
0%
Nissan Silvia Spec-R (S15)
0%
Nissan Silvia Spec-S (S15)
0%
Nissan Silvia Super Silhouette (S110)
0%
Nissan Silvia Varietta (S15)
0%
Abarth Simca 1300 Bialbero
0%
Cadillac Sixteen
0%
Mazda SkyActiv-D LMP2 Prototype
0%
Buick Skyhawk
0%
Buick Skyhawk Limited Station Wagon
0%
Buick Skyhawk T-Type
0%
Buick Skylark GS Coupe
0%
Nissan Skyline 2000 GT
0%
Nissan Skyline 2000 GT-EL (C210)
0%
Nissan Skyline 2000 GT-EX (C210)
0%
Nissan Skyline 2000GT-R (KPGC10)
0%
Nissan Skyline 2000GT-R (KPGC110)
0%
Nissan Skyline 2000GT-R (PGC10)
0%
Nissan Skyline 2000 GT-X (C110)
0%
Nissan Skyline 2-door Sport Coupe GTS25 Type S (R32)
0%
Nissan Skyline 2-door Sports Coupe25GT Turbo
0%
Nissan Skyline 370GT Type-S (V36)
0%
Nissan Skyline 4-door Hardtop GTS Twin-cam 24V Turbo (R31)
0%
Nissan Skyline 4-door Sports Sedan25GT-X Turbo
0%
Nissan Skyline Coupe GTS25t Type M (R33)
0%
Nissan Skyline GT-R Group A (R32)
0%
Nissan Skyline GT-R LM Nismo (R33) Race Car
0%
Nissan Skyline GT-R LM Nismo (R33) Road Car
0%
Nissan Skyline GT-R M-spec Nür (R34)
0%
Nissan Skyline GT-R Nismo Z-Tune (R34)
0%
Nissan Skyline GT-R V-spec N1 (R34)
0%
Nissan Skyline GTS25t Type M specII (R33)
0%
Nissan Skyline GTS25 Type X·G (R32)
0%
Nissan Skyline GTS-R (R31)
0%
Nissan Skyline GTS-t Type M (R32)
0%
Nissan Skyline GT Turbo (R30)
0%
Nissan Skyline Hardtop 2000 GT-R (C10)
0%
Nissan Skyline Nismo (V37)
0%
Nissan Skyline RS-X (R30)
0%
Nissan Skyline Super Silhouette (R30)
0%
Mercedes-Benz SL 500
0%
Mercedes-Benz SL55 AMG
0%
Mercedes-Benz SL 73 AMG
0%
Škoda Slavia
0%
Mercedes-AMG SLC 43
0%
Dodge Slingshot
0%
Mercedes-Benz SLK 200
0%
Mercedes-Benz SLK 32 AMG
0%
Mercedes-Benz SLK 55 AMG Black Series
0%
Mercedes-Benz SLR McLaren 722
0%
Mercedes-Benz SLR McLaren Roadster
0%
Mercedes-Benz SLS AMG Black Series
0%
Mercedes-Benz SLS AMG Electric
0%
Mercedes-Benz SLS AMG Roadster
0%
Acura SLX
0%
Citroën SM
0%
Citroën SM 2.7 Injection
0%
Honda Small Hybrid Sports
0%
Ford S-Max
0%
Ford S-Max 2.5
0%
Citroën SM Michelin 'Breadvan'
0%
Citroën SM Rallye du Maroc
0%
Honda S-MX 4WD
0%
Pontiac Solstice GXP Coupe
0%
Buick Somerset T-Type
0%
Hyundai Sonata 2.0 Hybrid
0%
Hyundai Sonata 2.0T
0%
Hyundai Sonata N Line 2.5 T-GDI
0%
Chevrolet Sonic RS
0%
Caterham SP/300.R
0%
Citroën SpaceTourer 4x4 E
0%
Citroën SpaceTourer Hyphen
0%
Suzuki Spacia
0%
Suzuki Spacia Base
0%
Suzuki Spacia Concept
0%
Suzuki Spacia Gear Hybrid XZ 4WD
0%
Chevrolet Spark
0%
Bentley Speed Six Racing Car
0%
McMurtry Spéirling Prototype - Goodwood Edition 22
0%
Alfa Romeo Spider 2.4 JTDM
0%
Alfa Romeo Spider 3.2
0%
Alfa Romeo Spider 3.2 V6
0%
Alfa Romeo Spider Monoposto
0%
Alfa Romeo Spider Quadrifoglio Verde
0%
Alfa Romeo Spider V6
0%
AMC Spirit GT
0%
Dodge Spirit R/T
0%
Suzuki Splash (2008)
0%
Suzuki Splash (2012)
0%
Ford SportKa
0%
Audi Sport quattro S1 E2
0%
Alfa Romeo Sportut
0%
Alfa Romeo Sprint 6C
0%
Alfa Romeo Sprint GT
0%
Alfa Romeo Sprint GTV
0%
Alfa Romeo Sprint Quadrifoglio Verde
0%
GMC Sprint SP
0%
Chevrolet Sprint Turbo
0%
Austin-Healey Sprite MkII
0%
Maserati Spyder GranSport
0%
Audi SQ2
0%
Audi SQ5 TDI
0%
Audi SQ6 e-tron
0%
Audi SQ7 TDI
0%
Audi SQ7 TFSI
0%
Audi SQ8 e-tron
0%
Audi SQ8 TDI
0%
Audi SQ8 TFSI
0%
Peugeot | Radical SR1
0%
Radical SR10
0%
Radical SR10 XXR
0%
Radical SR1 XXR
0%
Radical SR3 RS
0%
Radical SR3 SL
0%
Radical SR3 Supersport
0%
Radical SR3 Tracksport
0%
Radical SR3 XX
0%
Radical SR3 XXR
0%
Radical SR8
0%
Radical SR8 LM
0%
Radical SR8 RSX
0%
Radical SR8 RX
0%
Radical SR8 SRX
0%
Dodge SRT-4
0%
Dodge SRT Viper
0%
Dodge SRT Viper GT3-R
0%
Vauxhall SRV
0%
Jaguar SS 100
0%
TVR S-Series
0%
TVR S-Series V8S
0%
Chevrolet SSR
0%
Chevrolet SSR 6.0L
0%
Mitsubishi SST
0%
Nissan Stagea 250 RX Four (M35)
0%
Nissan Stagea 250t RS Four V (M35)
0%
Nissan Stagea 25t RS Four V (WC34)
0%
Nissan Stagea X Four (WC34)
0%
Oldsmobile Starfire
0%
Oldsmobile Starfire Coupe
0%
Oldsmobile Starfire Firenza
0%
Oldsmobile Starfire GT
0%
Oldsmobile Starfire V8
0%
Hyundai Stargazer 1.5 MPI
0%
Hyundai Staria 2.2 CRDi
0%
Hyundai Staria Kinder
0%
Hyundai Staria Load
0%
Mitsubishi Starion GSR-I
0%
Mitsubishi Starion GSR-III
0%
Mitsubishi Starion GSR-IV
0%
Mitsubishi Starion Turbo
0%
Bentley State Limousine
0%
Dodge Stealth
0%
Dodge Stealth R/T Twin Turbo
0%
Alfa Romeo Stelvio 2.0 Turbo Petrol 280 Q4
0%
Alfa Romeo Stelvio 2.2 Turbo Diesel 210 Q4
0%
Alfa Romeo Stelvio Quadrifoglio
0%
Fiat Stilo 2.4 20v Schumacher GP
0%
Fiat Stilo Abarth
0%
Fiat Stilo Abarth Group N
0%
Geo Storm
0%
Geo Storm GSi
0%
Geo Storm Hatchback
0%
Fiat Strada (1999)
0%
Fiat Strada (2002)
0%
Fiat Strada (2007)
0%
Fiat Strada (2009)
0%
Fiat Strada (2020)
0%
Fiat Strada Abarth 130TC
0%
Lancia Stratos HF Group 4
0%
Lancia Stratos HF Prototipo
0%
Lancia Stratos Zero
0%
Dodge Stratus R/T Coupe
0%
Ford StreetKa
0%
Mitsubishi Street Raider
0%
Cadillac STS-V
0%
Jaguar S-Type R
0%
Chevrolet | Holden Suburban
0%
GMC Suburban (1962)
0%
GMC Suburban (1973)
0%
GMC Suburban Carryall
0%
Range Rover Suffix A
0%
Eagle Summit
0%
Eagle Summit Wagon
0%
Subaru Sumo
0%
Pontiac Sunbird GT
0%
Pontiac Sunfire
0%
Nissan Sunny 305Re NISMO (B12)
0%
Nissan Sunny GTI-R (N14) Rally
0%
Nissan Sunny Turbo Leprix (B11)
0%
Škoda Sunroq
0%
Morgan Super 3
0%
Morgan Super 3 Malle Rally Special
0%
Renault Super 5 Baccara
0%
Dodge Super 8 Hemi
0%
Škoda Superb Estate 2.0 TDI
0%
Škoda Superb Estate 2.0 TFSI
0%
Škoda Superb Hatchback 2.0 TSI 4x4
0%
Škoda Superb Hatchback 3.6 V6
0%
Škoda Superb iV 1.4 TSI PHEV
0%
Škoda Superb Saloon 2.8 V6
0%
Škoda Superb Scout 2.0 TSI
0%
Ford Super Duty F-250
0%
Ford Super Duty F-350
0%
Ford Super Duty F-450
0%
Caterham Super Seven 1600
0%
Caterham Super Seven 2000
0%
Caterham Super Seven 600
0%
Ford Supervan 1
0%
Ford Supervan 2
0%
Ford Supervan 3
0%
Ford Supervan 4
0%
Ford Supervan 4.2
0%
DS Survolt
0%
Ford SVT Contour
0%
Ford SVT F-150 Lightning (1993)
0%
Ford SVT F-150 Lightning (1999)
0%
Ford SVT F-150 Lightning (2001)
0%
Ford SVT Mustang Cobra
0%
Suzuki Swift 1.2 DUALJET SHVS ALLGRIP
0%
Suzuki Swift 1.3 GS (SA)
0%
Suzuki Swift 1.5 SZ4
0%
Suzuki Swift 4x4 (RS)
0%
Suzuki Swift Concept
0%
Suzuki Swift GTi (SA)
0%
Suzuki Swift GTi (SF)
0%
Suzuki Swift Sport
0%
Suzuki Swift Sport (A2L)
0%
Suzuki Swift Sport Cup
0%
Suzuki Swift Sport Hybrid (A2L)
0%
Suzuki Swift Sport SZ-R (AZG)
0%
Suzuki SX4
0%
Suzuki SX4 Pikes Peak
0%
Suzuki SX4 S-Cross
0%
Suzuki SX4 SportBack
0%
Suzuki SX4 Sport Sedan
0%
Suzuki SX4 WRC
0%
Peugeot SxC
0%
Suzuki SX Force
0%
Renault Symbioz
0%
Renault Symbioz Prototype
0%
Alfa Romeo SZ
0%
Renault T520 RenaultSport Racing
0%
Talbot Tagora SX
0%
Chevrolet Tahoe Custom
0%
Chevrolet Tahoe RST
0%
Chevrolet Tahoe Z71
0%
Volkswagen Taigo 1.0 TSI
0%
Volkswagen Taigo 1.5 TSI
0%
TVR Taimar
0%
TVR Taimar Turbo
0%
Volkswagen Talagon 530 V6
0%
Renault Talisman
0%
Renault Talisman Blue dCi 200
0%
Renault Talisman Concept
0%
Renault Talisman Energy TCe 225
0%
Renault Talisman Estate Energy dCi 160
0%
Renault Talisman Estate Energy TCe 200
0%
Renault Talisman Estate TCe 225
0%
Eagle Talon TSi AWD (1990)
0%
Eagle Talon TSi AWD (1996)
0%
Rezvani Tank
0%
Volkswagen Taos 1.5T TSI 4MOTION
0%
Volkswagen Tarek
0%
Mitsubishi Tarmac Spyder
0%
TVR Tasmin 200 Convertible
0%
TVR Tasmin 280i 2+2 Coupe
0%
TVR Tasmin 350i Convertible
0%
Ford Taurus SHO (1989)
0%
Ford Taurus SHO (1993)
0%
Ford Taurus SHO (1996)
0%
Ford Taurus SHO (2017)
0%
Porsche Taycan
0%
Porsche Taycan 4S
0%
Porsche Taycan 4S Cross Turismo
0%
Porsche Taycan GTS
0%
Porsche Taycan GTS Sport Turismo
0%
Porsche Taycan Turbo S
0%
Porsche Taycan Turbo S Cross Turismo
0%
Volkswagen T-Cross 1.0 TSI
0%
Volkswagen T-Cross 1.5 TSI
0%
Ford Telstar TX5 Turbo
0%
Lamborghini Temerario
0%
Pontiac Tempest
0%
Ford Tempo
0%
Fiat Tempra 2.0 i.e. Turbo
0%
Hyundai Terracan
0%
GMC Terrain Denali (2013)
0%
GMC Terrain Denali (2016)
0%
GMC Terrain Denali (2018)
0%
Nissan Terrano
0%
Nissan Terrano II
0%
Nissan Terrano R3M-R (R50)
0%
Nissan Terrano Rally Car
0%
Buick Terraza
0%
Ford Territory Turbo
0%
Lamborghini Terzo Millennio
0%
Lancia Thema 8.32
0%
Lancia Thema Turbo 16v
0%
Lotus Theory 1
0%
Bentley The Sir Peter Blake Continental GT
0%
Lancia Thesis 2.4 JTD 20V
0%
Lancia Thesis 3.2 V6 24v
0%
Ford Thunderbird 3.9l V8
0%
Ford Thunderbird SC
0%
Ford Thunderbird Turbo Coupe
0%
Chrysler Thunderbolt (1941)
0%
Chrysler Thunderbolt (1993)
0%
Hyundai Tiburon GT V6
0%
Vauxhall Tigra
0%
Vauxhall Tigra TwinTop
0%
Volkswagen Tiguan 1.5 eTSI
0%
Volkswagen Tiguan 1.5 TSI
0%
Volkswagen Tiguan 1.5 TSI Hybrid
0%
Volkswagen Tiguan 2.0 TDI
0%
Volkswagen Tiguan 2.0 TDI 4MOTION
0%
Volkswagen Tiguan 2.0 TSI 4MOTION (2018)
0%
Volkswagen Tiguan 2.0 TSI 4MOTION (2024)
0%
Volkswagen Tiguan Allspace 2.0 BiTDI 4MOTION
0%
Volkswagen Tiguan Allspace 2.0 TSI 4MOTION
0%
Volkswagen Tiguan GTE Active
0%
Volkswagen Tiguan R
0%
Fiat Tipo
0%
Fiat Tipo 2.0 i.e. 16V
0%
Fiat Tipo 2.0 Sedicivalvole
0%
Alfa Romeo Tipo 33 Stradale
0%
Alfa Romeo Tipo 33 TT 12
0%
Alfa Romeo Tipo 512
0%
Maserati Tipo 61 'Birdcage'
0%
Alfa Romeo Tipo C Bimotore
0%
Fiat Tipo Cross Hybrid
0%
Fiat Tipo Saloon
0%
Fiat Tipo Station Wagon
0%
Nissan Titan (A61)
0%
Nissan Titan PRO-4X (A60)
0%
Nissan Titan Warrior Concept
0%
Nissan Titan XD (A61)
0%
Nissan Titan XD PRO-4X (A61)
0%
Acura TL SH-AWD
0%
Acura TL Type S
0%
Acura TLX
0%
Mitsubishi TMR 380
0%
Alfa Romeo Tonale Hybrid VG 160
0%
Alfa Romeo Tonale Plug-in Hybrid Q4
0%
Fiat Topolino
0%
Holden Torana GTR-X
0%
Holden Torana GTR XU-1 (LC)
0%
Holden Torana GTR XU-1 (LJ)
0%
Holden Torana SL/R 5000 A9X (LX)
0%
Holden Torana SS A9X Hatchback (LX)
0%
Ford Torino Cobra
0%
Ford Torino Talladega
0%
Oldsmobile Toronado (1966)
0%
Oldsmobile Toronado (1986)
0%
Oldsmobile Toronado XSC
0%
Pontiac Torrent GXP
0%
Volkswagen Touareg 3.0 TDI
0%
Volkswagen Touareg 3.6 FSI
0%
Volkswagen Touareg 4.0 V8 TDI
0%
Volkswagen Touareg 4.2 V8 FSI
0%
Volkswagen Touareg 4.2 V8 TDI
0%
Volkswagen Touareg 5.0 V10 TDI
0%
Volkswagen Touareg R50
0%
Volkswagen Touareg R eHybrid
0%
Volkswagen Touareg R GT Concept
0%
Volkswagen Touareg TDI Pikes Peak
0%
Volkswagen Touran (2003)
0%
Volkswagen Touran (2015)
0%
Ford Tourneo Connect 1.5 EcoBoost
0%
Ford Tourneo Connect Active 2.0 EcoBlue
0%
Ford Tourneo Connect Plug-in Hybrid
0%
Chrysler Town and Country (1990)
0%
Chrysler Town and Country (1991)
0%
Chrysler Town and Country (1996)
0%
Chrysler Town and Country (2001)
0%
Chrysler Town and Country (2008)
0%
Lincoln Town Car (1981)
0%
Lincoln Town Car (1998)
0%
Lincoln Town Car Cartier L
0%
Nissan Townstar EV
0%
Nissan Townstar TCe 130
0%
Geo Tracker
0%
Geo Tracker 4-Door
0%
Citroën Traction Avant
0%
Renault Trafic 2.0 dCi
0%
Renault Trafic E-Tech
0%
Holden Trailblazer LTZ
0%
Chevrolet Trailblazer SS
0%
Pontiac Trans Am
0%
Pontiac Trans Am 20th Anniversary
0%
Pontiac Trans Am 30th Anniversary
0%
Pontiac Trans Am 35th Anniversary
0%
Ford Transit 2.2 TDCi
0%
Ford Transit Connect 2.0 EcoBlue
0%
Ford Transit Connect Plug-in Hybrid
0%
Ford Transit Connect X-Press
0%
Ford Transit Courier 1.0 EcoBoost
0%
Ford Transit Custom 2.0 EcoBlue
0%
Ford Transit Custom Nugget 2.0 EcoBlue
0%
Ford Transit Custom Plug-in Hybrid
0%
Ford Transit Custom Trail 2.0 EcoBlue
0%
Ford Transit Custom Trail 2.0 EcoBlue AWD
0%
Ford Transit SSV
0%
Volkswagen Transporter 2.0 TSI
0%
Volkswagen Transporter Edition 25 Multivan
0%
Volkswagen Transporter Sportline 2.0 BiTDI
0%
Chevrolet Traverse
0%
Chevrolet Trax
0%
Mitsubishi Tredia 1600 Turbo
0%
Dodge T-Rex 6x6
0%
Renault Trezor
0%
Subaru Tribeca
0%
Renault Triber 1.0
0%
Mitsubishi Triton Absolute
0%
Mitsubishi Triton Ralliart AXCR
0%
Mitsubishi Triton SuperUte
0%
Volkswagen T-Roc 2.0 TDI 4MOTION
0%
Volkswagen T-Roc 2.0 TSI
0%
Volkswagen T-Roc Cabriolet 1.5 TSI
0%
Volkswagen T-Roc R
0%
Zenvo TS1 GT
0%
Acura TSX Sport Wagon
0%
Audi TT 2.0 TDI (FV)
0%
Audi TT 2.0 TFSI (FV)
0%
Audi TT 225 quattro (8N)
0%
Audi TT 3.2 quattro (8N)
0%
Audi TT 45 TFSI quattro (FV)
0%
Audi TT quattro 2.0 TDI (8J)
0%
Audi TT quattro 2.0 TFSI (8J)
0%
Audi TT quattro 2.0 TFSI (FV)
0%
Audi TT quattro 3.2 (8J)
0%
Audi TT quattro Roadster 2.0 TFSI (8J)
0%
Audi TT quattro Roadster 3.2 (8J)
0%
Audi TT quattro Roadster (8N)
0%
Audi TT quattro Sport (8N)
0%
Audi TT Roadster 1.8 TFSI (8J)
0%
Audi TT Roadster 3.2 quattro (8N)
0%
Audi TT RS (FV)
0%
Audi TT RS Iconic Edition
0%
Audi TT RS Plus Coupé
0%
Audi TT RS Roadster (FV)
0%
Audi TT S (8J)
0%
Audi TT S Coupé
0%
Audi TT S Roadster (8J)
0%
Citroën Tubik
0%
Hyundai Tucson 1.6T 4WD
0%
Hyundai Tucson 1.6 T-GDI
0%
Hyundai Tucson 1.6 T-GDI Hybrid
0%
Hyundai Tucson 1.6 T-GDI PHEV
0%
Hyundai Tucson 2.0 CRDi
0%
Hyundai Tucson 2.4 GDI AWD
0%
Hyundai Tucson 2.7 V6
0%
Hyundai Tucson N Line 1.6T MHEV
0%
Fiat Turbina
0%
Chrysler Turbine Car
0%
Ruf Turbo 3.3
0%
Lotus Turbo Esprit HC
0%
Ruf Turbo Florio
0%
Bentley | Ruf Turbo R
0%
TVR Tuscan Convertible
0%
TVR Tuscan S
0%
TVR Tuscan V8
0%
Renault Sport Twingo 133 Cup
0%
Renault Twingo (1993)
0%
Renault Twingo (2007)
0%
Renault Twingo (2014)
0%
Renault Twingo Concept
0%
Renault Twingo Coupe Prototype
0%
Renault Sport Twingo Gordini
0%
Renault Sport Twingo GT
0%
Renault Sport Twingo R2 Evo
0%
Suzuki Twin Hybrid
0%
Renault Twin'Run
0%
Renault Twizy
0%
Renault Twizy F1
0%
Volkswagen Type 2 (1966)
0%
Volkswagen Type 2 (1970)
0%
Volkswagen Type 2 (1979)
0%
Radford Type 62-2
0%
Radford Type 62-2 Gold Leaf
0%
Radford Type 62-2 JPS
0%
Radford Type 62-2 Pikes Peak Edition
0%
Radford Type 62-2 Track Edition
0%
Lotus Type 66
0%
Audi (Auto Union) Type C Streamliner
0%
Alfa Romeo TZ3 Corsa
0%
Bentley Unifying Spur
0%
Fiat Uno Turbo
0%
Peugeot Urban Crossover
0%
Cadillac Urban Luxury
0%
Lamborghini Urraco P250
0%
Lamborghini Urraco P300
0%
Lamborghini Urus Concept
0%
Lamborghini Urus ST-X
0%
Holden Ute SS (VE)
0%
Holden Ute SS (VF)
0%
Holden Ute SS-V Redline (VF)
0%
Holden Ute SV6 (VE)
0%
BMW V12 LMR
0%
Aston Martin V12 Speedster
0%
Aston Martin V12 Vanquish
0%
Aston Martin V12 Vanquish S
0%
Aston Martin V12 Vantage (2009)
0%
Aston Martin V12 Vantage (2023)
0%
Aston Martin V12 Vantage Carbon Black Edition
0%
Aston Martin V12 Vantage RS
0%
Aston Martin V12 Zagato
0%
Mercedes-Benz V 250d
0%
Volvo V40 2.0T
0%
Volvo V40 T4
0%
Volvo V40 T5
0%
Volvo V40 T5 Cross Country
0%
Volvo V50 D5
0%
Volvo V50 SV
0%
Volvo V50 T5 AWD
0%
Volvo V60 Cross Country T5 AWD
0%
Volvo V60 Plug-in Hybrid
0%
Volvo V60 Polestar
0%
Volvo V60 T5 AWD
0%
Volvo V60 T6 AWD
0%
Volvo V60 T8 Polestar
0%
Alpine V6 GT
0%
Alpine V6 GT Turbo
0%
Volvo V70 2.4T AWD
0%
Volvo V70 2.5T
0%
Volvo V70 Plug-in Hybrid
0%
Volvo V70 XC 2.4T AWD
0%
Volvo V70 XC 2.5T AWD
0%
Aston Martin V8 Coupe
0%
Audi V8 quattro 3.6 (4C)
0%
Audi V8 quattro 4.2 (4C)
0%
Audi V8 quattro DTM (4C)
0%
Aston Martin V8 Vantage (1977)
0%
Aston Martin V8 Vantage (2005)
0%
Aston Martin V8 Vantage Le Mans
0%
Aston Martin V8 Vantage N400
0%
Aston Martin V8 Vantage Volante
0%
Aston Martin V8 Volante (1986)
0%
Aston Martin V8 Volante (1996)
0%
Aston Martin V8 Zagato
0%
Volvo V90 Cross Country D5 AWD
0%
Volvo V90 Cross Country Ocean Race T6 AWD
0%
Volvo V90 T6 AWD
0%
Volvo V90 T8 AWD
0%
Aston Martin Valhalla Concept
0%
Chrysler Valiant Charger 770 (CL)
0%
Chrysler Valiant Charger 770 E55 (VJ)
0%
Chrysler Valiant Charger 770 SE (VH)
0%
Chrysler Valiant Charger R/T Six Pack (VH)
0%
Chrysler Valiant Charger XL (VK)
0%
Aston Martin Valkyrie AMR-LMH
0%
Aston Martin Valkyrie AMR Pro
0%
Aston Martin Valkyrie Spider
0%
De Tomaso Vallelunga Competizione
0%
Aston Martin Valour
0%
Honda Vamos 4WD Turbo
0%
Aston Martin Vanquish Vision Concept
0%
Aston Martin Vanquish Volante
0%
Aston Martin Vanquish Zagato
0%
Aston Martin Vantage (2024)
0%
Aston Martin Vantage AMR
0%
Aston Martin Vantage F1 Edition
0%
Aston Martin Vantage GT4 (2019)
0%
Aston Martin Vantage GT4 (2024)
0%
Aston Martin Vantage Roadster
0%
Vauxhall Vectra 2.5 V6
0%
Opel Vectra GSi
0%
Opel Vectra GT
0%
Vauxhall Vectra SuperTouring
0%
Vauxhall Vectra VXR
0%
Range Rover Velar D200 MHEV
0%
Range Rover Velar D300 MHEV
0%
Range Rover Velar P380
0%
Range Rover Velar P400e
0%
Range Rover Velar SVAutobiography Dynamic Edition
0%
Buick Velite
0%
Buick Velite 5
0%
Buick Velite 6 EV
0%
Buick Velite 6 PHEV
0%
Buick Velite 7
0%
Hyundai Veloster 1.6 GDi
0%
Hyundai Veloster C3 Roll Top
0%
Hyundai Veloster Grappler
0%
Hyundai Veloster N
0%
Hyundai Veloster N ETCR
0%
Hyundai Veloster N TCR
0%
Hyundai Veloster Rally Car
0%
Hyundai Veloster Rally Edition
0%
Hyundai Veloster Turbo
0%
Hyundai Veloster Velocity
0%
Lamborghini Veneno Coupe
0%
Lamborghini Veneno Roadster
0%
Dodge Venom
0%
Hennessey Venom F5
0%
Hennessey Venom GT
0%
Hennessey Venom GT Spyder
0%
Hyundai Venue 1.0 T-GDi
0%
Hyundai Venue 1.6 DPi
0%
Buick Verano (2012)
0%
Buick Verano (2013)
0%
Buick Verano GS
0%
Buick Verano Pro GS
0%
Peugeot VERA Plus
0%
Suzuki Verona
0%
Lincoln Versailles
0%
Nissan Versa SR
0%
Pontiac Vibe GT
0%
Aston Martin Victor
0%
Mitsuoka Viewt story
0%
Nissan Violet 1600 SSS-E
0%
Nissan Violet Rally Car (A10)
0%
Dodge Viper ACR (1999)
0%
Dodge Viper ACR (2016)
0%
Dodge Viper GTS-R
0%
Dodge Viper GTS-R Concept
0%
Dodge Viper RT/10
0%
Dodge Viper SRT-10 ACR
0%
Dodge Viper SRT-10 ACR X
0%
Dodge Viper TA
0%
Citroën Visa 1000 pistes
0%
Citroën Visa Chrono
0%
Citroën Visa GTi
0%
Citroën Visa Lotus
0%
Citroën Visa Trophee
0%
Alfa Romeo Visconti
0%
Alpine Vision Concept
0%
Hyundai Vision G Coupe
0%
Alpine Vision Gran Turismo
0%
Mitsubishi Vision Ralliart
0%
Ford Visos
0%
Oldsmobile Vista Cruiser
0%
Suzuki Vitara (1995)
0%
Suzuki Vitara (1998)
0%
Suzuki Vitara (2005)
0%
Suzuki Vitara S
0%
Subaru Vivio Bistro
0%
TVR Vixen S2
0%
Chevrolet Volt (2012)
0%
Chevrolet Volt (2016)
0%
Chevrolet Volt Concept
0%
Cadillac Voyage
0%
Saturn Vue (2002)
0%
Saturn Vue (2008)
0%
Saturn Vue Redline
0%
Aston Martin Vulcan
0%
Vauxhall VX220
0%
Vauxhall VX220 Turbo
0%
Vauxhall VX Lightning
0%
Vauxhall VXR220
0%
Vauxhall VXR8 Bathurst R
0%
Vauxhall VXR8 GTS
0%
Vauxhall VXR8 Tourer
0%
Volkswagen W12 Nardo
0%
Volkswagen W12 Roadster
0%
Volkswagen W12 Syncro
0%
Suzuki Wagon R
0%
Suzuki Wagon R Custom Z
0%
Suzuki Wagon R Stingray
0%
Buick Wildcat (1953)
0%
Buick Wildcat (1985)
0%
Buick Wildcat EV
0%
Buick Wildcat II
0%
Buick Wildcat III
0%
Renault Wind
0%
Renault Wind Concept
0%
Nissan Wingroad Aero Sport Limited (Y11)
0%
Nissan Wingroad (Y11)
0%
Subaru WRX S4 STI Sport# (VAB)
0%
Subaru WRX STI S207 (VAB)
0%
Subaru WRX STI S208 (VAB)
0%
Subaru WRX STI S209 (VAF)
0%
Subaru WRX STI Type RA-R (VAB)
0%
Subaru WRX STI Type RA (VAF)
0%
Chevrolet WTCC Ultra
0%
BMW X1 M35i xDrive (U11)
0%
BMW X1 xDrive23d (U11)
0%
BMW X1 xDrive23i (U11)
0%
BMW X2 M35i
0%
BMW X2 M35i xDrive (U10)
0%
BMW X2 sDrive18d (U10)
0%
BMW X3 35d
0%
Mercedes-Benz X350d
0%
BMW X3 M40d (G01)
0%
BMW X3 M40i
0%
BMW X3 M Competition (F97)
0%
BMW X3 xDrive 28d
0%
BMW X3 xDrive30d (G01)
0%
BMW X3 xDrive30e (G01)
0%
BMW X3 xDrive30i (G01)
0%
BMW X4 M40d (G02)
0%
BMW X4 M40i (G02)
0%
BMW X4 M Competition (F98)
0%
BMW X4 xDrive20d (G02)
0%
BMW X4 xDrive30d (G02)
0%
BMW X4 xDrive30i (G02)
0%
BMW X5 3.0d
0%
BMW X5 4.4i
0%
BMW X5 M50d
0%
BMW X5 M Competition (F95)
0%
BMW X5 xDrive30d (G05)
0%
BMW X5 xDrive40d
0%
BMW X5 xDrive40e
0%
BMW X5 xDrive45e
0%
BMW X5 xDrive50e (G05)
0%
BMW X6 50i
0%
BMW X6 M50i Black Vermillion
0%
BMW X6 M60i xDrive (G06)
0%
BMW X6 M Competition (F96)
0%
BMW X6 xDrive30d (G06)
0%
BMW X6 xDrive40i
0%
BMW X7 M50d
0%
BMW X7 M50i Dark Shadow Edition
0%
BMW X7 M60i xDrive (G07)
0%
BMW X7 xDrive40d (G07)
0%
BMW X7 xDrive40i (G07)
0%
Suzuki X-90
0%
Citroën Xantia 4x4 Turbo
0%
Citroën Xantia Activa V6
0%
Citroën Xantia VSX
0%
Suzuki XBee
0%
KTM X-Bow GT
0%
KTM X-Bow GT2
0%
KTM X-Bow GT4
0%
KTM X-Bow GTX
0%
KTM X-Bow GT-XR
0%
KTM X-Bow R
0%
KTM X-Bow RR
0%
Volvo XC40 P8 AWD Recharge
0%
Volvo XC40 Recharge
0%
Volvo XC40 T5 AWD
0%
Volvo XC60 T6 AWD
0%
Volvo XC60 T6 Recharge
0%
Volvo XC60 T8
0%
Volvo XC70 AT
0%
Volvo XC70 D5 AWD (2006)
0%
Volvo XC70 D5 AWD (2010)
0%
Volvo XC70 T6 AWD
0%
Volvo XC90 PUV
0%
Volvo XC90 T5 AWD
0%
Volvo XC90 T6 AWD
0%
Volvo XC90 T8 Twin Engine
0%
Volvo XC90 V8
0%
Mazda Xedos 6 Touring Car
0%
Jaguar XE R-Dynamic S
0%
Jaguar XE S
0%
Jaguar XE SV Project 8
0%
Jaguar XFR-S Sportbrake
0%
Jaguar XJ13
0%
Jaguar XJ220
0%
Jaguar XJ220S TWR
0%
Jaguar XJ 3.0 V6
0%
Jaguar XJ 5.0 V8
0%
Jaguar XJ-C
0%
Jaguar XJR-15
0%
Jaguar XJR 575
0%
Jaguar XJR-9
0%
Jaguar XJR-S
0%
Jaguar XJS
0%
Jaguar XJS Trans-Am
0%
Jaguar XJS TWR
0%
Jaguar XJS V12 Convertible
0%
Jaguar XJ-S V12 Coupe
0%
Jaguar XK120
0%
Jaguar XK140
0%
Jaguar XK150
0%
Jaguar XK180 Concept
0%
Jaguar XK8
0%
Jaguar XK Convertible
0%
Jaguar XKR 100
0%
Jaguar XKR 175
0%
Jaguar XKR 4.2-S
0%
Jaguar XKR 75
0%
Jaguar XKR-R
0%
Jaguar XKR-S Convertible
0%
Jaguar XKR-S GT
0%
Jaguar XKSS
0%
Volkswagen XL1
0%
Volkswagen XL1 Concept
0%
Suzuki XL-7
0%
Cadillac XLR Roadster
0%
Cadillac XLR-V
0%
Volkswagen XL Sport
0%
Citroën XM 2.0i Turbo
0%
BMW XM Label Red (G09)
0%
Citroën XM V6 24V
0%
Plymouth XNR
0%
Buick XP2000
0%
Buick XP-300
0%
Chevrolet XP-897 GT
0%
Citroën Xsara 1.8i 16V
0%
Citroën Xsara Kit Car
0%
Citroën Xsara Picasso
0%
Citroën Xsara VTS
0%
Citroën Xsara WRC
0%
Cadillac XT4
0%
Cadillac XT5
0%
Cadillac XT6
0%
Nissan Xterra Off-Road (N50)
0%
Nissan Xterra SE S/C (WD22)
0%
Nissan Xterra (WD22)
0%
Nissan X-Trail (2001)
0%
Nissan X-Trail (2010)
0%
Nissan X-Trail (2016)
0%
Nissan X-Trail Crawler Concept
0%
Nissan X-Trail e-Power (T33)
0%
Nissan X-Trail GT (T30)
0%
Nissan X-Trail (T33)
0%
Cadillac XTS FWD
0%
Cadillac XTS Platinum Concept
0%
Subaru XT Turbo
0%
Jaguar X-Type 3.0 V6 AWD
0%
Subaru XV Crosstrek
0%
Subaru XV (GT)
0%
Vauxhall XVR
0%
Lancia Y10
0%
Škoda Yeti 1.8 TSI 4x4
0%
Škoda Yeti 2.0 TDI 4x4
0%
Buick Y-Job
0%
Mitsuoka Yuga
0%
GMC Yukon Denali (2000)
0%
GMC Yukon Denali (2004)
0%
GMC Yukon Denali (2010)
0%
GMC Yukon XL
0%
GMC Yukon XL Denali (2014)
0%
GMC Yukon XL Denali (2015)
0%
GMC Yukon XL Denali (2021)
0%
BMW Z1
0%
BMW Z3 2.2i
0%
BMW Z4 3.0si
0%
BMW Z4 GT3 (E89)
0%
BMW Z4 GTLM (E89)
0%
BMW Z4 M40i 3.0i
0%
BMW Z4 M40i Handschalter Pack (G29)
0%
BMW Z4M Coupe
0%
BMW Z4 sDrive18i
0%
BMW Z4 sDrive20i
0%
BMW Z4 sDrive28i
0%
BMW Z4 sDrive30i
0%
BMW Z8
0%
Vauxhall Zafira VXR
0%
Bristol Zagato 406S
0%
Acura ZDX
0%
Renault Z.E.16
0%
Lincoln Zephyr
0%
Lincoln Zephyr Reflection
0%
Mitsuoka Zero1 1.6
0%
Mitsuoka Zero1 1.8
0%
Mitsuoka Zero1 Classic Type F
0%
Nissan Z GT4 (RZ34)
0%
Nissan Z GT500 Test Car #230
0%
Renault Zoe City Car Concept
0%
Renault Zoe e-Sport
0%
Renault Zoe R135
0%
Renault Zoe Van R110
0%
Renault Zoe Z.E
0%
Pagani Zonda 760RS
0%
Pagani Zonda C12
0%
Pagani Zonda Cinque Roadster
0%
Pagani Zonda F Clubsport
0%
Pagani Zonda HP Barchetta
0%
Pagani Zonda Revolución
0%
Pagani Zonda Roadster
0%
Pagani Zonda Roadster F
0%
Pagani Zonda S
0%
Pagani Zonda S 7.3
0%
Nissan Z Performance (RZ34)
0%
Nissan Z Proto
0%
Citroën ZX Rallye Raid
0%
Citroën ZX Volcane TD
0%
No matching quizzes found
Score Distribution
Percent of People with Each Score
Percentile by Number Answered
Your Score History
You have not taken this quiz